{"text_format":"3","workbook":"xlsx","n_sheets":17,"sheets":["部门财务收支预算总表01-1","部门收入预算表01-2","部门支出预算表01-3","部门财政拨款收支预算总表02-1","一般公共预算支出预算表02-2","一般公共预算“三公”经费支出预算表03","部门基本支出预算表04","部门项目支出预算表05-1","部门项目支出绩效目标表05-2","部门政府性基金预算表06","部门政府采购预算表07","部门政府购买服务预算表08","省对下转移支付预算表09-1","省对下转移支付绩效目标表09-2","新增资产配置表10","中央转移支付补助项目支出预算表11","部门项目支出中期规划预算表12"],"read":"whole","date_system":"1900"}

{"sheet":"部门财务收支预算总表01-1","index":0,"n_rows":21,"n_cols":4,"rows_kept":21,"merged":[[1,0,1,3],[2,0,2,1],[3,0,3,1],[3,2,3,3],[4,0,5,0],[4,1,5,1],[4,2,5,2],[4,3,5,3]]}
[{"$nulls":3},"预算01-1表"]
["2026年部门财务收支预算总表"]
[{"$f":"\"单位名称：\"&\"昆明医科大学第一附属医院\"","v":"单位名称：昆明医科大学第一附属医院"},null,null,"单位:元"]
["收        入",null,"支        出"]
["项      目","预算数","项目（按功能分类）","预算数"]
[]
["一、一般公共预算拨款收入",{"v":197489438.43,"d":"197,489,438.43"},{"$f":"\"一\"&\"、\"&\"科学技术支出\"","v":"一、科学技术支出"},{"v":51168964.55,"d":"51,168,964.55"}]
["二、政府性基金预算拨款收入",null,{"$f":"\"二\"&\"、\"&\"社会保障和就业支出\"","v":"二、社会保障和就业支出"},{"v":75442881.26,"d":"75,442,881.26"}]
["三、国有资本经营预算拨款收入",null,{"$f":"\"三\"&\"、\"&\"卫生健康支出\"","v":"三、卫生健康支出"},{"v":5527947500.21,"d":"5,527,947,500.21"}]
["四、财政专户管理资金收入",null,{"$f":"\"四\"&\"、\"&\"住房保障支出\"","v":"四、住房保障支出"},{"v":97560000,"d":"97,560,000.00"}]
["五、单位资金",{"v":5173749300.59,"d":"5,173,749,300.59"}]
["1、事业收入",{"v":5075756450,"d":"5,075,756,450.00"}]
["2、事业单位经营收入"]
["3、上级补助收入"]
["4、附属单位上缴收入"]
["5、其他收入",{"v":97992850.59,"d":"97,992,850.59"}]
["本年收入合计",{"v":5371238739.02,"d":"5,371,238,739.02"},"本年支出合计",{"v":5752119346.02,"d":"5,752,119,346.02"}]
["上年结转结余",{"v":380880607,"d":"380,880,607.00"},"年终结转结余"]
["1、财政拨款结转结余",{"v":380880607,"d":"380,880,607.00"},"1、财政拨款结转结余"]
["2、非财政拨款结余",null,"2、非财政拨款结余"]
["收  入  总  计",{"v":5752119346.02,"d":"5,752,119,346.02"},"支 出 总 计",{"v":5752119346.02,"d":"5,752,119,346.02"}]

{"sheet":"部门收入预算表01-2","index":1,"n_rows":9,"n_cols":19,"rows_kept":9,"merged":[[0,17,0,18],[1,0,1,18],[2,0,2,3],[2,17,2,18],[3,0,5,0],[3,1,5,1],[3,2,5,2],[3,3,3,13],[3,14,3,18],[4,3,5,3],[4,4,5,4],[4,5,5,5],[4,6,5,6],[4,7,5,7],[4,8,4,13],[4,14,5,14],[4,15,5,15],[4,16,5,16],[4,17,5,17],[4,18,5,18]]}
[{"$nulls":17},"预算01-2表"]
["2026年部门收入预算表"]
[{"$f":"\"单位名称：\"&\"昆明医科大学第一附属医院\"","v":"单位名称：昆明医科大学第一附属医院"},{"$nulls":16},"单位:元","单位:元"]
["部门（单位）代码","部门（单位）名称","合计","本年收入",{"$nulls":10},"上年结转结余"]
[{"$nulls":3},"小计","一般公共预算","政府性基金预算","国有资本经营预算","财政专户管理资金","单位资金收入",null,"事业单位经营收入","上级补助收入","附属单位上缴收入","其他收入","小计","一般公共预算","政府性基金预算","国有资本经营预算","非财政拨款结余"]
[{"$nulls":8},"小计","事业收入","事业单位经营收入","上级补助收入","附属单位上缴收入","其他收入"]
[1,2,3,4,5,6,7,8,9,10,11,12,13,14,15,16,17,18,19]
["131017","昆明医科大学第一附属医院",{"v":5752119346.02,"d":"5,752,119,346.02"},{"v":5371238739.02,"d":"5,371,238,739.02"},{"v":197489438.43,"d":"197,489,438.43"},{"$nulls":3},{"v":5173749300.59,"d":"5,173,749,300.59"},{"v":5075756450,"d":"5,075,756,450.00"},{"$nulls":3},{"v":97992850.59,"d":"97,992,850.59"},{"v":380880607,"d":"380,880,607.00"},{"v":380880607,"d":"380,880,607.00"}]
["合计",null,{"v":5752119346.02,"d":"5,752,119,346.02"},{"v":5371238739.02,"d":"5,371,238,739.02"},{"v":197489438.43,"d":"197,489,438.43"},{"$nulls":3},{"v":5173749300.59,"d":"5,173,749,300.59"},{"v":5075756450,"d":"5,075,756,450.00"},{"$nulls":3},{"v":97992850.59,"d":"97,992,850.59"},{"v":380880607,"d":"380,880,607.00"},{"v":380880607,"d":"380,880,607.00"}]

{"sheet":"部门支出预算表01-3","index":2,"n_rows":39,"n_cols":15,"rows_kept":39,"merged":[[1,0,1,14],[2,0,2,11],[3,0,4,0],[3,1,4,1],[3,2,4,2],[3,3,3,5],[3,6,4,6],[3,7,4,7],[3,8,4,8],[3,9,3,14],[38,0,38,1]]}
[{"$nulls":14},"预算01-3表"]
["2026年部门支出预算表"]
[{"$f":"\"单位名称：\"&\"昆明医科大学第一附属医院\"","v":"单位名称：昆明医科大学第一附属医院"},{"$nulls":13},"单位:元"]
["科目编码","科目名称","合计","一般公共预算",null,null,"政府性基金预算","国有资本经营预算","财政专户管理的支出","单位资金","事业支出","事业单位\n经营支出","上级补助支出","附属单位补助支出","其他支出"]
[{"$nulls":3},"小计","基本支出","项目支出",{"$nulls":3},"小计","事业支出","事业单位\n经营支出","上级补助支出","附属单位补助支出","其他支出"]
[1,2,3,4,5,6,7,8,9,10,11,12,13,14,15]
["206","科学技术支出",{"v":51168964.55,"d":"51,168,964.55"},{"v":51168964.55,"d":"51,168,964.55"},null,{"v":51168964.55,"d":"51,168,964.55"}]
["20602","基础研究",{"v":7123021.25,"d":"7,123,021.25"},{"v":7123021.25,"d":"7,123,021.25"},null,{"v":7123021.25,"d":"7,123,021.25"}]
["2060204","实验室及相关设施",{"v":1949509,"d":"1,949,509.00"},{"v":1949509,"d":"1,949,509.00"},null,{"v":1949509,"d":"1,949,509.00"}]
["2060206","专项基础科研",{"v":2512435.62,"d":"2,512,435.62"},{"v":2512435.62,"d":"2,512,435.62"},null,{"v":2512435.62,"d":"2,512,435.62"}]
["2060208","科技人才队伍建设",{"v":2661076.63,"d":"2,661,076.63"},{"v":2661076.63,"d":"2,661,076.63"},null,{"v":2661076.63,"d":"2,661,076.63"}]
["20605","科技条件与服务",{"v":440624.53,"d":"440,624.53"},{"v":440624.53,"d":"440,624.53"},null,{"v":440624.53,"d":"440,624.53"}]
["2060503","科技条件专项",{"v":440624.53,"d":"440,624.53"},{"v":440624.53,"d":"440,624.53"},null,{"v":440624.53,"d":"440,624.53"}]
["20609","科技重大项目",{"v":43605318.77,"d":"43,605,318.77"},{"v":43605318.77,"d":"43,605,318.77"},null,{"v":43605318.77,"d":"43,605,318.77"}]
["2060902","重点研发计划",{"v":43605318.77,"d":"43,605,318.77"},{"v":43605318.77,"d":"43,605,318.77"},null,{"v":43605318.77,"d":"43,605,318.77"}]
["208","社会保障和就业支出",{"v":75442881.26,"d":"75,442,881.26"},{"v":6427491.12,"d":"6,427,491.12"},{"v":956649.86,"d":"956,649.86"},{"v":5470841.26,"d":"5,470,841.26"},{"$nulls":3},{"v":69015390.14,"d":"69,015,390.14"},{"v":69015390.14,"d":"69,015,390.14"}]
["20801","人力资源和社会保障管理事务",{"v":5470841.26,"d":"5,470,841.26"},{"v":5470841.26,"d":"5,470,841.26"},null,{"v":5470841.26,"d":"5,470,841.26"}]
["2080115","博士后日常经费",{"v":381896.75,"d":"381,896.75"},{"v":381896.75,"d":"381,896.75"},null,{"v":381896.75,"d":"381,896.75"}]
["2080116","引进人才费用",{"v":5088944.51,"d":"5,088,944.51"},{"v":5088944.51,"d":"5,088,944.51"},null,{"v":5088944.51,"d":"5,088,944.51"}]
["20805","行政事业单位养老支出",{"v":68392040,"d":"68,392,040.00"},{"v":665640,"d":"665,640.00"},{"v":665640,"d":"665,640.00"},{"$nulls":4},{"v":67726400,"d":"67,726,400.00"},{"v":67726400,"d":"67,726,400.00"}]
["2080502","事业单位离退休",{"v":4792040,"d":"4,792,040.00"},{"v":665640,"d":"665,640.00"},{"v":665640,"d":"665,640.00"},{"$nulls":4},{"v":4126400,"d":"4,126,400.00"},{"v":4126400,"d":"4,126,400.00"}]
["2080505","机关事业单位基本养老保险缴费支出",{"v":42400000,"d":"42,400,000.00"},{"$nulls":6},{"v":42400000,"d":"42,400,000.00"},{"v":42400000,"d":"42,400,000.00"}]
["2080506","机关事业单位职业年金缴费支出",{"v":21200000,"d":"21,200,000.00"},{"$nulls":6},{"v":21200000,"d":"21,200,000.00"},{"v":21200000,"d":"21,200,000.00"}]
["20899","其他社会保障和就业支出",{"v":1580000,"d":"1,580,000.00"},{"v":291009.86,"d":"291,009.86"},{"v":291009.86,"d":"291,009.86"},{"$nulls":4},{"v":1288990.14,"d":"1,288,990.14"},{"v":1288990.14,"d":"1,288,990.14"}]
["2089999","其他社会保障和就业支出",{"v":1580000,"d":"1,580,000.00"},{"v":291009.86,"d":"291,009.86"},{"v":291009.86,"d":"291,009.86"},{"$nulls":4},{"v":1288990.14,"d":"1,288,990.14"},{"v":1288990.14,"d":"1,288,990.14"}]
["210","卫生健康支出",{"v":5527947500.21,"d":"5,527,947,500.21"},{"v":520773589.76,"d":"520,773,589.76"},{"v":165699888.57,"d":"165,699,888.57"},{"v":355073701.19,"d":"355,073,701.19"},{"$nulls":3},{"v":5007173910.45,"d":"5,007,173,910.45"},{"v":4909181059.86,"d":"4,909,181,059.86"},{"$nulls":3},{"v":97992850.59,"d":"97,992,850.59"}]
["21002","公立医院",{"v":5461966038.63,"d":"5,461,966,038.63"},{"v":492135953.61,"d":"492,135,953.61"},{"v":138632943,"d":"138,632,943.00"},{"v":353503010.61,"d":"353,503,010.61"},{"$nulls":3},{"v":4969830085.02,"d":"4,969,830,085.02"},{"v":4871837234.43,"d":"4,871,837,234.43"},{"$nulls":3},{"v":97992850.59,"d":"97,992,850.59"}]
["2100201","综合医院",{"v":5461966038.63,"d":"5,461,966,038.63"},{"v":492135953.61,"d":"492,135,953.61"},{"v":138632943,"d":"138,632,943.00"},{"v":353503010.61,"d":"353,503,010.61"},{"$nulls":3},{"v":4969830085.02,"d":"4,969,830,085.02"},{"v":4871837234.43,"d":"4,871,837,234.43"},{"$nulls":3},{"v":97992850.59,"d":"97,992,850.59"}]
["21004","公共卫生",{"v":1570690.58,"d":"1,570,690.58"},{"v":1570690.58,"d":"1,570,690.58"},null,{"v":1570690.58,"d":"1,570,690.58"}]
["2100408","基本公共卫生服务",{"v":718306,"d":"718,306.00"},{"v":718306,"d":"718,306.00"},null,{"v":718306,"d":"718,306.00"}]
["2100409","重大公共卫生服务",{"v":852384.58,"d":"852,384.58"},{"v":852384.58,"d":"852,384.58"},null,{"v":852384.58,"d":"852,384.58"}]
["21011","行政事业单位医疗",{"v":64410771,"d":"64,410,771.00"},{"v":27066945.57,"d":"27,066,945.57"},{"v":27066945.57,"d":"27,066,945.57"},{"$nulls":4},{"v":37343825.43,"d":"37,343,825.43"},{"v":37343825.43,"d":"37,343,825.43"}]
["2101102","事业单位医疗",{"v":37909380,"d":"37,909,380.00"},{"v":15259872.92,"d":"15,259,872.92"},{"v":15259872.92,"d":"15,259,872.92"},{"$nulls":4},{"v":22649507.08,"d":"22,649,507.08"},{"v":22649507.08,"d":"22,649,507.08"}]
["2101103","公务员医疗补助",{"v":25200000,"d":"25,200,000.00"},{"v":10505681.65,"d":"10,505,681.65"},{"v":10505681.65,"d":"10,505,681.65"},{"$nulls":4},{"v":14694318.35,"d":"14,694,318.35"},{"v":14694318.35,"d":"14,694,318.35"}]
["2101199","其他行政事业单位医疗支出",{"v":1301391,"d":"1,301,391.00"},{"v":1301391,"d":"1,301,391.00"},{"v":1301391,"d":"1,301,391.00"}]
["221","住房保障支出",{"v":97560000,"d":"97,560,000.00"},{"$nulls":6},{"v":97560000,"d":"97,560,000.00"},{"v":97560000,"d":"97,560,000.00"}]
["22102","住房改革支出",{"v":97560000,"d":"97,560,000.00"},{"$nulls":6},{"v":97560000,"d":"97,560,000.00"},{"v":97560000,"d":"97,560,000.00"}]
["2210201","住房公积金",{"v":97560000,"d":"97,560,000.00"},{"$nulls":6},{"v":97560000,"d":"97,560,000.00"},{"v":97560000,"d":"97,560,000.00"}]
["合  计","合  计",{"v":5752119346.02,"d":"5,752,119,346.02"},{"v":578370045.43,"d":"578,370,045.43"},{"v":166656538.43,"d":"166,656,538.43"},{"v":411713507,"d":"411,713,507.00"},{"$nulls":3},{"v":5173749300.59,"d":"5,173,749,300.59"},{"v":5075756450,"d":"5,075,756,450.00"},{"$nulls":3},{"v":97992850.59,"d":"97,992,850.59"}]

{"sheet":"部门财政拨款收支预算总表02-1","index":3,"n_rows":16,"n_cols":4,"rows_kept":16,"merged":[[1,0,1,3],[2,0,2,1],[3,0,3,1],[3,2,3,3],[4,0,5,0],[4,1,5,1],[4,2,5,2],[4,3,5,3]]}
[{"$nulls":3},"预算02-1表"]
["2026年财政拨款收支预算总表"]
[{"$f":"\"单位名称：\"&\"昆明医科大学第一附属医院\"","v":"单位名称：昆明医科大学第一附属医院"},null,null,"单位:元"]
["收        入",null,"支        出"]
["项      目","预算数","支出功能分类科目","预算数"]
[]
["一、本年收入",{"v":197489438.43,"d":"197,489,438.43"},"一、本年支出",{"v":578370045.43,"d":"578,370,045.43"}]
["（一）一般公共预算拨款",{"v":197489438.43,"d":"197,489,438.43"},{"$f":"\"（一）\"&\"科学技术支出\"","v":"（一）科学技术支出"},{"v":51168964.55,"d":"51,168,964.55"}]
["（二）政府性基金预算拨款",null,{"$f":"\"（二）\"&\"社会保障和就业支出\"","v":"（二）社会保障和就业支出"},{"v":6427491.12,"d":"6,427,491.12"}]
["（三）国有资本经营预算拨款",null,{"$f":"\"（三）\"&\"卫生健康支出\"","v":"（三）卫生健康支出"},{"v":520773589.76,"d":"520,773,589.76"}]
["二、上年结转",{"v":380880607,"d":"380,880,607.00"},{"$f":"\"（四）\"&\"住房保障支出\"","v":"（四）住房保障支出"}]
["（一）一般公共预算拨款",{"v":380880607,"d":"380,880,607.00"}]
["（二）政府性基金预算拨款"]
["（三）国有资本经营预算拨款"]
[null,null,"二、年终结转结余"]
["收 入 总 计",{"v":578370045.43,"d":"578,370,045.43"},"支 出 总 计",{"v":578370045.43,"d":"578,370,045.43"}]

{"sheet":"一般公共预算支出预算表02-2","index":4,"n_rows":21,"n_cols":7,"rows_kept":21,"merged":[[1,0,1,6],[2,0,2,4],[3,0,3,1],[3,2,4,2],[3,3,3,5],[3,6,4,6],[20,0,20,1]]}
[{"$nulls":6},"预算02-2表"]
["2026年一般公共预算支出预算表（按功能科目分类）"]
[{"$f":"\"单位名称：\"&\"昆明医科大学第一附属医院\"","v":"单位名称：昆明医科大学第一附属医院"},{"$nulls":5},"单位:元"]
["部门预算支出功能分类科目",null,"合计","基本支出",null,null,"项目支出"]
["科目编码","科目名称",null,"小计","人员经费","公用经费"]
["1","2","3",null,"4","5","6"]
["208","社会保障和就业支出",{"v":4984649.86,"d":"4,984,649.86"},{"v":956649.86,"d":"956,649.86"},{"v":291009.86,"d":"291,009.86"},{"v":665640,"d":"665,640.00"},{"v":4028000,"d":"4,028,000.00"}]
["20801","人力资源和社会保障管理事务",{"v":4028000,"d":"4,028,000.00"},{"$nulls":3},{"v":4028000,"d":"4,028,000.00"}]
["2080116","引进人才费用",{"v":4028000,"d":"4,028,000.00"},{"$nulls":3},{"v":4028000,"d":"4,028,000.00"}]
["20805","行政事业单位养老支出",{"v":665640,"d":"665,640.00"},{"v":665640,"d":"665,640.00"},null,{"v":665640,"d":"665,640.00"}]
["2080502","事业单位离退休",{"v":665640,"d":"665,640.00"},{"v":665640,"d":"665,640.00"},null,{"v":665640,"d":"665,640.00"}]
["20899","其他社会保障和就业支出",{"v":291009.86,"d":"291,009.86"},{"v":291009.86,"d":"291,009.86"},{"v":291009.86,"d":"291,009.86"}]
["2089999","其他社会保障和就业支出",{"v":291009.86,"d":"291,009.86"},{"v":291009.86,"d":"291,009.86"},{"v":291009.86,"d":"291,009.86"}]
["210","卫生健康支出",{"v":192504788.57,"d":"192,504,788.57"},{"v":165699888.57,"d":"165,699,888.57"},{"v":165699888.57,"d":"165,699,888.57"},null,{"v":26804900,"d":"26,804,900.00"}]
["21002","公立医院",{"v":165437843,"d":"165,437,843.00"},{"v":138632943,"d":"138,632,943.00"},{"v":138632943,"d":"138,632,943.00"},null,{"v":26804900,"d":"26,804,900.00"}]
["2100201","综合医院",{"v":165437843,"d":"165,437,843.00"},{"v":138632943,"d":"138,632,943.00"},{"v":138632943,"d":"138,632,943.00"},null,{"v":26804900,"d":"26,804,900.00"}]
["21011","行政事业单位医疗",{"v":27066945.57,"d":"27,066,945.57"},{"v":27066945.57,"d":"27,066,945.57"},{"v":27066945.57,"d":"27,066,945.57"}]
["2101102","事业单位医疗",{"v":15259872.92,"d":"15,259,872.92"},{"v":15259872.92,"d":"15,259,872.92"},{"v":15259872.92,"d":"15,259,872.92"}]
["2101103","公务员医疗补助",{"v":10505681.65,"d":"10,505,681.65"},{"v":10505681.65,"d":"10,505,681.65"},{"v":10505681.65,"d":"10,505,681.65"}]
["2101199","其他行政事业单位医疗支出",{"v":1301391,"d":"1,301,391.00"},{"v":1301391,"d":"1,301,391.00"},{"v":1301391,"d":"1,301,391.00"}]
["合  计","合  计",{"v":197489438.43,"d":"197,489,438.43"},{"v":166656538.43,"d":"166,656,538.43"},{"v":165990898.43,"d":"165,990,898.43"},{"v":665640,"d":"665,640.00"},{"v":30832900,"d":"30,832,900.00"}]

{"sheet":"一般公共预算“三公”经费支出预算表03","index":5,"n_rows":9,"n_cols":6,"rows_kept":9,"merged":[[1,0,1,5],[2,0,2,3],[3,0,4,0],[3,1,4,1],[3,2,3,4],[3,5,4,5]]}
[{"$nulls":5},"预算03表"]
["2026年一般公共预算“三公”经费支出预算表"]
[{"$f":"\"单位名称：\"&\"昆明医科大学第一附属医院\"","v":"单位名称：昆明医科大学第一附属医院"},{"$nulls":4},"单位：元"]
["“三公”经费合计","因公出国（境）费","公务用车购置及运行费",null,null,"公务接待费"]
[null,null,"小计","公务用车购置费","公务用车运行费"]
[1,2,3,4,5,6]
[]
[]
["注：昆明医科大学第一附属医院不涉及一般公共预算“三公”经费"]

{"sheet":"部门基本支出预算表04","index":6,"n_rows":44,"n_cols":23,"rows_kept":44,"merged":[[1,0,1,22],[2,0,2,6],[3,0,6,0],[3,1,6,1],[3,2,6,2],[3,3,6,3],[3,4,6,4],[3,5,6,5],[3,6,6,6],[3,7,3,22],[4,7,6,7],[4,8,4,12],[4,13,4,15],[4,16,6,16],[4,17,4,22],[5,8,6,8],[5,9,6,9],[5,10,6,10],[5,11,6,11],[5,12,6,12],[5,13,6,13],[5,14,6,14],[5,15,6,15],[5,17,6,17],[5,18,6,18],[5,19,6,19],[5,20,6,20],[5,21,6,21],[5,22,6,22],[43,0,43,6]]}
[{"$nulls":22},"预算04表"]
["2026年部门基本支出预算表"]
[{"$f":"\"单位名称：\"&\"昆明医科大学第一附属医院\"","v":"单位名称：昆明医科大学第一附属医院"},{"$nulls":21},"单位：元"]
["单位名称","项目代码","项目名称","功能科目编码","功能科目名称","经济科目编码","经济科目名称","资金来源"]
[{"$nulls":7},"合计","一般公共预算",{"$nulls":4},"财政拨款结转结余",null,null,"财政专户管理资金","单位资金"]
[{"$nulls":8},"全年数","已提前安排","抵扣上年垫付资金","本次下达","另文下达","一般公共预算","政府性基金预算","国有资本经营预算",null,"小计","事业收入","事业单位\n经营收入","上级补助收入","附属单位上缴收入","其他收入"]
[]
[1,2,3,4,5,6,7,8,9,10,11,12,13,14,15,16,17,18,19,20,21,22,23]
["昆明医科大学第一附属医院",{"$nulls":6},{"v":4557810129.52,"d":"4,557,810,129.52"},{"v":166656538.43,"d":"166,656,538.43"},{"v":42506469.36,"d":"42,506,469.36"},{"v":534834,"d":"534,834.00"},{"v":123615235.07,"d":"123,615,235.07"},{"$nulls":5},{"v":4391153591.09,"d":"4,391,153,591.09"},{"v":4391153591.09,"d":"4,391,153,591.09"}]
["昆明医科大学第一附属医院","530000210000000040760","事业人员支出工资","2100201","综合医院","30101","基本工资",{"v":117300000,"d":"117,300,000.00"},{"v":109885860,"d":"109,885,860.00"},{"v":27353891.5,"d":"27,353,891.50"},{"v":470294,"d":"470,294.00"},{"v":82061674.5,"d":"82,061,674.50"},{"$nulls":5},{"v":7414140,"d":"7,414,140.00"},{"v":7414140,"d":"7,414,140.00"}]
["昆明医科大学第一附属医院","530000210000000040760","事业人员支出工资","2100201","综合医院","30102","津贴补贴",{"v":212000,"d":"212,000.00"},{"v":57228,"d":"57,228.00"},{"v":14259.5,"d":"14,259.50"},{"v":190,"d":"190.00"},{"v":42778.5,"d":"42,778.50"},{"$nulls":5},{"v":154772,"d":"154,772.00"},{"v":154772,"d":"154,772.00"}]
["昆明医科大学第一附属医院","530000210000000040760","事业人员支出工资","2100201","综合医院","30103","奖金",{"v":9157155,"d":"9,157,155.00"},{"v":9157155,"d":"9,157,155.00"},{"v":2289288.75,"d":"2,289,288.75"},null,{"v":6867866.25,"d":"6,867,866.25"}]
["昆明医科大学第一附属医院","530000210000000040760","事业人员支出工资","2100201","综合医院","30107","绩效工资",{"v":594741857.92,"d":"594,741,857.92"},{"v":19532700,"d":"19,532,700.00"},{"v":4867087.5,"d":"4,867,087.50"},{"v":64350,"d":"64,350.00"},{"v":14601262.5,"d":"14,601,262.50"},{"$nulls":5},{"v":575209157.92,"d":"575,209,157.92"},{"v":575209157.92,"d":"575,209,157.92"}]
["昆明医科大学第一附属医院","530000210000000040761","社会保障缴费","2080505","机关事业单位基本养老保险缴费支出","30108","机关事业单位基本养老保险缴费",{"v":42400000,"d":"42,400,000.00"},{"$nulls":9},{"v":42400000,"d":"42,400,000.00"},{"v":42400000,"d":"42,400,000.00"}]
["昆明医科大学第一附属医院","530000210000000040761","社会保障缴费","2089999","其他社会保障和就业支出","30112","其他社会保障缴费",{"v":1580000,"d":"1,580,000.00"},{"v":291009.86,"d":"291,009.86"},{"v":72752.47,"d":"72,752.47"},null,{"v":218257.39,"d":"218,257.39"},{"$nulls":5},{"v":1288990.14,"d":"1,288,990.14"},{"v":1288990.14,"d":"1,288,990.14"}]
["昆明医科大学第一附属医院","530000210000000040761","社会保障缴费","2101102","事业单位医疗","30110","职工基本医疗保险缴费",{"v":37200000,"d":"37,200,000.00"},{"v":14550492.92,"d":"14,550,492.92"},{"v":3637623.23,"d":"3,637,623.23"},null,{"v":10912869.69,"d":"10,912,869.69"},{"$nulls":5},{"v":22649507.08,"d":"22,649,507.08"},{"v":22649507.08,"d":"22,649,507.08"}]
["昆明医科大学第一附属医院","530000210000000040761","社会保障缴费","2101102","事业单位医疗","30307","医疗费补助",{"v":709380,"d":"709,380.00"},{"v":709380,"d":"709,380.00"},{"v":177345,"d":"177,345.00"},null,{"v":532035,"d":"532,035.00"}]
["昆明医科大学第一附属医院","530000210000000040761","社会保障缴费","2101103","公务员医疗补助","30111","公务员医疗补助缴费",{"v":25200000,"d":"25,200,000.00"},{"v":10505681.65,"d":"10,505,681.65"},{"v":2626420.41,"d":"2,626,420.41"},null,{"v":7879261.24,"d":"7,879,261.24"},{"$nulls":5},{"v":14694318.35,"d":"14,694,318.35"},{"v":14694318.35,"d":"14,694,318.35"}]
["昆明医科大学第一附属医院","530000210000000040761","社会保障缴费","2101199","其他行政事业单位医疗支出","30112","其他社会保障缴费",{"v":1301391,"d":"1,301,391.00"},{"v":1301391,"d":"1,301,391.00"},{"v":1301391,"d":"1,301,391.00"}]
["昆明医科大学第一附属医院","530000210000000040762","社会保障缴费（职业年金单位缴费）","2080506","机关事业单位职业年金缴费支出","30109","职业年金缴费",{"v":21200000,"d":"21,200,000.00"},{"$nulls":9},{"v":21200000,"d":"21,200,000.00"},{"v":21200000,"d":"21,200,000.00"}]
["昆明医科大学第一附属医院","530000210000000040763","住房公积金","2210201","住房公积金","30113","住房公积金",{"v":97560000,"d":"97,560,000.00"},{"$nulls":9},{"v":97560000,"d":"97,560,000.00"},{"v":97560000,"d":"97,560,000.00"}]
["昆明医科大学第一附属医院","530000210000000040764","对个人和家庭的补助","2100201","综合医院","30399","其他对个人和家庭的补助",{"v":33766624,"d":"33,766,624.00"},{"$nulls":9},{"v":33766624,"d":"33,766,624.00"},{"v":33766624,"d":"33,766,624.00"}]
["昆明医科大学第一附属医院","530000210000000040765","其他工资福利支出","2100201","综合医院","30199","其他工资福利支出",{"v":485326366.16,"d":"485,326,366.16"},{"$nulls":9},{"v":485326366.16,"d":"485,326,366.16"},{"v":485326366.16,"d":"485,326,366.16"}]
["昆明医科大学第一附属医院","530000210000000040766","公车购置及运维费","2100201","综合医院","30231","公务用车运行维护费",{"v":610000,"d":"610,000.00"},{"$nulls":9},{"v":610000,"d":"610,000.00"},{"v":610000,"d":"610,000.00"}]
["昆明医科大学第一附属医院","530000210000000040768","公务接待费","2100201","综合医院","30217","公务接待费",{"v":50000,"d":"50,000.00"},{"$nulls":9},{"v":50000,"d":"50,000.00"},{"v":50000,"d":"50,000.00"}]
["昆明医科大学第一附属医院","530000210000000040770","工会经费","2100201","综合医院","30228","工会经费",{"v":8236640,"d":"8,236,640.00"},{"$nulls":9},{"v":8236640,"d":"8,236,640.00"},{"v":8236640,"d":"8,236,640.00"}]
["昆明医科大学第一附属医院","530000210000000040771","一般公用经费","2080502","事业单位离退休","30299","其他商品和服务支出",{"v":4792040,"d":"4,792,040.00"},{"v":665640,"d":"665,640.00"},{"v":166410,"d":"166,410.00"},null,{"v":499230,"d":"499,230.00"},{"$nulls":5},{"v":4126400,"d":"4,126,400.00"},{"v":4126400,"d":"4,126,400.00"}]
["昆明医科大学第一附属医院","530000210000000040771","一般公用经费","2100201","综合医院","30201","办公费",{"v":998000,"d":"998,000.00"},{"$nulls":9},{"v":998000,"d":"998,000.00"},{"v":998000,"d":"998,000.00"}]
["昆明医科大学第一附属医院","530000210000000040771","一般公用经费","2100201","综合医院","30202","印刷费",{"v":157570,"d":"157,570.00"},{"$nulls":9},{"v":157570,"d":"157,570.00"},{"v":157570,"d":"157,570.00"}]
["昆明医科大学第一附属医院","530000210000000040771","一般公用经费","2100201","综合医院","30205","水费",{"v":8676000,"d":"8,676,000.00"},{"$nulls":9},{"v":8676000,"d":"8,676,000.00"},{"v":8676000,"d":"8,676,000.00"}]
["昆明医科大学第一附属医院","530000210000000040771","一般公用经费","2100201","综合医院","30206","电费",{"v":25110000,"d":"25,110,000.00"},{"$nulls":9},{"v":25110000,"d":"25,110,000.00"},{"v":25110000,"d":"25,110,000.00"}]
["昆明医科大学第一附属医院","530000210000000040771","一般公用经费","2100201","综合医院","30207","邮电费",{"v":2107120,"d":"2,107,120.00"},{"$nulls":9},{"v":2107120,"d":"2,107,120.00"},{"v":2107120,"d":"2,107,120.00"}]
["昆明医科大学第一附属医院","530000210000000040771","一般公用经费","2100201","综合医院","30209","物业管理费",{"v":5513100,"d":"5,513,100.00"},{"$nulls":9},{"v":5513100,"d":"5,513,100.00"},{"v":5513100,"d":"5,513,100.00"}]
["昆明医科大学第一附属医院","530000210000000040771","一般公用经费","2100201","综合医院","30211","差旅费",{"v":946450,"d":"946,450.00"},{"$nulls":9},{"v":946450,"d":"946,450.00"},{"v":946450,"d":"946,450.00"}]
["昆明医科大学第一附属医院","530000210000000040771","一般公用经费","2100201","综合医院","30213","维修（护）费",{"v":127957206,"d":"127,957,206.00"},{"$nulls":9},{"v":127957206,"d":"127,957,206.00"},{"v":127957206,"d":"127,957,206.00"}]
["昆明医科大学第一附属医院","530000210000000040771","一般公用经费","2100201","综合医院","30214","租赁费",{"v":430000,"d":"430,000.00"},{"$nulls":9},{"v":430000,"d":"430,000.00"},{"v":430000,"d":"430,000.00"}]
["昆明医科大学第一附属医院","530000210000000040771","一般公用经费","2100201","综合医院","30216","培训费",{"v":10921700,"d":"10,921,700.00"},{"$nulls":9},{"v":10921700,"d":"10,921,700.00"},{"v":10921700,"d":"10,921,700.00"}]
["昆明医科大学第一附属医院","530000210000000040771","一般公用经费","2100201","综合医院","30218","专用材料费",{"v":2465775165.63,"d":"2,465,775,165.63"},{"$nulls":9},{"v":2465775165.63,"d":"2,465,775,165.63"},{"v":2465775165.63,"d":"2,465,775,165.63"}]
["昆明医科大学第一附属医院","530000210000000040771","一般公用经费","2100201","综合医院","30225","专用燃料费",{"v":3900000,"d":"3,900,000.00"},{"$nulls":9},{"v":3900000,"d":"3,900,000.00"},{"v":3900000,"d":"3,900,000.00"}]
["昆明医科大学第一附属医院","530000210000000040771","一般公用经费","2100201","综合医院","30226","劳务费",{"v":2854600,"d":"2,854,600.00"},{"$nulls":9},{"v":2854600,"d":"2,854,600.00"},{"v":2854600,"d":"2,854,600.00"}]
["昆明医科大学第一附属医院","530000210000000040771","一般公用经费","2100201","综合医院","30227","委托业务费",{"v":79229959.63,"d":"79,229,959.63"},{"$nulls":9},{"v":79229959.63,"d":"79,229,959.63"},{"v":79229959.63,"d":"79,229,959.63"}]
["昆明医科大学第一附属医院","530000210000000040771","一般公用经费","2100201","综合医院","30240","税金及附加费用",{"v":14469100,"d":"14,469,100.00"},{"$nulls":9},{"v":14469100,"d":"14,469,100.00"},{"v":14469100,"d":"14,469,100.00"}]
["昆明医科大学第一附属医院","530000210000000040771","一般公用经费","2100201","综合医院","30299","其他商品和服务支出",{"v":327420704.18,"d":"327,420,704.18"},{"$nulls":9},{"v":327420704.18,"d":"327,420,704.18"},{"v":327420704.18,"d":"327,420,704.18"}]
["合  计",{"$nulls":6},{"v":4557810129.52,"d":"4,557,810,129.52"},{"v":166656538.43,"d":"166,656,538.43"},{"v":42506469.36,"d":"42,506,469.36"},{"v":534834,"d":"534,834.00"},{"v":123615235.07,"d":"123,615,235.07"},{"$nulls":5},{"v":4391153591.09,"d":"4,391,153,591.09"},{"v":4391153591.09,"d":"4,391,153,591.09"}]

{"sheet":"部门项目支出预算表05-1","index":7,"n_rows":238,"n_cols":23,"rows_kept":238,"merged":[[1,0,1,22],[2,0,2,8],[3,0,5,0],[3,1,5,1],[3,2,5,2],[3,3,5,3],[3,4,5,4],[3,5,5,5],[3,6,5,6],[3,7,5,7],[3,8,5,8],[3,9,3,12],[3,13,3,15],[3,16,5,16],[3,17,3,22],[4,9,4,10],[4,11,5,11],[4,12,5,12],[4,13,5,13],[4,14,5,14],[4,15,5,15],[4,17,5,17],[4,18,5,18],[4,19,5,19],[4,20,5,20],[4,21,5,21],[4,22,5,22],[237,0,237,7]]}
[{"$nulls":22},"预算05-1表"]
["2026年部门项目支出预算表"]
[{"$f":"\"单位名称：\"&\"昆明医科大学第一附属医院\"","v":"单位名称：昆明医科大学第一附属医院"},"单位名称：昆明医科大学第一附属医院",{"$nulls":20},"单位：元"]
["项目分类","项目代码","项目名称","项目单位","功能科目编码","功能科目名称","经济科目编码","经济科目名称","合计","本年拨款",{"$nulls":3},"财政拨款结转结余",null,null,"财政专户管理资金","单位资金"]
[{"$nulls":9},"一般公共预算",null,"政府性基金预算","国有资本经营预算","一般公共预算","政府性基金预算","国有资本经营预算",null,"小计","事业收入","事业单位\n经营收入","上级补助收入","附属单位上缴收入","其他收入"]
[{"$nulls":9},"小计","其中：本次下达"]
[1,2,3,4,5,6,7,8,9,10,11,12,13,14,15,16,17,18,19,20,21,22,23]
[null,null,"2024年第一批科技合作专项资金",{"$nulls":5},{"v":196953.56,"d":"196,953.56"},{"$nulls":4},{"v":196953.56,"d":"196,953.56"}]
["事业发展类","530000241100002754707","2024年第一批科技合作专项资金","昆明医科大学第一附属医院","2060902","重点研发计划","30216","培训费",{"v":26270.13,"d":"26,270.13"},{"$nulls":4},{"v":26270.13,"d":"26,270.13"}]
["事业发展类","530000241100002754707","2024年第一批科技合作专项资金","昆明医科大学第一附属医院","2060902","重点研发计划","30218","专用材料费",{"v":11491,"d":"11,491.00"},{"$nulls":4},{"v":11491,"d":"11,491.00"}]
["事业发展类","530000241100002754707","2024年第一批科技合作专项资金","昆明医科大学第一附属医院","2060902","重点研发计划","30226","劳务费",{"v":159192.43,"d":"159,192.43"},{"$nulls":4},{"v":159192.43,"d":"159,192.43"}]
[null,null,"2025第三批高层次科技人才培养引进专项资金",{"$nulls":5},{"v":442019,"d":"442,019.00"},{"$nulls":4},{"v":442019,"d":"442,019.00"}]
["事业发展类","530000251100004526281","2025第三批高层次科技人才培养引进专项资金","昆明医科大学第一附属医院","2060208","科技人才队伍建设","30216","培训费",{"v":32200,"d":"32,200.00"},{"$nulls":4},{"v":32200,"d":"32,200.00"}]
["事业发展类","530000251100004526281","2025第三批高层次科技人才培养引进专项资金","昆明医科大学第一附属医院","2060208","科技人才队伍建设","30218","专用材料费",{"v":252819,"d":"252,819.00"},{"$nulls":4},{"v":252819,"d":"252,819.00"}]
["事业发展类","530000251100004526281","2025第三批高层次科技人才培养引进专项资金","昆明医科大学第一附属医院","2060208","科技人才队伍建设","30226","劳务费",{"v":87000,"d":"87,000.00"},{"$nulls":4},{"v":87000,"d":"87,000.00"}]
["事业发展类","530000251100004526281","2025第三批高层次科技人才培养引进专项资金","昆明医科大学第一附属医院","2060208","科技人才队伍建设","30227","委托业务费",{"v":40000,"d":"40,000.00"},{"$nulls":4},{"v":40000,"d":"40,000.00"}]
["事业发展类","530000251100004526281","2025第三批高层次科技人才培养引进专项资金","昆明医科大学第一附属医院","2060208","科技人才队伍建设","30299","其他商品和服务支出",{"v":30000,"d":"30,000.00"},{"$nulls":4},{"v":30000,"d":"30,000.00"}]
[null,null,"2025年第二批高层次科技人才培养引进专项资金",{"$nulls":5},{"v":25500,"d":"25,500.00"},{"$nulls":4},{"v":25500,"d":"25,500.00"}]
["事业发展类","530000251100004342974","2025年第二批高层次科技人才培养引进专项资金","昆明医科大学第一附属医院","2060208","科技人才队伍建设","30216","培训费",{"v":15000,"d":"15,000.00"},{"$nulls":4},{"v":15000,"d":"15,000.00"}]
["事业发展类","530000251100004342974","2025年第二批高层次科技人才培养引进专项资金","昆明医科大学第一附属医院","2060208","科技人才队伍建设","30226","劳务费",{"v":10500,"d":"10,500.00"},{"$nulls":4},{"v":10500,"d":"10,500.00"}]
[null,null,"2025年第二批基础研究计划项目专项资金",{"$nulls":5},{"v":2488889.74,"d":"2,488,889.74"},{"$nulls":4},{"v":2488889.74,"d":"2,488,889.74"}]
["事业发展类","530000251100004349532","2025年第二批基础研究计划项目专项资金","昆明医科大学第一附属医院","2060206","专项基础科研","30216","培训费",{"v":113184.34,"d":"113,184.34"},{"$nulls":4},{"v":113184.34,"d":"113,184.34"}]
["事业发展类","530000251100004349532","2025年第二批基础研究计划项目专项资金","昆明医科大学第一附属医院","2060206","专项基础科研","30218","专用材料费",{"v":1196305.4,"d":"1,196,305.40"},{"$nulls":4},{"v":1196305.4,"d":"1,196,305.40"}]
["事业发展类","530000251100004349532","2025年第二批基础研究计划项目专项资金","昆明医科大学第一附属医院","2060206","专项基础科研","30226","劳务费",{"v":236700,"d":"236,700.00"},{"$nulls":4},{"v":236700,"d":"236,700.00"}]
["事业发展类","530000251100004349532","2025年第二批基础研究计划项目专项资金","昆明医科大学第一附属医院","2060206","专项基础科研","30227","委托业务费",{"v":782700,"d":"782,700.00"},{"$nulls":4},{"v":782700,"d":"782,700.00"}]
["事业发展类","530000251100004349532","2025年第二批基础研究计划项目专项资金","昆明医科大学第一附属医院","2060206","专项基础科研","30299","其他商品和服务支出",{"v":160000,"d":"160,000.00"},{"$nulls":4},{"v":160000,"d":"160,000.00"}]
[null,null,"2025年第二批科技合作专项资金",{"$nulls":5},{"v":915305.32,"d":"915,305.32"},{"$nulls":4},{"v":915305.32,"d":"915,305.32"}]
["事业发展类","530000251100004342425","2025年第二批科技合作专项资金","昆明医科大学第一附属医院","2060902","重点研发计划","30211","差旅费",559.16,{"$nulls":4},559.16]
["事业发展类","530000251100004342425","2025年第二批科技合作专项资金","昆明医科大学第一附属医院","2060902","重点研发计划","30216","培训费",{"v":336368.7,"d":"336,368.70"},{"$nulls":4},{"v":336368.7,"d":"336,368.70"}]
["事业发展类","530000251100004342425","2025年第二批科技合作专项资金","昆明医科大学第一附属医院","2060902","重点研发计划","30226","劳务费",{"v":231500,"d":"231,500.00"},{"$nulls":4},{"v":231500,"d":"231,500.00"}]
["事业发展类","530000251100004342425","2025年第二批科技合作专项资金","昆明医科大学第一附属医院","2060902","重点研发计划","30227","委托业务费",{"v":241377.46,"d":"241,377.46"},{"$nulls":4},{"v":241377.46,"d":"241,377.46"}]
["事业发展类","530000251100004342425","2025年第二批科技合作专项资金","昆明医科大学第一附属医院","2060902","重点研发计划","30299","其他商品和服务支出",{"v":105500,"d":"105,500.00"},{"$nulls":4},{"v":105500,"d":"105,500.00"}]
[null,null,"2025年第三批科技合作专项资金",{"$nulls":5},{"v":2580000,"d":"2,580,000.00"},{"$nulls":4},{"v":2580000,"d":"2,580,000.00"}]
["事业发展类","530000251100004520975","2025年第三批科技合作专项资金","昆明医科大学第一附属医院","2060902","重点研发计划","30211","差旅费",{"v":210000,"d":"210,000.00"},{"$nulls":4},{"v":210000,"d":"210,000.00"}]
["事业发展类","530000251100004520975","2025年第三批科技合作专项资金","昆明医科大学第一附属医院","2060902","重点研发计划","30216","培训费",{"v":530000,"d":"530,000.00"},{"$nulls":4},{"v":530000,"d":"530,000.00"}]
["事业发展类","530000251100004520975","2025年第三批科技合作专项资金","昆明医科大学第一附属医院","2060902","重点研发计划","30218","专用材料费",{"v":50000,"d":"50,000.00"},{"$nulls":4},{"v":50000,"d":"50,000.00"}]
["事业发展类","530000251100004520975","2025年第三批科技合作专项资金","昆明医科大学第一附属医院","2060902","重点研发计划","30226","劳务费",{"v":650000,"d":"650,000.00"},{"$nulls":4},{"v":650000,"d":"650,000.00"}]
["事业发展类","530000251100004520975","2025年第三批科技合作专项资金","昆明医科大学第一附属医院","2060902","重点研发计划","30227","委托业务费",{"v":1040000,"d":"1,040,000.00"},{"$nulls":4},{"v":1040000,"d":"1,040,000.00"}]
["事业发展类","530000251100004520975","2025年第三批科技合作专项资金","昆明医科大学第一附属医院","2060902","重点研发计划","30299","其他商品和服务支出",{"v":100000,"d":"100,000.00"},{"$nulls":4},{"v":100000,"d":"100,000.00"}]
[null,null,"2025年第三批省预算内基本建设投资专项资金",{"$nulls":5},{"v":6350518.23,"d":"6,350,518.23"},{"$nulls":4},{"v":6350518.23,"d":"6,350,518.23"}]
["事业发展类","530000251100004569622","2025年第三批省预算内基本建设投资专项资金","昆明医科大学第一附属医院","2100201","综合医院","31001","房屋建筑物购建",{"v":6350518.23,"d":"6,350,518.23"},{"$nulls":4},{"v":6350518.23,"d":"6,350,518.23"}]
[null,null,"2025年第三批重点研发（社会发展）专项资金",{"$nulls":5},{"v":37266830.35,"d":"37,266,830.35"},{"$nulls":4},{"v":37266830.35,"d":"37,266,830.35"}]
["事业发展类","530000251100004518996","2025年第三批重点研发（社会发展）专项资金","昆明医科大学第一附属医院","2060902","重点研发计划","30202","印刷费",{"v":142267,"d":"142,267.00"},{"$nulls":4},{"v":142267,"d":"142,267.00"}]
["事业发展类","530000251100004518996","2025年第三批重点研发（社会发展）专项资金","昆明医科大学第一附属医院","2060902","重点研发计划","30211","差旅费",{"v":67045,"d":"67,045.00"},{"$nulls":4},{"v":67045,"d":"67,045.00"}]
["事业发展类","530000251100004518996","2025年第三批重点研发（社会发展）专项资金","昆明医科大学第一附属医院","2060902","重点研发计划","30216","培训费",{"v":3177912.65,"d":"3,177,912.65"},{"$nulls":4},{"v":3177912.65,"d":"3,177,912.65"}]
["事业发展类","530000251100004518996","2025年第三批重点研发（社会发展）专项资金","昆明医科大学第一附属医院","2060902","重点研发计划","30218","专用材料费",{"v":12584076.69,"d":"12,584,076.69"},{"$nulls":4},{"v":12584076.69,"d":"12,584,076.69"}]
["事业发展类","530000251100004518996","2025年第三批重点研发（社会发展）专项资金","昆明医科大学第一附属医院","2060902","重点研发计划","30226","劳务费",{"v":7180215.01,"d":"7,180,215.01"},{"$nulls":4},{"v":7180215.01,"d":"7,180,215.01"}]
["事业发展类","530000251100004518996","2025年第三批重点研发（社会发展）专项资金","昆明医科大学第一附属医院","2060902","重点研发计划","30227","委托业务费",{"v":12100614,"d":"12,100,614.00"},{"$nulls":4},{"v":12100614,"d":"12,100,614.00"}]
["事业发展类","530000251100004518996","2025年第三批重点研发（社会发展）专项资金","昆明医科大学第一附属医院","2060902","重点研发计划","30299","其他商品和服务支出",{"v":2014700,"d":"2,014,700.00"},{"$nulls":4},{"v":2014700,"d":"2,014,700.00"}]
[null,null,"2025年第一批高层次科技人才培养引进专项资金",{"$nulls":5},{"v":1395456.63,"d":"1,395,456.63"},{"$nulls":4},{"v":1395456.63,"d":"1,395,456.63"}]
["事业发展类","530000251100004196564","2025年第一批高层次科技人才培养引进专项资金","昆明医科大学第一附属医院","2060208","科技人才队伍建设","30202","印刷费",{"v":39002,"d":"39,002.00"},{"$nulls":4},{"v":39002,"d":"39,002.00"}]
["事业发展类","530000251100004196564","2025年第一批高层次科技人才培养引进专项资金","昆明医科大学第一附属医院","2060208","科技人才队伍建设","30211","差旅费",{"v":6860,"d":"6,860.00"},{"$nulls":4},{"v":6860,"d":"6,860.00"}]
["事业发展类","530000251100004196564","2025年第一批高层次科技人才培养引进专项资金","昆明医科大学第一附属医院","2060208","科技人才队伍建设","30216","培训费",{"v":320556.63,"d":"320,556.63"},{"$nulls":4},{"v":320556.63,"d":"320,556.63"}]
["事业发展类","530000251100004196564","2025年第一批高层次科技人才培养引进专项资金","昆明医科大学第一附属医院","2060208","科技人才队伍建设","30218","专用材料费",{"v":266139,"d":"266,139.00"},{"$nulls":4},{"v":266139,"d":"266,139.00"}]
["事业发展类","530000251100004196564","2025年第一批高层次科技人才培养引进专项资金","昆明医科大学第一附属医院","2060208","科技人才队伍建设","30226","劳务费",{"v":487876,"d":"487,876.00"},{"$nulls":4},{"v":487876,"d":"487,876.00"}]
["事业发展类","530000251100004196564","2025年第一批高层次科技人才培养引进专项资金","昆明医科大学第一附属医院","2060208","科技人才队伍建设","30227","委托业务费",{"v":273023,"d":"273,023.00"},{"$nulls":4},{"v":273023,"d":"273,023.00"}]
["事业发展类","530000251100004196564","2025年第一批高层次科技人才培养引进专项资金","昆明医科大学第一附属医院","2060208","科技人才队伍建设","30299","其他商品和服务支出",{"v":2000,"d":"2,000.00"},{"$nulls":4},{"v":2000,"d":"2,000.00"}]
[null,null,"2025年第一批科技创新基地建设专项资金",{"$nulls":5},{"v":440624.53,"d":"440,624.53"},{"$nulls":4},{"v":440624.53,"d":"440,624.53"}]
["事业发展类","530000251100004214001","2025年第一批科技创新基地建设专项资金","昆明医科大学第一附属医院","2060503","科技条件专项","30216","培训费",{"v":9200,"d":"9,200.00"},{"$nulls":4},{"v":9200,"d":"9,200.00"}]
["事业发展类","530000251100004214001","2025年第一批科技创新基地建设专项资金","昆明医科大学第一附属医院","2060503","科技条件专项","30218","专用材料费",{"v":124424.53,"d":"124,424.53"},{"$nulls":4},{"v":124424.53,"d":"124,424.53"}]
["事业发展类","530000251100004214001","2025年第一批科技创新基地建设专项资金","昆明医科大学第一附属医院","2060503","科技条件专项","30226","劳务费",{"v":87000,"d":"87,000.00"},{"$nulls":4},{"v":87000,"d":"87,000.00"}]
["事业发展类","530000251100004214001","2025年第一批科技创新基地建设专项资金","昆明医科大学第一附属医院","2060503","科技条件专项","30227","委托业务费",{"v":110000,"d":"110,000.00"},{"$nulls":4},{"v":110000,"d":"110,000.00"}]
["事业发展类","530000251100004214001","2025年第一批科技创新基地建设专项资金","昆明医科大学第一附属医院","2060503","科技条件专项","30299","其他商品和服务支出",{"v":10000,"d":"10,000.00"},{"$nulls":4},{"v":10000,"d":"10,000.00"}]
["事业发展类","530000251100004214001","2025年第一批科技创新基地建设专项资金","昆明医科大学第一附属医院","2060503","科技条件专项","31003","专用设备购置",{"v":100000,"d":"100,000.00"},{"$nulls":4},{"v":100000,"d":"100,000.00"}]
[null,null,"2025年第一批科技合作专项资金",{"$nulls":5},{"v":38657.15,"d":"38,657.15"},{"$nulls":4},{"v":38657.15,"d":"38,657.15"}]
["事业发展类","530000251100004208054","2025年第一批科技合作专项资金","昆明医科大学第一附属医院","2060902","重点研发计划","30218","专用材料费",{"v":38657.15,"d":"38,657.15"},{"$nulls":4},{"v":38657.15,"d":"38,657.15"}]
[null,null,"2025年第一批重点研发（社会发展）专项资金",{"$nulls":5},{"v":2607572.39,"d":"2,607,572.39"},{"$nulls":4},{"v":2607572.39,"d":"2,607,572.39"}]
["事业发展类","530000251100004193390","2025年第一批重点研发（社会发展）专项资金","昆明医科大学第一附属医院","2060902","重点研发计划","30202","印刷费",{"v":7050,"d":"7,050.00"},{"$nulls":4},{"v":7050,"d":"7,050.00"}]
["事业发展类","530000251100004193390","2025年第一批重点研发（社会发展）专项资金","昆明医科大学第一附属医院","2060902","重点研发计划","30211","差旅费",{"v":33477.16,"d":"33,477.16"},{"$nulls":4},{"v":33477.16,"d":"33,477.16"}]
["事业发展类","530000251100004193390","2025年第一批重点研发（社会发展）专项资金","昆明医科大学第一附属医院","2060902","重点研发计划","30216","培训费",{"v":5327.5,"d":"5,327.50"},{"$nulls":4},{"v":5327.5,"d":"5,327.50"}]
["事业发展类","530000251100004193390","2025年第一批重点研发（社会发展）专项资金","昆明医科大学第一附属医院","2060902","重点研发计划","30218","专用材料费",{"v":369354.36,"d":"369,354.36"},{"$nulls":4},{"v":369354.36,"d":"369,354.36"}]
["事业发展类","530000251100004193390","2025年第一批重点研发（社会发展）专项资金","昆明医科大学第一附属医院","2060902","重点研发计划","30226","劳务费",{"v":190752.25,"d":"190,752.25"},{"$nulls":4},{"v":190752.25,"d":"190,752.25"}]
["事业发展类","530000251100004193390","2025年第一批重点研发（社会发展）专项资金","昆明医科大学第一附属医院","2060902","重点研发计划","30227","委托业务费",{"v":1939211.12,"d":"1,939,211.12"},{"$nulls":4},{"v":1939211.12,"d":"1,939,211.12"}]
["事业发展类","530000251100004193390","2025年第一批重点研发（社会发展）专项资金","昆明医科大学第一附属医院","2060902","重点研发计划","30299","其他商品和服务支出",{"v":62400,"d":"62,400.00"},{"$nulls":4},{"v":62400,"d":"62,400.00"}]
[null,null,"2025年度云南省卫生健康事业高质量发展发展三年行动计划第二批资金",{"$nulls":5},{"v":34316153.52,"d":"34,316,153.52"},{"$nulls":4},{"v":34316153.52,"d":"34,316,153.52"}]
["事业发展类","530000251100004273040","2025年度云南省卫生健康事业高质量发展发展三年行动计划第二批资金","昆明医科大学第一附属医院","2100201","综合医院","30201","办公费",{"v":2089.85,"d":"2,089.85"},{"$nulls":4},{"v":2089.85,"d":"2,089.85"}]
["事业发展类","530000251100004273040","2025年度云南省卫生健康事业高质量发展发展三年行动计划第二批资金","昆明医科大学第一附属医院","2100201","综合医院","30202","印刷费",{"v":252245.5,"d":"252,245.50"},{"$nulls":4},{"v":252245.5,"d":"252,245.50"}]
["事业发展类","530000251100004273040","2025年度云南省卫生健康事业高质量发展发展三年行动计划第二批资金","昆明医科大学第一附属医院","2100201","综合医院","30211","差旅费",{"v":74930,"d":"74,930.00"},{"$nulls":4},{"v":74930,"d":"74,930.00"}]
["事业发展类","530000251100004273040","2025年度云南省卫生健康事业高质量发展发展三年行动计划第二批资金","昆明医科大学第一附属医院","2100201","综合医院","30213","维修（护）费",{"v":542000,"d":"542,000.00"},{"$nulls":4},{"v":542000,"d":"542,000.00"}]
["事业发展类","530000251100004273040","2025年度云南省卫生健康事业高质量发展发展三年行动计划第二批资金","昆明医科大学第一附属医院","2100201","综合医院","30216","培训费",{"v":3117161.43,"d":"3,117,161.43"},{"$nulls":4},{"v":3117161.43,"d":"3,117,161.43"}]
["事业发展类","530000251100004273040","2025年度云南省卫生健康事业高质量发展发展三年行动计划第二批资金","昆明医科大学第一附属医院","2100201","综合医院","30218","专用材料费",{"v":4716235.21,"d":"4,716,235.21"},{"$nulls":4},{"v":4716235.21,"d":"4,716,235.21"}]
["事业发展类","530000251100004273040","2025年度云南省卫生健康事业高质量发展发展三年行动计划第二批资金","昆明医科大学第一附属医院","2100201","综合医院","30226","劳务费",{"v":2206043.02,"d":"2,206,043.02"},{"$nulls":4},{"v":2206043.02,"d":"2,206,043.02"}]
["事业发展类","530000251100004273040","2025年度云南省卫生健康事业高质量发展发展三年行动计划第二批资金","昆明医科大学第一附属医院","2100201","综合医院","30227","委托业务费",{"v":5024721.01,"d":"5,024,721.01"},{"$nulls":4},{"v":5024721.01,"d":"5,024,721.01"}]
["事业发展类","530000251100004273040","2025年度云南省卫生健康事业高质量发展发展三年行动计划第二批资金","昆明医科大学第一附属医院","2100201","综合医院","30239","其他交通费用",{"v":5900,"d":"5,900.00"},{"$nulls":4},{"v":5900,"d":"5,900.00"}]
["事业发展类","530000251100004273040","2025年度云南省卫生健康事业高质量发展发展三年行动计划第二批资金","昆明医科大学第一附属医院","2100201","综合医院","30299","其他商品和服务支出",{"v":1505200,"d":"1,505,200.00"},{"$nulls":4},{"v":1505200,"d":"1,505,200.00"}]
["事业发展类","530000251100004273040","2025年度云南省卫生健康事业高质量发展发展三年行动计划第二批资金","昆明医科大学第一附属医院","2100201","综合医院","31002","办公设备购置",{"v":46400,"d":"46,400.00"},{"$nulls":4},{"v":46400,"d":"46,400.00"}]
["事业发展类","530000251100004273040","2025年度云南省卫生健康事业高质量发展发展三年行动计划第二批资金","昆明医科大学第一附属医院","2100201","综合医院","31003","专用设备购置",{"v":16823227.5,"d":"16,823,227.50"},{"$nulls":4},{"v":16823227.5,"d":"16,823,227.50"}]
[null,null,"2025年度云南省卫生健康事业高质量发展三年行动计划（第四批）资金",{"$nulls":5},{"v":4291453.97,"d":"4,291,453.97"},{"$nulls":4},{"v":4291453.97,"d":"4,291,453.97"}]
["事业发展类","530000251100004585784","2025年度云南省卫生健康事业高质量发展三年行动计划（第四批）资金","昆明医科大学第一附属医院","2100201","综合医院","30399","其他对个人和家庭的补助",{"v":4080000,"d":"4,080,000.00"},{"$nulls":4},{"v":4080000,"d":"4,080,000.00"}]
["事业发展类","530000251100004585784","2025年度云南省卫生健康事业高质量发展三年行动计划（第四批）资金","昆明医科大学第一附属医院","2100201","综合医院","31001","房屋建筑物购建",{"v":211453.97,"d":"211,453.97"},{"$nulls":4},{"v":211453.97,"d":"211,453.97"}]
[null,null,"2025年基本公共卫生中央补助专项资金",{"$nulls":5},{"v":718306,"d":"718,306.00"},{"$nulls":4},{"v":718306,"d":"718,306.00"}]
["事业发展类","530000251100004358932","2025年基本公共卫生中央补助专项资金","昆明医科大学第一附属医院","2100408","基本公共卫生服务","30211","差旅费",{"v":43308,"d":"43,308.00"},{"$nulls":4},{"v":43308,"d":"43,308.00"}]
["事业发展类","530000251100004358932","2025年基本公共卫生中央补助专项资金","昆明医科大学第一附属医院","2100408","基本公共卫生服务","30216","培训费",{"v":18200,"d":"18,200.00"},{"$nulls":4},{"v":18200,"d":"18,200.00"}]
["事业发展类","530000251100004358932","2025年基本公共卫生中央补助专项资金","昆明医科大学第一附属医院","2100408","基本公共卫生服务","30218","专用材料费",{"v":530000,"d":"530,000.00"},{"$nulls":4},{"v":530000,"d":"530,000.00"}]
["事业发展类","530000251100004358932","2025年基本公共卫生中央补助专项资金","昆明医科大学第一附属医院","2100408","基本公共卫生服务","30399","其他对个人和家庭的补助",{"v":56077.99,"d":"56,077.99"},{"$nulls":4},{"v":56077.99,"d":"56,077.99"}]
["事业发展类","530000251100004358932","2025年基本公共卫生中央补助专项资金","昆明医科大学第一附属医院","2100408","基本公共卫生服务","31003","专用设备购置",{"v":70720.01,"d":"70,720.01"},{"$nulls":4},{"v":70720.01,"d":"70,720.01"}]
[null,null,"2025年省本级第一批人才发展专项资金",{"$nulls":5},{"v":798101,"d":"798,101.00"},{"$nulls":4},{"v":798101,"d":"798,101.00"}]
["事业发展类","530000251100004208677","2025年省本级第一批人才发展专项资金","昆明医科大学第一附属医院","2060208","科技人才队伍建设","30216","培训费",{"v":17280,"d":"17,280.00"},{"$nulls":4},{"v":17280,"d":"17,280.00"}]
["事业发展类","530000251100004208677","2025年省本级第一批人才发展专项资金","昆明医科大学第一附属医院","2060208","科技人才队伍建设","30218","专用材料费",{"v":512879,"d":"512,879.00"},{"$nulls":4},{"v":512879,"d":"512,879.00"}]
["事业发展类","530000251100004208677","2025年省本级第一批人才发展专项资金","昆明医科大学第一附属医院","2060208","科技人才队伍建设","30226","劳务费",{"v":195700,"d":"195,700.00"},{"$nulls":4},{"v":195700,"d":"195,700.00"}]
["事业发展类","530000251100004208677","2025年省本级第一批人才发展专项资金","昆明医科大学第一附属医院","2060208","科技人才队伍建设","30227","委托业务费",{"v":72242,"d":"72,242.00"},{"$nulls":4},{"v":72242,"d":"72,242.00"}]
[null,null,"2025年省委组织部牵头人才发展专项资金",{"$nulls":5},{"v":453985.27,"d":"453,985.27"},{"$nulls":4},{"v":453985.27,"d":"453,985.27"}]
["事业发展类","530000251100004459422","2025年省委组织部牵头人才发展专项资金","昆明医科大学第一附属医院","2100201","综合医院","30202","印刷费",{"v":5000,"d":"5,000.00"},{"$nulls":4},{"v":5000,"d":"5,000.00"}]
["事业发展类","530000251100004459422","2025年省委组织部牵头人才发展专项资金","昆明医科大学第一附属医院","2100201","综合医院","30211","差旅费",{"v":1013.5,"d":"1,013.50"},{"$nulls":4},{"v":1013.5,"d":"1,013.50"}]
["事业发展类","530000251100004459422","2025年省委组织部牵头人才发展专项资金","昆明医科大学第一附属医院","2100201","综合医院","30216","培训费",{"v":30000,"d":"30,000.00"},{"$nulls":4},{"v":30000,"d":"30,000.00"}]
["事业发展类","530000251100004459422","2025年省委组织部牵头人才发展专项资金","昆明医科大学第一附属医院","2100201","综合医院","30218","专用材料费",{"v":240905.84,"d":"240,905.84"},{"$nulls":4},{"v":240905.84,"d":"240,905.84"}]
["事业发展类","530000251100004459422","2025年省委组织部牵头人才发展专项资金","昆明医科大学第一附属医院","2100201","综合医院","30226","劳务费",{"v":8263.93,"d":"8,263.93"},{"$nulls":4},{"v":8263.93,"d":"8,263.93"}]
["事业发展类","530000251100004459422","2025年省委组织部牵头人才发展专项资金","昆明医科大学第一附属医院","2100201","综合医院","30227","委托业务费",{"v":165802,"d":"165,802.00"},{"$nulls":4},{"v":165802,"d":"165,802.00"}]
["事业发展类","530000251100004459422","2025年省委组织部牵头人才发展专项资金","昆明医科大学第一附属医院","2100201","综合医院","30299","其他商品和服务支出",{"v":3000,"d":"3,000.00"},{"$nulls":4},{"v":3000,"d":"3,000.00"}]
[null,null,"2025年医疗服务与保障能力提升（公立医院综合改革）资金",{"$nulls":5},{"v":8000,"d":"8,000.00"},{"$nulls":4},{"v":8000,"d":"8,000.00"}]
["事业发展类","530000251100003857282","2025年医疗服务与保障能力提升（公立医院综合改革）资金","昆明医科大学第一附属医院","2100201","综合医院","31003","专用设备购置",{"v":8000,"d":"8,000.00"},{"$nulls":4},{"v":8000,"d":"8,000.00"}]
[null,null,"2025年医疗服务与保障能力提升（卫生健康人才培养）补助结算资金",{"$nulls":5},{"v":187039.91,"d":"187,039.91"},{"$nulls":4},{"v":187039.91,"d":"187,039.91"}]
["事业发展类","530000251100004345442","2025年医疗服务与保障能力提升（卫生健康人才培养）补助结算资金","昆明医科大学第一附属医院","2100201","综合医院","30399","其他对个人和家庭的补助",{"v":104389.91,"d":"104,389.91"},{"$nulls":4},{"v":104389.91,"d":"104,389.91"}]
["事业发展类","530000251100004345442","2025年医疗服务与保障能力提升（卫生健康人才培养）补助结算资金","昆明医科大学第一附属医院","2100201","综合医院","31099","其他资本性支出",{"v":82650,"d":"82,650.00"},{"$nulls":4},{"v":82650,"d":"82,650.00"}]
[null,null,"2025年医疗服务与保障能力提升（卫生健康人才培养）补助资金",{"$nulls":5},{"v":4837460.52,"d":"4,837,460.52"},{"$nulls":4},{"v":4837460.52,"d":"4,837,460.52"}]
["专项业务类","530000251100003857847","2025年医疗服务与保障能力提升（卫生健康人才培养）补助资金","昆明医科大学第一附属医院","2100201","综合医院","30201","办公费",{"v":17016.9,"d":"17,016.90"},{"$nulls":4},{"v":17016.9,"d":"17,016.90"}]
["专项业务类","530000251100003857847","2025年医疗服务与保障能力提升（卫生健康人才培养）补助资金","昆明医科大学第一附属医院","2100201","综合医院","30202","印刷费",{"v":69610.57,"d":"69,610.57"},{"$nulls":4},{"v":69610.57,"d":"69,610.57"}]
["专项业务类","530000251100003857847","2025年医疗服务与保障能力提升（卫生健康人才培养）补助资金","昆明医科大学第一附属医院","2100201","综合医院","30211","差旅费",{"v":4964.63,"d":"4,964.63"},{"$nulls":4},{"v":4964.63,"d":"4,964.63"}]
["专项业务类","530000251100003857847","2025年医疗服务与保障能力提升（卫生健康人才培养）补助资金","昆明医科大学第一附属医院","2100201","综合医院","30216","培训费",{"v":430708,"d":"430,708.00"},{"$nulls":4},{"v":430708,"d":"430,708.00"}]
["专项业务类","530000251100003857847","2025年医疗服务与保障能力提升（卫生健康人才培养）补助资金","昆明医科大学第一附属医院","2100201","综合医院","30218","专用材料费",{"v":96099.42,"d":"96,099.42"},{"$nulls":4},{"v":96099.42,"d":"96,099.42"}]
["专项业务类","530000251100003857847","2025年医疗服务与保障能力提升（卫生健康人才培养）补助资金","昆明医科大学第一附属医院","2100201","综合医院","30226","劳务费",{"v":820770,"d":"820,770.00"},{"$nulls":4},{"v":820770,"d":"820,770.00"}]
["专项业务类","530000251100003857847","2025年医疗服务与保障能力提升（卫生健康人才培养）补助资金","昆明医科大学第一附属医院","2100201","综合医院","30227","委托业务费",{"v":221000,"d":"221,000.00"},{"$nulls":4},{"v":221000,"d":"221,000.00"}]
["专项业务类","530000251100003857847","2025年医疗服务与保障能力提升（卫生健康人才培养）补助资金","昆明医科大学第一附属医院","2100201","综合医院","30299","其他商品和服务支出",{"v":4341,"d":"4,341.00"},{"$nulls":4},{"v":4341,"d":"4,341.00"}]
["专项业务类","530000251100003857847","2025年医疗服务与保障能力提升（卫生健康人才培养）补助资金","昆明医科大学第一附属医院","2100201","综合医院","30399","其他对个人和家庭的补助",{"v":3172950,"d":"3,172,950.00"},{"$nulls":4},{"v":3172950,"d":"3,172,950.00"}]
[null,null,"2025年医疗服务与保障能力提升（医疗卫生机构能力建设、卫生健康人才培养）资金",{"$nulls":5},{"v":170000,"d":"170,000.00"},{"$nulls":4},{"v":170000,"d":"170,000.00"}]
["事业发展类","530000251100004357699","2025年医疗服务与保障能力提升（医疗卫生机构能力建设、卫生健康人才培养）资金","昆明医科大学第一附属医院","2100201","综合医院","30216","培训费",{"v":25000,"d":"25,000.00"},{"$nulls":4},{"v":25000,"d":"25,000.00"}]
["事业发展类","530000251100004357699","2025年医疗服务与保障能力提升（医疗卫生机构能力建设、卫生健康人才培养）资金","昆明医科大学第一附属医院","2100201","综合医院","30218","专用材料费",{"v":75000,"d":"75,000.00"},{"$nulls":4},{"v":75000,"d":"75,000.00"}]
["事业发展类","530000251100004357699","2025年医疗服务与保障能力提升（医疗卫生机构能力建设、卫生健康人才培养）资金","昆明医科大学第一附属医院","2100201","综合医院","30399","其他对个人和家庭的补助",{"v":70000,"d":"70,000.00"},{"$nulls":4},{"v":70000,"d":"70,000.00"}]
[null,null,"2025年医疗服务与保障能力提升（医疗卫生机构能力建设）补助资金",{"$nulls":5},{"v":4750000,"d":"4,750,000.00"},{"$nulls":4},{"v":4750000,"d":"4,750,000.00"}]
["专项业务类","530000251100003858145","2025年医疗服务与保障能力提升（医疗卫生机构能力建设）补助资金","昆明医科大学第一附属医院","2100201","综合医院","31003","专用设备购置",{"v":2250000,"d":"2,250,000.00"},{"$nulls":4},{"v":2250000,"d":"2,250,000.00"}]
["专项业务类","530000251100003858145","2025年医疗服务与保障能力提升（医疗卫生机构能力建设）补助资金","昆明医科大学第一附属医院","2100201","综合医院","31007","信息网络及软件购置更新",{"v":2500000,"d":"2,500,000.00"},{"$nulls":4},{"v":2500000,"d":"2,500,000.00"}]
[null,null,"2025年医疗服务与保障能力提升（医疗卫生机构能力建设）资金",{"$nulls":5},{"v":13500,"d":"13,500.00"},{"$nulls":4},{"v":13500,"d":"13,500.00"}]
["专项业务类","530000251100004345991","2025年医疗服务与保障能力提升（医疗卫生机构能力建设）资金","昆明医科大学第一附属医院","2100201","综合医院","31003","专用设备购置",{"v":13500,"d":"13,500.00"},{"$nulls":4},{"v":13500,"d":"13,500.00"}]
[null,null,"2025年医疗服务与保障能力提升（中医药事业传承与发展部分）补助资金",{"$nulls":5},{"v":1571598.25,"d":"1,571,598.25"},{"$nulls":4},{"v":1571598.25,"d":"1,571,598.25"}]
["专项业务类","530000251100003858141","2025年医疗服务与保障能力提升（中医药事业传承与发展部分）补助资金","昆明医科大学第一附属医院","2100201","综合医院","30202","印刷费",{"v":20000,"d":"20,000.00"},{"$nulls":4},{"v":20000,"d":"20,000.00"}]
["专项业务类","530000251100003858141","2025年医疗服务与保障能力提升（中医药事业传承与发展部分）补助资金","昆明医科大学第一附属医院","2100201","综合医院","30216","培训费",{"v":264216.25,"d":"264,216.25"},{"$nulls":4},{"v":264216.25,"d":"264,216.25"}]
["专项业务类","530000251100003858141","2025年医疗服务与保障能力提升（中医药事业传承与发展部分）补助资金","昆明医科大学第一附属医院","2100201","综合医院","30218","专用材料费",{"v":401232,"d":"401,232.00"},{"$nulls":4},{"v":401232,"d":"401,232.00"}]
["专项业务类","530000251100003858141","2025年医疗服务与保障能力提升（中医药事业传承与发展部分）补助资金","昆明医科大学第一附属医院","2100201","综合医院","30226","劳务费",{"v":157900,"d":"157,900.00"},{"$nulls":4},{"v":157900,"d":"157,900.00"}]
["专项业务类","530000251100003858141","2025年医疗服务与保障能力提升（中医药事业传承与发展部分）补助资金","昆明医科大学第一附属医院","2100201","综合医院","30227","委托业务费",{"v":728250,"d":"728,250.00"},{"$nulls":4},{"v":728250,"d":"728,250.00"}]
[null,null,"2025年医疗卫生能力提升补助经费",{"$nulls":5},{"v":4278411.1,"d":"4,278,411.10"},{"$nulls":4},{"v":4278411.1,"d":"4,278,411.10"}]
["事业发展类","530000251100004439669","2025年医疗卫生能力提升补助经费","昆明医科大学第一附属医院","2100201","综合医院","30211","差旅费",{"v":164563,"d":"164,563.00"},{"$nulls":4},{"v":164563,"d":"164,563.00"}]
["事业发展类","530000251100004439669","2025年医疗卫生能力提升补助经费","昆明医科大学第一附属医院","2100201","综合医院","30216","培训费",{"v":538373.1,"d":"538,373.10"},{"$nulls":4},{"v":538373.1,"d":"538,373.10"}]
["事业发展类","530000251100004439669","2025年医疗卫生能力提升补助经费","昆明医科大学第一附属医院","2100201","综合医院","30218","专用材料费",{"v":293475,"d":"293,475.00"},{"$nulls":4},{"v":293475,"d":"293,475.00"}]
["事业发展类","530000251100004439669","2025年医疗卫生能力提升补助经费","昆明医科大学第一附属医院","2100201","综合医院","30226","劳务费",{"v":3000000,"d":"3,000,000.00"},{"$nulls":4},{"v":3000000,"d":"3,000,000.00"}]
["事业发展类","530000251100004439669","2025年医疗卫生能力提升补助经费","昆明医科大学第一附属医院","2100201","综合医院","31099","其他资本性支出",{"v":282000,"d":"282,000.00"},{"$nulls":4},{"v":282000,"d":"282,000.00"}]
[null,null,"2025年优质高效医疗卫生中央基建投资（昆明医科大学第一附属医院国家紧急医学救援基地）专项资金",{"$nulls":5},{"v":251933068.38,"d":"251,933,068.38"},{"$nulls":4},{"v":251933068.38,"d":"251,933,068.38"}]
["专项业务类","530000251100004415328","2025年优质高效医疗卫生中央基建投资（昆明医科大学第一附属医院国家紧急医学救援基地）专项资金","昆明医科大学第一附属医院","2100201","综合医院","30901","房屋建筑物购建",{"v":79626768.38,"d":"79,626,768.38"},{"$nulls":4},{"v":79626768.38,"d":"79,626,768.38"}]
["专项业务类","530000251100004415328","2025年优质高效医疗卫生中央基建投资（昆明医科大学第一附属医院国家紧急医学救援基地）专项资金","昆明医科大学第一附属医院","2100201","综合医院","30903","专用设备购置",{"v":172306300,"d":"172,306,300.00"},{"$nulls":4},{"v":172306300,"d":"172,306,300.00"}]
[null,null,"2025年云南省卫生健康事业高质量发展三年行动计划（第三批）资金",{"$nulls":5},{"v":3143226.7,"d":"3,143,226.70"},{"$nulls":4},{"v":3143226.7,"d":"3,143,226.70"}]
["事业发展类","530000251100004403372","2025年云南省卫生健康事业高质量发展三年行动计划（第三批）资金","昆明医科大学第一附属医院","2100201","综合医院","30202","印刷费",{"v":28009.4,"d":"28,009.40"},{"$nulls":4},{"v":28009.4,"d":"28,009.40"}]
["事业发展类","530000251100004403372","2025年云南省卫生健康事业高质量发展三年行动计划（第三批）资金","昆明医科大学第一附属医院","2100201","综合医院","30216","培训费",{"v":699905.44,"d":"699,905.44"},{"$nulls":4},{"v":699905.44,"d":"699,905.44"}]
["事业发展类","530000251100004403372","2025年云南省卫生健康事业高质量发展三年行动计划（第三批）资金","昆明医科大学第一附属医院","2100201","综合医院","30218","专用材料费",{"v":277665,"d":"277,665.00"},{"$nulls":4},{"v":277665,"d":"277,665.00"}]
["事业发展类","530000251100004403372","2025年云南省卫生健康事业高质量发展三年行动计划（第三批）资金","昆明医科大学第一附属医院","2100201","综合医院","30226","劳务费",{"v":118200,"d":"118,200.00"},{"$nulls":4},{"v":118200,"d":"118,200.00"}]
["事业发展类","530000251100004403372","2025年云南省卫生健康事业高质量发展三年行动计划（第三批）资金","昆明医科大学第一附属医院","2100201","综合医院","30227","委托业务费",{"v":352296.86,"d":"352,296.86"},{"$nulls":4},{"v":352296.86,"d":"352,296.86"}]
["事业发展类","530000251100004403372","2025年云南省卫生健康事业高质量发展三年行动计划（第三批）资金","昆明医科大学第一附属医院","2100201","综合医院","30299","其他商品和服务支出",{"v":9200,"d":"9,200.00"},{"$nulls":4},{"v":9200,"d":"9,200.00"}]
["事业发展类","530000251100004403372","2025年云南省卫生健康事业高质量发展三年行动计划（第三批）资金","昆明医科大学第一附属医院","2100201","综合医院","31002","办公设备购置",{"v":106550,"d":"106,550.00"},{"$nulls":4},{"v":106550,"d":"106,550.00"}]
["事业发展类","530000251100004403372","2025年云南省卫生健康事业高质量发展三年行动计划（第三批）资金","昆明医科大学第一附属医院","2100201","综合医院","31003","专用设备购置",{"v":1551400,"d":"1,551,400.00"},{"$nulls":4},{"v":1551400,"d":"1,551,400.00"}]
[null,null,"2025年重大公共卫生服务补助结算资金",{"$nulls":5},{"v":710000,"d":"710,000.00"},{"$nulls":4},{"v":710000,"d":"710,000.00"}]
["专项业务类","530000251100004445407","2025年重大公共卫生服务补助结算资金","昆明医科大学第一附属医院","2100409","重大公共卫生服务","30211","差旅费",{"v":10000,"d":"10,000.00"},{"$nulls":4},{"v":10000,"d":"10,000.00"}]
["专项业务类","530000251100004445407","2025年重大公共卫生服务补助结算资金","昆明医科大学第一附属医院","2100409","重大公共卫生服务","30218","专用材料费",{"v":512000,"d":"512,000.00"},{"$nulls":4},{"v":512000,"d":"512,000.00"}]
["专项业务类","530000251100004445407","2025年重大公共卫生服务补助结算资金","昆明医科大学第一附属医院","2100409","重大公共卫生服务","30226","劳务费",{"v":120000,"d":"120,000.00"},{"$nulls":4},{"v":120000,"d":"120,000.00"}]
["专项业务类","530000251100004445407","2025年重大公共卫生服务补助结算资金","昆明医科大学第一附属医院","2100409","重大公共卫生服务","30227","委托业务费",{"v":60000,"d":"60,000.00"},{"$nulls":4},{"v":60000,"d":"60,000.00"}]
["专项业务类","530000251100004445407","2025年重大公共卫生服务补助结算资金","昆明医科大学第一附属医院","2100409","重大公共卫生服务","31002","办公设备购置",{"v":8000,"d":"8,000.00"},{"$nulls":4},{"v":8000,"d":"8,000.00"}]
[null,null,"2025年重大公共卫生服务补助资金",{"$nulls":5},{"v":142384.58,"d":"142,384.58"},{"$nulls":4},{"v":142384.58,"d":"142,384.58"}]
["专项业务类","530000251100003859600","2025年重大公共卫生服务补助资金","昆明医科大学第一附属医院","2100409","重大公共卫生服务","30202","印刷费",{"v":24200,"d":"24,200.00"},{"$nulls":4},{"v":24200,"d":"24,200.00"}]
["专项业务类","530000251100003859600","2025年重大公共卫生服务补助资金","昆明医科大学第一附属医院","2100409","重大公共卫生服务","30211","差旅费",{"v":12160.68,"d":"12,160.68"},{"$nulls":4},{"v":12160.68,"d":"12,160.68"}]
["专项业务类","530000251100003859600","2025年重大公共卫生服务补助资金","昆明医科大学第一附属医院","2100409","重大公共卫生服务","30218","专用材料费",{"v":2300,"d":"2,300.00"},{"$nulls":4},{"v":2300,"d":"2,300.00"}]
["专项业务类","530000251100003859600","2025年重大公共卫生服务补助资金","昆明医科大学第一附属医院","2100409","重大公共卫生服务","30299","其他商品和服务支出",{"v":103723.9,"d":"103,723.90"},{"$nulls":4},{"v":103723.9,"d":"103,723.90"}]
[null,null,"2025年住院（专科）医师规范化培训资金",{"$nulls":5},{"v":3415625,"d":"3,415,625.00"},{"$nulls":4},{"v":3415625,"d":"3,415,625.00"}]
["事业发展类","530000251100004739216","2025年住院（专科）医师规范化培训资金","昆明医科大学第一附属医院","2100201","综合医院","30305","生活补助",{"v":3415625,"d":"3,415,625.00"},{"$nulls":4},{"v":3415625,"d":"3,415,625.00"}]
[null,null,"2025医疗服务与保障能力提升（医疗卫生机构能力建设、卫生健康人才培养）补助资金",{"$nulls":5},{"v":7578,"d":"7,578.00"},{"$nulls":4},{"v":7578,"d":"7,578.00"}]
["专项业务类","530000251100003857761","2025医疗服务与保障能力提升（医疗卫生机构能力建设、卫生健康人才培养）补助资金","昆明医科大学第一附属医院","2100201","综合医院","30226","劳务费",{"v":7578,"d":"7,578.00"},{"$nulls":4},{"v":7578,"d":"7,578.00"}]
[null,null,"“医疗卫生人才”专项项目支持经费",{"$nulls":5},{"v":4626730.87,"d":"4,626,730.87"},{"$nulls":4},{"v":4626730.87,"d":"4,626,730.87"}]
["事业发展类","530000251100004583891","“医疗卫生人才”专项项目支持经费","昆明医科大学第一附属医院","2100201","综合医院","30202","印刷费",{"v":65968,"d":"65,968.00"},{"$nulls":4},{"v":65968,"d":"65,968.00"}]
["事业发展类","530000251100004583891","“医疗卫生人才”专项项目支持经费","昆明医科大学第一附属医院","2100201","综合医院","30216","培训费",{"v":492690.65,"d":"492,690.65"},{"$nulls":4},{"v":492690.65,"d":"492,690.65"}]
["事业发展类","530000251100004583891","“医疗卫生人才”专项项目支持经费","昆明医科大学第一附属医院","2100201","综合医院","30218","专用材料费",{"v":1688135.23,"d":"1,688,135.23"},{"$nulls":4},{"v":1688135.23,"d":"1,688,135.23"}]
["事业发展类","530000251100004583891","“医疗卫生人才”专项项目支持经费","昆明医科大学第一附属医院","2100201","综合医院","30226","劳务费",{"v":677988.32,"d":"677,988.32"},{"$nulls":4},{"v":677988.32,"d":"677,988.32"}]
["事业发展类","530000251100004583891","“医疗卫生人才”专项项目支持经费","昆明医科大学第一附属医院","2100201","综合医院","30227","委托业务费",{"v":1651148.67,"d":"1,651,148.67"},{"$nulls":4},{"v":1651148.67,"d":"1,651,148.67"}]
["事业发展类","530000251100004583891","“医疗卫生人才”专项项目支持经费","昆明医科大学第一附属医院","2100201","综合医院","30299","其他商品和服务支出",{"v":50800,"d":"50,800.00"},{"$nulls":4},{"v":50800,"d":"50,800.00"}]
[null,null,"彩云博士后资助项目经费",{"$nulls":5},{"v":381896.75,"d":"381,896.75"},{"$nulls":4},{"v":381896.75,"d":"381,896.75"}]
["事业发展类","530000251100004333591","彩云博士后资助项目经费","昆明医科大学第一附属医院","2080115","博士后日常经费","30216","培训费",{"v":10000,"d":"10,000.00"},{"$nulls":4},{"v":10000,"d":"10,000.00"}]
["事业发展类","530000251100004333591","彩云博士后资助项目经费","昆明医科大学第一附属医院","2080115","博士后日常经费","30218","专用材料费",{"v":45291,"d":"45,291.00"},{"$nulls":4},{"v":45291,"d":"45,291.00"}]
["事业发展类","530000251100004333591","彩云博士后资助项目经费","昆明医科大学第一附属医院","2080115","博士后日常经费","30226","劳务费",{"v":4000,"d":"4,000.00"},{"$nulls":4},{"v":4000,"d":"4,000.00"}]
["事业发展类","530000251100004333591","彩云博士后资助项目经费","昆明医科大学第一附属医院","2080115","博士后日常经费","30227","委托业务费",{"v":112000,"d":"112,000.00"},{"$nulls":4},{"v":112000,"d":"112,000.00"}]
["事业发展类","530000251100004333591","彩云博士后资助项目经费","昆明医科大学第一附属医院","2080115","博士后日常经费","30399","其他对个人和家庭的补助",{"v":210605.75,"d":"210,605.75"},{"$nulls":4},{"v":210605.75,"d":"210,605.75"}]
[null,null,"附一院提升医疗服务能力专项资金",{"$nulls":5},{"v":29148660.89,"d":"29,148,660.89"},{"v":26804900,"d":"26,804,900.00"},{"v":26804900,"d":"26,804,900.00"},null,null,{"v":2343760.89,"d":"2,343,760.89"}]
["事业发展类","530000200000000002072","附一院提升医疗服务能力专项资金","昆明医科大学第一附属医院","2100201","综合医院","30202","印刷费",{"v":26180.8,"d":"26,180.80"},{"$nulls":4},{"v":26180.8,"d":"26,180.80"}]
["事业发展类","530000200000000002072","附一院提升医疗服务能力专项资金","昆明医科大学第一附属医院","2100201","综合医院","30211","差旅费",{"v":1012448.69,"d":"1,012,448.69"},{"$nulls":4},{"v":1012448.69,"d":"1,012,448.69"}]
["事业发展类","530000200000000002072","附一院提升医疗服务能力专项资金","昆明医科大学第一附属医院","2100201","综合医院","30213","维修（护）费",{"v":242724,"d":"242,724.00"},{"$nulls":4},{"v":242724,"d":"242,724.00"}]
["事业发展类","530000200000000002072","附一院提升医疗服务能力专项资金","昆明医科大学第一附属医院","2100201","综合医院","30216","培训费",{"v":1810000,"d":"1,810,000.00"},{"v":1810000,"d":"1,810,000.00"},{"v":1810000,"d":"1,810,000.00"}]
["事业发展类","530000200000000002072","附一院提升医疗服务能力专项资金","昆明医科大学第一附属医院","2100201","综合医院","30218","专用材料费",{"v":13074900,"d":"13,074,900.00"},{"v":13074900,"d":"13,074,900.00"},{"v":13074900,"d":"13,074,900.00"}]
["事业发展类","530000200000000002072","附一院提升医疗服务能力专项资金","昆明医科大学第一附属医院","2100201","综合医院","30226","劳务费",{"v":2500100,"d":"2,500,100.00"},{"v":2500000,"d":"2,500,000.00"},{"v":2500000,"d":"2,500,000.00"},null,null,{"v":100,"d":"100.00"}]
["事业发展类","530000200000000002072","附一院提升医疗服务能力专项资金","昆明医科大学第一附属医院","2100201","综合医院","30227","委托业务费",{"v":770000,"d":"770,000.00"},{"v":770000,"d":"770,000.00"},{"v":770000,"d":"770,000.00"}]
["事业发展类","530000200000000002072","附一院提升医疗服务能力专项资金","昆明医科大学第一附属医院","2100201","综合医院","30299","其他商品和服务支出",{"v":1418121.4,"d":"1,418,121.40"},{"v":1000000,"d":"1,000,000.00"},{"v":1000000,"d":"1,000,000.00"},null,null,{"v":418121.4,"d":"418,121.40"}]
["事业发展类","530000200000000002072","附一院提升医疗服务能力专项资金","昆明医科大学第一附属医院","2100201","综合医院","30305","生活补助",{"v":3670000,"d":"3,670,000.00"},{"v":3670000,"d":"3,670,000.00"},{"v":3670000,"d":"3,670,000.00"}]
["事业发展类","530000200000000002072","附一院提升医疗服务能力专项资金","昆明医科大学第一附属医院","2100201","综合医院","30399","其他对个人和家庭的补助",{"v":604186,"d":"604,186.00"},{"$nulls":4},{"v":604186,"d":"604,186.00"}]
["事业发展类","530000200000000002072","附一院提升医疗服务能力专项资金","昆明医科大学第一附属医院","2100201","综合医院","31002","办公设备购置",{"v":19000,"d":"19,000.00"},{"$nulls":4},{"v":19000,"d":"19,000.00"}]
["事业发展类","530000200000000002072","附一院提升医疗服务能力专项资金","昆明医科大学第一附属医院","2100201","综合医院","31003","专用设备购置",{"v":1001000,"d":"1,001,000.00"},{"v":980000,"d":"980,000.00"},{"v":980000,"d":"980,000.00"},null,null,{"v":21000,"d":"21,000.00"}]
["事业发展类","530000200000000002072","附一院提升医疗服务能力专项资金","昆明医科大学第一附属医院","2100201","综合医院","31007","信息网络及软件购置更新",{"v":3000000,"d":"3,000,000.00"},{"v":3000000,"d":"3,000,000.00"},{"v":3000000,"d":"3,000,000.00"}]
[null,null,"昆明医科大学第一附属医院发展项目资金",{"$nulls":5},{"v":345115709.5,"d":"345,115,709.50"},{"$nulls":8},{"v":345115709.5,"d":"345,115,709.50"},{"v":247122858.91,"d":"247,122,858.91"},{"$nulls":3},{"v":97992850.59,"d":"97,992,850.59"}]
["事业发展类","530000261100004495233","昆明医科大学第一附属医院发展项目资金","昆明医科大学第一附属医院","2100201","综合医院","31001","房屋建筑物购建",{"v":129747539.5,"d":"129,747,539.50"},{"$nulls":8},{"v":129747539.5,"d":"129,747,539.50"},{"v":31754688.91,"d":"31,754,688.91"},{"$nulls":3},{"v":97992850.59,"d":"97,992,850.59"}]
["事业发展类","530000261100004495233","昆明医科大学第一附属医院发展项目资金","昆明医科大学第一附属医院","2100201","综合医院","31002","办公设备购置",{"v":8500000,"d":"8,500,000.00"},{"$nulls":8},{"v":8500000,"d":"8,500,000.00"},{"v":8500000,"d":"8,500,000.00"}]
["事业发展类","530000261100004495233","昆明医科大学第一附属医院发展项目资金","昆明医科大学第一附属医院","2100201","综合医院","31003","专用设备购置",{"v":161705850,"d":"161,705,850.00"},{"$nulls":8},{"v":161705850,"d":"161,705,850.00"},{"v":161705850,"d":"161,705,850.00"}]
["事业发展类","530000261100004495233","昆明医科大学第一附属医院发展项目资金","昆明医科大学第一附属医院","2100201","综合医院","31007","信息网络及软件购置更新",{"v":45162320,"d":"45,162,320.00"},{"$nulls":8},{"v":45162320,"d":"45,162,320.00"},{"v":45162320,"d":"45,162,320.00"}]
[null,null,"其他人员支出",{"$nulls":5},{"v":436980000,"d":"436,980,000.00"},{"$nulls":8},{"v":436980000,"d":"436,980,000.00"},{"v":436980000,"d":"436,980,000.00"}]
["民生类","530000231100001107421","其他人员支出","昆明医科大学第一附属医院","2100201","综合医院","30199","其他工资福利支出",{"v":436980000,"d":"436,980,000.00"},{"$nulls":8},{"v":436980000,"d":"436,980,000.00"},{"v":436980000,"d":"436,980,000.00"}]
[null,null,"人才发展专项资金",{"$nulls":5},{"v":3758000,"d":"3,758,000.00"},{"v":3758000,"d":"3,758,000.00"},{"v":3758000,"d":"3,758,000.00"}]
["专项业务类","530000261100005175095","人才发展专项资金","昆明医科大学第一附属医院","2080116","引进人才费用","30202","印刷费",{"v":5500,"d":"5,500.00"},{"v":5500,"d":"5,500.00"},{"v":5500,"d":"5,500.00"}]
["专项业务类","530000261100005175095","人才发展专项资金","昆明医科大学第一附属医院","2080116","引进人才费用","30211","差旅费",{"v":22000,"d":"22,000.00"},{"v":22000,"d":"22,000.00"},{"v":22000,"d":"22,000.00"}]
["专项业务类","530000261100005175095","人才发展专项资金","昆明医科大学第一附属医院","2080116","引进人才费用","30216","培训费",{"v":58000,"d":"58,000.00"},{"v":58000,"d":"58,000.00"},{"v":58000,"d":"58,000.00"}]
["专项业务类","530000261100005175095","人才发展专项资金","昆明医科大学第一附属医院","2080116","引进人才费用","30218","专用材料费",{"v":2017100,"d":"2,017,100.00"},{"v":2017100,"d":"2,017,100.00"},{"v":2017100,"d":"2,017,100.00"}]
["专项业务类","530000261100005175095","人才发展专项资金","昆明医科大学第一附属医院","2080116","引进人才费用","30226","劳务费",{"v":255400,"d":"255,400.00"},{"v":255400,"d":"255,400.00"},{"v":255400,"d":"255,400.00"}]
["专项业务类","530000261100005175095","人才发展专项资金","昆明医科大学第一附属医院","2080116","引进人才费用","30227","委托业务费",{"v":400000,"d":"400,000.00"},{"v":400000,"d":"400,000.00"},{"v":400000,"d":"400,000.00"}]
["专项业务类","530000261100005175095","人才发展专项资金","昆明医科大学第一附属医院","2080116","引进人才费用","30305","生活补助",{"v":1000000,"d":"1,000,000.00"},{"v":1000000,"d":"1,000,000.00"},{"v":1000000,"d":"1,000,000.00"}]
[null,null,"兴滇英才支持计划2025年度青年人才资助经费",{"$nulls":5},{"v":1060944.51,"d":"1,060,944.51"},{"$nulls":4},{"v":1060944.51,"d":"1,060,944.51"}]
["事业发展类","530000251100004340204","兴滇英才支持计划2025年度青年人才资助经费","昆明医科大学第一附属医院","2080116","引进人才费用","30202","印刷费",{"v":7900,"d":"7,900.00"},{"$nulls":4},{"v":7900,"d":"7,900.00"}]
["事业发展类","530000251100004340204","兴滇英才支持计划2025年度青年人才资助经费","昆明医科大学第一附属医院","2080116","引进人才费用","30216","培训费",{"v":71154.05,"d":"71,154.05"},{"$nulls":4},{"v":71154.05,"d":"71,154.05"}]
["事业发展类","530000251100004340204","兴滇英才支持计划2025年度青年人才资助经费","昆明医科大学第一附属医院","2080116","引进人才费用","30218","专用材料费",{"v":346888.37,"d":"346,888.37"},{"$nulls":4},{"v":346888.37,"d":"346,888.37"}]
["事业发展类","530000251100004340204","兴滇英才支持计划2025年度青年人才资助经费","昆明医科大学第一附属医院","2080116","引进人才费用","30226","劳务费",{"v":152712.3,"d":"152,712.30"},{"$nulls":4},{"v":152712.3,"d":"152,712.30"}]
["事业发展类","530000251100004340204","兴滇英才支持计划2025年度青年人才资助经费","昆明医科大学第一附属医院","2080116","引进人才费用","30227","委托业务费",{"v":482289.79,"d":"482,289.79"},{"$nulls":4},{"v":482289.79,"d":"482,289.79"}]
[null,null,"因公出国（境）专项经费",{"$nulls":5},{"v":500000,"d":"500,000.00"},{"$nulls":8},{"v":500000,"d":"500,000.00"},{"v":500000,"d":"500,000.00"}]
["因公出国（境）经费","530000231100001108521","因公出国（境）专项经费","昆明医科大学第一附属医院","2100201","综合医院","30212","因公出国（境）费用",{"v":500000,"d":"500,000.00"},{"$nulls":8},{"v":500000,"d":"500,000.00"},{"v":500000,"d":"500,000.00"}]
[null,null,"云南省2025年第一批科技计划基础研究计划专项资金",{"$nulls":5},{"v":23545.88,"d":"23,545.88"},{"$nulls":4},{"v":23545.88,"d":"23,545.88"}]
["事业发展类","530000251100004193010","云南省2025年第一批科技计划基础研究计划专项资金","昆明医科大学第一附属医院","2060206","专项基础科研","30216","培训费",{"v":5000,"d":"5,000.00"},{"$nulls":4},{"v":5000,"d":"5,000.00"}]
["事业发展类","530000251100004193010","云南省2025年第一批科技计划基础研究计划专项资金","昆明医科大学第一附属医院","2060206","专项基础科研","30226","劳务费",{"v":400,"d":"400.00"},{"$nulls":4},{"v":400,"d":"400.00"}]
["事业发展类","530000251100004193010","云南省2025年第一批科技计划基础研究计划专项资金","昆明医科大学第一附属医院","2060206","专项基础科研","30227","委托业务费",{"v":18145.88,"d":"18,145.88"},{"$nulls":4},{"v":18145.88,"d":"18,145.88"}]
[null,null,"云南省2025年度中央引导地方科技发展年度预算资金",{"$nulls":5},{"v":1949509,"d":"1,949,509.00"},{"$nulls":4},{"v":1949509,"d":"1,949,509.00"}]
["事业发展类","530000251100004564342","云南省2025年度中央引导地方科技发展年度预算资金","昆明医科大学第一附属医院","2060204","实验室及相关设施","30211","差旅费",{"v":96292,"d":"96,292.00"},{"$nulls":4},{"v":96292,"d":"96,292.00"}]
["事业发展类","530000251100004564342","云南省2025年度中央引导地方科技发展年度预算资金","昆明医科大学第一附属医院","2060204","实验室及相关设施","30218","专用材料费",{"v":788017,"d":"788,017.00"},{"$nulls":4},{"v":788017,"d":"788,017.00"}]
["事业发展类","530000251100004564342","云南省2025年度中央引导地方科技发展年度预算资金","昆明医科大学第一附属医院","2060204","实验室及相关设施","30226","劳务费",{"v":83400,"d":"83,400.00"},{"$nulls":4},{"v":83400,"d":"83,400.00"}]
["事业发展类","530000251100004564342","云南省2025年度中央引导地方科技发展年度预算资金","昆明医科大学第一附属医院","2060204","实验室及相关设施","30227","委托业务费",{"v":529200,"d":"529,200.00"},{"$nulls":4},{"v":529200,"d":"529,200.00"}]
["事业发展类","530000251100004564342","云南省2025年度中央引导地方科技发展年度预算资金","昆明医科大学第一附属医院","2060204","实验室及相关设施","30299","其他商品和服务支出",{"v":2600,"d":"2,600.00"},{"$nulls":4},{"v":2600,"d":"2,600.00"}]
["事业发展类","530000251100004564342","云南省2025年度中央引导地方科技发展年度预算资金","昆明医科大学第一附属医院","2060204","实验室及相关设施","31003","专用设备购置",{"v":450000,"d":"450,000.00"},{"$nulls":4},{"v":450000,"d":"450,000.00"}]
[null,null,"专业技术人才专项培养奖励和管理专项资金",{"$nulls":5},{"v":270000,"d":"270,000.00"},{"v":270000,"d":"270,000.00"},{"v":270000,"d":"270,000.00"}]
["专项业务类","530000261100005175094","专业技术人才专项培养奖励和管理专项资金","昆明医科大学第一附属医院","2080116","引进人才费用","30216","培训费",{"v":31000,"d":"31,000.00"},{"v":31000,"d":"31,000.00"},{"v":31000,"d":"31,000.00"}]
["专项业务类","530000261100005175094","专业技术人才专项培养奖励和管理专项资金","昆明医科大学第一附属医院","2080116","引进人才费用","30218","专用材料费",{"v":69000,"d":"69,000.00"},{"v":69000,"d":"69,000.00"},{"v":69000,"d":"69,000.00"}]
["专项业务类","530000261100005175094","专业技术人才专项培养奖励和管理专项资金","昆明医科大学第一附属医院","2080116","引进人才费用","30305","生活补助",{"v":170000,"d":"170,000.00"},{"v":170000,"d":"170,000.00"},{"v":170000,"d":"170,000.00"}]
["合  计",{"$nulls":7},{"v":1194309216.5,"d":"1,194,309,216.50"},{"v":30832900,"d":"30,832,900.00"},{"v":30832900,"d":"30,832,900.00"},null,null,{"v":380880607,"d":"380,880,607.00"},{"$nulls":3},{"v":782595709.5,"d":"782,595,709.50"},{"v":684602858.91,"d":"684,602,858.91"},{"$nulls":3},{"v":97992850.59,"d":"97,992,850.59"}]

{"sheet":"部门项目支出绩效目标表05-2","index":8,"n_rows":54,"n_cols":10,"rows_kept":54,"merged":[[1,0,1,9],[2,0,2,7],[6,0,12,0],[6,1,12,1],[13,0,30,0],[13,1,30,1],[31,0,39,0],[31,1,39,1],[40,0,42,0],[40,1,42,1],[43,0,50,0],[43,1,50,1],[51,0,53,0],[51,1,53,1]]}
[{"$nulls":9},"预算05-2表"]
["2026年部门项目支出绩效目标表"]
[{"$f":"\"单位名称：\"&\"昆明医科大学第一附属医院\"","v":"单位名称：昆明医科大学第一附属医院"}]
["单位名称、项目名称","项目年度绩效目标","一级指标","二级指标","三级指标","指标性质","指标值","度量单位","指标属性","指标内容"]
[1,2,3,4,5,6,7,8,9,10]
["昆明医科大学第一附属医院"]
["人才发展专项资金","通过实施云南省“兴滇英才支持计划”青年人才项目，完善梯队建设和人才培养，继续贯彻“仁医仁术立院、真理真心育人”的核心理念，坚持“以患者为中心，以员工为核心”，牢记“维护健康、立德树人”的根本任务，全面提升医疗质量、医疗服务、医学教育、临床科研、医院管理能力和水平，强化体系创新、技术创新、模式创新、管理创新，努力建设云南引领、西部一流、全国知名、辐射南亚东南亚的高质量发展的现代化高水平医科大学附属医院。","产出指标","数量指标","国家级或省级科研立项（实施）",">=","30","项","定量指标","国家级或省级科研立项（实施）"]
["人才发展专项资金","通过实施云南省“兴滇英才支持计划”青年人才项目，完善梯队建设和人才培养，继续贯彻“仁医仁术立院、真理真心育人”的核心理念，坚持“以患者为中心，以员工为核心”，牢记“维护健康、立德树人”的根本任务，全面提升医疗质量、医疗服务、医学教育、临床科研、医院管理能力和水平，强化体系创新、技术创新、模式创新、管理创新，努力建设云南引领、西部一流、全国知名、辐射南亚东南亚的高质量发展的现代化高水平医科大学附属医院。","产出指标","数量指标","发表SCI论文",">=","30","篇","定量指标","发表SCI论文"]
["人才发展专项资金","通过实施云南省“兴滇英才支持计划”青年人才项目，完善梯队建设和人才培养，继续贯彻“仁医仁术立院、真理真心育人”的核心理念，坚持“以患者为中心，以员工为核心”，牢记“维护健康、立德树人”的根本任务，全面提升医疗质量、医疗服务、医学教育、临床科研、医院管理能力和水平，强化体系创新、技术创新、模式创新、管理创新，努力建设云南引领、西部一流、全国知名、辐射南亚东南亚的高质量发展的现代化高水平医科大学附属医院。","产出指标","数量指标","发表中文核心期刊",">=","20","篇","定量指标","发表中文核心期刊"]
["人才发展专项资金","通过实施云南省“兴滇英才支持计划”青年人才项目，完善梯队建设和人才培养，继续贯彻“仁医仁术立院、真理真心育人”的核心理念，坚持“以患者为中心，以员工为核心”，牢记“维护健康、立德树人”的根本任务，全面提升医疗质量、医疗服务、医学教育、临床科研、医院管理能力和水平，强化体系创新、技术创新、模式创新、管理创新，努力建设云南引领、西部一流、全国知名、辐射南亚东南亚的高质量发展的现代化高水平医科大学附属医院。","产出指标","数量指标","诊疗人次",">=","10000","人次","定量指标","诊疗人次"]
["人才发展专项资金","通过实施云南省“兴滇英才支持计划”青年人才项目，完善梯队建设和人才培养，继续贯彻“仁医仁术立院、真理真心育人”的核心理念，坚持“以患者为中心，以员工为核心”，牢记“维护健康、立德树人”的根本任务，全面提升医疗质量、医疗服务、医学教育、临床科研、医院管理能力和水平，强化体系创新、技术创新、模式创新、管理创新，努力建设云南引领、西部一流、全国知名、辐射南亚东南亚的高质量发展的现代化高水平医科大学附属医院。","效益指标","社会效益","培养基层人才",">=","2000","人","定量指标","培养基层人才"]
["人才发展专项资金","通过实施云南省“兴滇英才支持计划”青年人才项目，完善梯队建设和人才培养，继续贯彻“仁医仁术立院、真理真心育人”的核心理念，坚持“以患者为中心，以员工为核心”，牢记“维护健康、立德树人”的根本任务，全面提升医疗质量、医疗服务、医学教育、临床科研、医院管理能力和水平，强化体系创新、技术创新、模式创新、管理创新，努力建设云南引领、西部一流、全国知名、辐射南亚东南亚的高质量发展的现代化高水平医科大学附属医院。","效益指标","可持续影响","培养研究生",">=","30","人","定量指标","培养研究生"]
["人才发展专项资金","通过实施云南省“兴滇英才支持计划”青年人才项目，完善梯队建设和人才培养，继续贯彻“仁医仁术立院、真理真心育人”的核心理念，坚持“以患者为中心，以员工为核心”，牢记“维护健康、立德树人”的根本任务，全面提升医疗质量、医疗服务、医学教育、临床科研、医院管理能力和水平，强化体系创新、技术创新、模式创新、管理创新，努力建设云南引领、西部一流、全国知名、辐射南亚东南亚的高质量发展的现代化高水平医科大学附属医院。","满意度指标","服务对象满意度","患者满意度",">=","90","%","定量指标","患者满意度"]
["附一院提升医疗服务能力专项资金","1.住培/专科医师规范化培训：完成上级部门住培招收指标90%以上，住培医师结业考核首考通过率达到90%以上，住培医师满意度达90%。\n2.副省级以上干部医疗费：每周完成重点保健对象日常巡诊工作，每周巡诊人次不少于55人次。每年完成重点保健对象体检工作，每位重点保健对象每年体检1-2次。及时发现重点保健对象健康问题，发现问题及时入院，进一步明确病因。\n3.厅级干部健康体检经费：按省保健局要求，做好保健对象体检工作，合理安排体检流程，尽量减少保健对象体检过程中的往返，确保体检结论诊断无误，进一步提升保健对象满意度。\n4.保健基地医院能力提升经费：进一步做好医院信息化建设，确保每一位保健对象的医疗档案安全；完成指令性任务，不少于150人次；完成医护人员能力提升。\n5.云南省第六批中医药师带徒（中药类）项目：按计划完成中药类继承人的培养任务，确保继承人在跟师学习、实践技能、学术研究等方面达到规定要求，提高继承人的专业素养和能力水平。\n6.药政能力提升：按照工作要求完成云南省核心网成员单位调整和新入网成员单位审核确认工作，保障我省监测数据的质量；收集年度监测数据，应用数据评分表和评分软件对全省239家医疗机构成员单位监测数据进行分析、评价、反馈，发现存在的问题并积极整改，向云南省卫健委提交年度监测数据分析报告1份。\n","产出指标","数量指标","跟师工作记录完成份数",">=","12","份","定量指标","中医药继承人完成12份跟师工作记录，且能反映导师经验专长\n"]
["附一院提升医疗服务能力专项资金","1.住培/专科医师规范化培训：完成上级部门住培招收指标90%以上，住培医师结业考核首考通过率达到90%以上，住培医师满意度达90%。\n2.副省级以上干部医疗费：每周完成重点保健对象日常巡诊工作，每周巡诊人次不少于55人次。每年完成重点保健对象体检工作，每位重点保健对象每年体检1-2次。及时发现重点保健对象健康问题，发现问题及时入院，进一步明确病因。\n3.厅级干部健康体检经费：按省保健局要求，做好保健对象体检工作，合理安排体检流程，尽量减少保健对象体检过程中的往返，确保体检结论诊断无误，进一步提升保健对象满意度。\n4.保健基地医院能力提升经费：进一步做好医院信息化建设，确保每一位保健对象的医疗档案安全；完成指令性任务，不少于150人次；完成医护人员能力提升。\n5.云南省第六批中医药师带徒（中药类）项目：按计划完成中药类继承人的培养任务，确保继承人在跟师学习、实践技能、学术研究等方面达到规定要求，提高继承人的专业素养和能力水平。\n6.药政能力提升：按照工作要求完成云南省核心网成员单位调整和新入网成员单位审核确认工作，保障我省监测数据的质量；收集年度监测数据，应用数据评分表和评分软件对全省239家医疗机构成员单位监测数据进行分析、评价、反馈，发现存在的问题并积极整改，向云南省卫健委提交年度监测数据分析报告1份。\n","产出指标","数量指标","处方点评报告完成份数",">=","12","份","定量指标","中医药继承人完成12份处方点评报告，点评内容包含门诊处方及病历等，能指出不合理处方问题并提出针对性建议\n"]
["附一院提升医疗服务能力专项资金","1.住培/专科医师规范化培训：完成上级部门住培招收指标90%以上，住培医师结业考核首考通过率达到90%以上，住培医师满意度达90%。\n2.副省级以上干部医疗费：每周完成重点保健对象日常巡诊工作，每周巡诊人次不少于55人次。每年完成重点保健对象体检工作，每位重点保健对象每年体检1-2次。及时发现重点保健对象健康问题，发现问题及时入院，进一步明确病因。\n3.厅级干部健康体检经费：按省保健局要求，做好保健对象体检工作，合理安排体检流程，尽量减少保健对象体检过程中的往返，确保体检结论诊断无误，进一步提升保健对象满意度。\n4.保健基地医院能力提升经费：进一步做好医院信息化建设，确保每一位保健对象的医疗档案安全；完成指令性任务，不少于150人次；完成医护人员能力提升。\n5.云南省第六批中医药师带徒（中药类）项目：按计划完成中药类继承人的培养任务，确保继承人在跟师学习、实践技能、学术研究等方面达到规定要求，提高继承人的专业素养和能力水平。\n6.药政能力提升：按照工作要求完成云南省核心网成员单位调整和新入网成员单位审核确认工作，保障我省监测数据的质量；收集年度监测数据，应用数据评分表和评分软件对全省239家医疗机构成员单位监测数据进行分析、评价、反馈，发现存在的问题并积极整改，向云南省卫健委提交年度监测数据分析报告1份。\n","产出指标","数量指标","药历完成份数",">=","10","份","定量指标","中医药继承人完成10份药历，药历书写规范，内容完整，药物分析透彻充分，有指导老师批阅\n"]
["附一院提升医疗服务能力专项资金","1.住培/专科医师规范化培训：完成上级部门住培招收指标90%以上，住培医师结业考核首考通过率达到90%以上，住培医师满意度达90%。\n2.副省级以上干部医疗费：每周完成重点保健对象日常巡诊工作，每周巡诊人次不少于55人次。每年完成重点保健对象体检工作，每位重点保健对象每年体检1-2次。及时发现重点保健对象健康问题，发现问题及时入院，进一步明确病因。\n3.厅级干部健康体检经费：按省保健局要求，做好保健对象体检工作，合理安排体检流程，尽量减少保健对象体检过程中的往返，确保体检结论诊断无误，进一步提升保健对象满意度。\n4.保健基地医院能力提升经费：进一步做好医院信息化建设，确保每一位保健对象的医疗档案安全；完成指令性任务，不少于150人次；完成医护人员能力提升。\n5.云南省第六批中医药师带徒（中药类）项目：按计划完成中药类继承人的培养任务，确保继承人在跟师学习、实践技能、学术研究等方面达到规定要求，提高继承人的专业素养和能力水平。\n6.药政能力提升：按照工作要求完成云南省核心网成员单位调整和新入网成员单位审核确认工作，保障我省监测数据的质量；收集年度监测数据，应用数据评分表和评分软件对全省239家医疗机构成员单位监测数据进行分析、评价、反馈，发现存在的问题并积极整改，向云南省卫健委提交年度监测数据分析报告1份。\n","产出指标","数量指标","保健对象巡诊人数",">=","2300","人","定量指标","每周完成重点保健对象日常巡诊工作，每周巡诊人次不少于55人次。每年完成重点保健对象体检工作，每位重点保健对象每年体检1-2次。及时发现重点保健对象健康问题，发现问题及时入院，进一步明确病因。"]
["附一院提升医疗服务能力专项资金","1.住培/专科医师规范化培训：完成上级部门住培招收指标90%以上，住培医师结业考核首考通过率达到90%以上，住培医师满意度达90%。\n2.副省级以上干部医疗费：每周完成重点保健对象日常巡诊工作，每周巡诊人次不少于55人次。每年完成重点保健对象体检工作，每位重点保健对象每年体检1-2次。及时发现重点保健对象健康问题，发现问题及时入院，进一步明确病因。\n3.厅级干部健康体检经费：按省保健局要求，做好保健对象体检工作，合理安排体检流程，尽量减少保健对象体检过程中的往返，确保体检结论诊断无误，进一步提升保健对象满意度。\n4.保健基地医院能力提升经费：进一步做好医院信息化建设，确保每一位保健对象的医疗档案安全；完成指令性任务，不少于150人次；完成医护人员能力提升。\n5.云南省第六批中医药师带徒（中药类）项目：按计划完成中药类继承人的培养任务，确保继承人在跟师学习、实践技能、学术研究等方面达到规定要求，提高继承人的专业素养和能力水平。\n6.药政能力提升：按照工作要求完成云南省核心网成员单位调整和新入网成员单位审核确认工作，保障我省监测数据的质量；收集年度监测数据，应用数据评分表和评分软件对全省239家医疗机构成员单位监测数据进行分析、评价、反馈，发现存在的问题并积极整改，向云南省卫健委提交年度监测数据分析报告1份。\n","产出指标","数量指标","保健对象体检人数",">=","1300","人","定量指标","按省保健局要求，做好保健对象体检工作，合理安排体检流程，尽量减少保健对象体检过程中的往返，确保体检结论诊断无误，进一步提升保健对象满意度（平均满意度达95分以上）"]
["附一院提升医疗服务能力专项资金","1.住培/专科医师规范化培训：完成上级部门住培招收指标90%以上，住培医师结业考核首考通过率达到90%以上，住培医师满意度达90%。\n2.副省级以上干部医疗费：每周完成重点保健对象日常巡诊工作，每周巡诊人次不少于55人次。每年完成重点保健对象体检工作，每位重点保健对象每年体检1-2次。及时发现重点保健对象健康问题，发现问题及时入院，进一步明确病因。\n3.厅级干部健康体检经费：按省保健局要求，做好保健对象体检工作，合理安排体检流程，尽量减少保健对象体检过程中的往返，确保体检结论诊断无误，进一步提升保健对象满意度。\n4.保健基地医院能力提升经费：进一步做好医院信息化建设，确保每一位保健对象的医疗档案安全；完成指令性任务，不少于150人次；完成医护人员能力提升。\n5.云南省第六批中医药师带徒（中药类）项目：按计划完成中药类继承人的培养任务，确保继承人在跟师学习、实践技能、学术研究等方面达到规定要求，提高继承人的专业素养和能力水平。\n6.药政能力提升：按照工作要求完成云南省核心网成员单位调整和新入网成员单位审核确认工作，保障我省监测数据的质量；收集年度监测数据，应用数据评分表和评分软件对全省239家医疗机构成员单位监测数据进行分析、评价、反馈，发现存在的问题并积极整改，向云南省卫健委提交年度监测数据分析报告1份。\n","产出指标","数量指标","完成指令性保健任务",">=","150","人次","定量指标","1.进一步做好医院信息化建设，确保每一位保健对象的医疗档案安全\n2.完成指令性任务，不少于150人次\n3.完成医护人员能力提升"]
["附一院提升医疗服务能力专项资金","1.住培/专科医师规范化培训：完成上级部门住培招收指标90%以上，住培医师结业考核首考通过率达到90%以上，住培医师满意度达90%。\n2.副省级以上干部医疗费：每周完成重点保健对象日常巡诊工作，每周巡诊人次不少于55人次。每年完成重点保健对象体检工作，每位重点保健对象每年体检1-2次。及时发现重点保健对象健康问题，发现问题及时入院，进一步明确病因。\n3.厅级干部健康体检经费：按省保健局要求，做好保健对象体检工作，合理安排体检流程，尽量减少保健对象体检过程中的往返，确保体检结论诊断无误，进一步提升保健对象满意度。\n4.保健基地医院能力提升经费：进一步做好医院信息化建设，确保每一位保健对象的医疗档案安全；完成指令性任务，不少于150人次；完成医护人员能力提升。\n5.云南省第六批中医药师带徒（中药类）项目：按计划完成中药类继承人的培养任务，确保继承人在跟师学习、实践技能、学术研究等方面达到规定要求，提高继承人的专业素养和能力水平。\n6.药政能力提升：按照工作要求完成云南省核心网成员单位调整和新入网成员单位审核确认工作，保障我省监测数据的质量；收集年度监测数据，应用数据评分表和评分软件对全省239家医疗机构成员单位监测数据进行分析、评价、反馈，发现存在的问题并积极整改，向云南省卫健委提交年度监测数据分析报告1份。\n","产出指标","数量指标","耐药监测数据分析报告","=","1.00","份","定量指标","云南省医疗机构细菌真菌耐药监测分析质量管理中心出具耐药监测数据分析报告一份"]
["附一院提升医疗服务能力专项资金","1.住培/专科医师规范化培训：完成上级部门住培招收指标90%以上，住培医师结业考核首考通过率达到90%以上，住培医师满意度达90%。\n2.副省级以上干部医疗费：每周完成重点保健对象日常巡诊工作，每周巡诊人次不少于55人次。每年完成重点保健对象体检工作，每位重点保健对象每年体检1-2次。及时发现重点保健对象健康问题，发现问题及时入院，进一步明确病因。\n3.厅级干部健康体检经费：按省保健局要求，做好保健对象体检工作，合理安排体检流程，尽量减少保健对象体检过程中的往返，确保体检结论诊断无误，进一步提升保健对象满意度。\n4.保健基地医院能力提升经费：进一步做好医院信息化建设，确保每一位保健对象的医疗档案安全；完成指令性任务，不少于150人次；完成医护人员能力提升。\n5.云南省第六批中医药师带徒（中药类）项目：按计划完成中药类继承人的培养任务，确保继承人在跟师学习、实践技能、学术研究等方面达到规定要求，提高继承人的专业素养和能力水平。\n6.药政能力提升：按照工作要求完成云南省核心网成员单位调整和新入网成员单位审核确认工作，保障我省监测数据的质量；收集年度监测数据，应用数据评分表和评分软件对全省239家医疗机构成员单位监测数据进行分析、评价、反馈，发现存在的问题并积极整改，向云南省卫健委提交年度监测数据分析报告1份。\n","产出指标","数量指标","规培其他医疗机构药师",">=","6","人","定量指标","药政能力提升规培其他医疗机构药师6名\n"]
["附一院提升医疗服务能力专项资金","1.住培/专科医师规范化培训：完成上级部门住培招收指标90%以上，住培医师结业考核首考通过率达到90%以上，住培医师满意度达90%。\n2.副省级以上干部医疗费：每周完成重点保健对象日常巡诊工作，每周巡诊人次不少于55人次。每年完成重点保健对象体检工作，每位重点保健对象每年体检1-2次。及时发现重点保健对象健康问题，发现问题及时入院，进一步明确病因。\n3.厅级干部健康体检经费：按省保健局要求，做好保健对象体检工作，合理安排体检流程，尽量减少保健对象体检过程中的往返，确保体检结论诊断无误，进一步提升保健对象满意度。\n4.保健基地医院能力提升经费：进一步做好医院信息化建设，确保每一位保健对象的医疗档案安全；完成指令性任务，不少于150人次；完成医护人员能力提升。\n5.云南省第六批中医药师带徒（中药类）项目：按计划完成中药类继承人的培养任务，确保继承人在跟师学习、实践技能、学术研究等方面达到规定要求，提高继承人的专业素养和能力水平。\n6.药政能力提升：按照工作要求完成云南省核心网成员单位调整和新入网成员单位审核确认工作，保障我省监测数据的质量；收集年度监测数据，应用数据评分表和评分软件对全省239家医疗机构成员单位监测数据进行分析、评价、反馈，发现存在的问题并积极整改，向云南省卫健委提交年度监测数据分析报告1份。\n","产出指标","数量指标","发表论文",">=","2","篇","定量指标","药政能力提升发表相关论文"]
["附一院提升医疗服务能力专项资金","1.住培/专科医师规范化培训：完成上级部门住培招收指标90%以上，住培医师结业考核首考通过率达到90%以上，住培医师满意度达90%。\n2.副省级以上干部医疗费：每周完成重点保健对象日常巡诊工作，每周巡诊人次不少于55人次。每年完成重点保健对象体检工作，每位重点保健对象每年体检1-2次。及时发现重点保健对象健康问题，发现问题及时入院，进一步明确病因。\n3.厅级干部健康体检经费：按省保健局要求，做好保健对象体检工作，合理安排体检流程，尽量减少保健对象体检过程中的往返，确保体检结论诊断无误，进一步提升保健对象满意度。\n4.保健基地医院能力提升经费：进一步做好医院信息化建设，确保每一位保健对象的医疗档案安全；完成指令性任务，不少于150人次；完成医护人员能力提升。\n5.云南省第六批中医药师带徒（中药类）项目：按计划完成中药类继承人的培养任务，确保继承人在跟师学习、实践技能、学术研究等方面达到规定要求，提高继承人的专业素养和能力水平。\n6.药政能力提升：按照工作要求完成云南省核心网成员单位调整和新入网成员单位审核确认工作，保障我省监测数据的质量；收集年度监测数据，应用数据评分表和评分软件对全省239家医疗机构成员单位监测数据进行分析、评价、反馈，发现存在的问题并积极整改，向云南省卫健委提交年度监测数据分析报告1份。\n","产出指标","数量指标","住培结业考核首考通过率",">=","90","%","定量指标","住培结业考核首考通过率"]
["附一院提升医疗服务能力专项资金","1.住培/专科医师规范化培训：完成上级部门住培招收指标90%以上，住培医师结业考核首考通过率达到90%以上，住培医师满意度达90%。\n2.副省级以上干部医疗费：每周完成重点保健对象日常巡诊工作，每周巡诊人次不少于55人次。每年完成重点保健对象体检工作，每位重点保健对象每年体检1-2次。及时发现重点保健对象健康问题，发现问题及时入院，进一步明确病因。\n3.厅级干部健康体检经费：按省保健局要求，做好保健对象体检工作，合理安排体检流程，尽量减少保健对象体检过程中的往返，确保体检结论诊断无误，进一步提升保健对象满意度。\n4.保健基地医院能力提升经费：进一步做好医院信息化建设，确保每一位保健对象的医疗档案安全；完成指令性任务，不少于150人次；完成医护人员能力提升。\n5.云南省第六批中医药师带徒（中药类）项目：按计划完成中药类继承人的培养任务，确保继承人在跟师学习、实践技能、学术研究等方面达到规定要求，提高继承人的专业素养和能力水平。\n6.药政能力提升：按照工作要求完成云南省核心网成员单位调整和新入网成员单位审核确认工作，保障我省监测数据的质量；收集年度监测数据，应用数据评分表和评分软件对全省239家医疗机构成员单位监测数据进行分析、评价、反馈，发现存在的问题并积极整改，向云南省卫健委提交年度监测数据分析报告1份。\n","产出指标","数量指标","住培招收完成率",">=","90","%","定量指标","住培招收完成率"]
["附一院提升医疗服务能力专项资金","1.住培/专科医师规范化培训：完成上级部门住培招收指标90%以上，住培医师结业考核首考通过率达到90%以上，住培医师满意度达90%。\n2.副省级以上干部医疗费：每周完成重点保健对象日常巡诊工作，每周巡诊人次不少于55人次。每年完成重点保健对象体检工作，每位重点保健对象每年体检1-2次。及时发现重点保健对象健康问题，发现问题及时入院，进一步明确病因。\n3.厅级干部健康体检经费：按省保健局要求，做好保健对象体检工作，合理安排体检流程，尽量减少保健对象体检过程中的往返，确保体检结论诊断无误，进一步提升保健对象满意度。\n4.保健基地医院能力提升经费：进一步做好医院信息化建设，确保每一位保健对象的医疗档案安全；完成指令性任务，不少于150人次；完成医护人员能力提升。\n5.云南省第六批中医药师带徒（中药类）项目：按计划完成中药类继承人的培养任务，确保继承人在跟师学习、实践技能、学术研究等方面达到规定要求，提高继承人的专业素养和能力水平。\n6.药政能力提升：按照工作要求完成云南省核心网成员单位调整和新入网成员单位审核确认工作，保障我省监测数据的质量；收集年度监测数据，应用数据评分表和评分软件对全省239家医疗机构成员单位监测数据进行分析、评价、反馈，发现存在的问题并积极整改，向云南省卫健委提交年度监测数据分析报告1份。\n","产出指标","质量指标","药学实践技能总体符合率",">=","80","%","定量指标","中医药继承人中药炮制、调剂、正伪品鉴别、临床实践等与指导老师的总体符合率达到80%（含）以上\n"]
["附一院提升医疗服务能力专项资金","1.住培/专科医师规范化培训：完成上级部门住培招收指标90%以上，住培医师结业考核首考通过率达到90%以上，住培医师满意度达90%。\n2.副省级以上干部医疗费：每周完成重点保健对象日常巡诊工作，每周巡诊人次不少于55人次。每年完成重点保健对象体检工作，每位重点保健对象每年体检1-2次。及时发现重点保健对象健康问题，发现问题及时入院，进一步明确病因。\n3.厅级干部健康体检经费：按省保健局要求，做好保健对象体检工作，合理安排体检流程，尽量减少保健对象体检过程中的往返，确保体检结论诊断无误，进一步提升保健对象满意度。\n4.保健基地医院能力提升经费：进一步做好医院信息化建设，确保每一位保健对象的医疗档案安全；完成指令性任务，不少于150人次；完成医护人员能力提升。\n5.云南省第六批中医药师带徒（中药类）项目：按计划完成中药类继承人的培养任务，确保继承人在跟师学习、实践技能、学术研究等方面达到规定要求，提高继承人的专业素养和能力水平。\n6.药政能力提升：按照工作要求完成云南省核心网成员单位调整和新入网成员单位审核确认工作，保障我省监测数据的质量；收集年度监测数据，应用数据评分表和评分软件对全省239家医疗机构成员单位监测数据进行分析、评价、反馈，发现存在的问题并积极整改，向云南省卫健委提交年度监测数据分析报告1份。\n","效益指标","社会效益","科普宣传","=","1.00","次","定量指标","药政能力提升，云南省医疗机构细菌真菌耐药监测分析质量管理中心科普宣传"]
["附一院提升医疗服务能力专项资金","1.住培/专科医师规范化培训：完成上级部门住培招收指标90%以上，住培医师结业考核首考通过率达到90%以上，住培医师满意度达90%。\n2.副省级以上干部医疗费：每周完成重点保健对象日常巡诊工作，每周巡诊人次不少于55人次。每年完成重点保健对象体检工作，每位重点保健对象每年体检1-2次。及时发现重点保健对象健康问题，发现问题及时入院，进一步明确病因。\n3.厅级干部健康体检经费：按省保健局要求，做好保健对象体检工作，合理安排体检流程，尽量减少保健对象体检过程中的往返，确保体检结论诊断无误，进一步提升保健对象满意度。\n4.保健基地医院能力提升经费：进一步做好医院信息化建设，确保每一位保健对象的医疗档案安全；完成指令性任务，不少于150人次；完成医护人员能力提升。\n5.云南省第六批中医药师带徒（中药类）项目：按计划完成中药类继承人的培养任务，确保继承人在跟师学习、实践技能、学术研究等方面达到规定要求，提高继承人的专业素养和能力水平。\n6.药政能力提升：按照工作要求完成云南省核心网成员单位调整和新入网成员单位审核确认工作，保障我省监测数据的质量；收集年度监测数据，应用数据评分表和评分软件对全省239家医疗机构成员单位监测数据进行分析、评价、反馈，发现存在的问题并积极整改，向云南省卫健委提交年度监测数据分析报告1份。\n","效益指标","社会效益","提升医院医疗质量水平",">=","90","%","定量指标","按省卫健委工作要求，完成相关专业省市州县级医疗机构医疗质控工作监督和评价"]
["附一院提升医疗服务能力专项资金","1.住培/专科医师规范化培训：完成上级部门住培招收指标90%以上，住培医师结业考核首考通过率达到90%以上，住培医师满意度达90%。\n2.副省级以上干部医疗费：每周完成重点保健对象日常巡诊工作，每周巡诊人次不少于55人次。每年完成重点保健对象体检工作，每位重点保健对象每年体检1-2次。及时发现重点保健对象健康问题，发现问题及时入院，进一步明确病因。\n3.厅级干部健康体检经费：按省保健局要求，做好保健对象体检工作，合理安排体检流程，尽量减少保健对象体检过程中的往返，确保体检结论诊断无误，进一步提升保健对象满意度。\n4.保健基地医院能力提升经费：进一步做好医院信息化建设，确保每一位保健对象的医疗档案安全；完成指令性任务，不少于150人次；完成医护人员能力提升。\n5.云南省第六批中医药师带徒（中药类）项目：按计划完成中药类继承人的培养任务，确保继承人在跟师学习、实践技能、学术研究等方面达到规定要求，提高继承人的专业素养和能力水平。\n6.药政能力提升：按照工作要求完成云南省核心网成员单位调整和新入网成员单位审核确认工作，保障我省监测数据的质量；收集年度监测数据，应用数据评分表和评分软件对全省239家医疗机构成员单位监测数据进行分析、评价、反馈，发现存在的问题并积极整改，向云南省卫健委提交年度监测数据分析报告1份。\n","效益指标","社会效益","出院患者手术占比",">=","40","%","定量指标","出院患者施行手术治疗台次占同期出院患者总人次数的比例。"]
["附一院提升医疗服务能力专项资金","1.住培/专科医师规范化培训：完成上级部门住培招收指标90%以上，住培医师结业考核首考通过率达到90%以上，住培医师满意度达90%。\n2.副省级以上干部医疗费：每周完成重点保健对象日常巡诊工作，每周巡诊人次不少于55人次。每年完成重点保健对象体检工作，每位重点保健对象每年体检1-2次。及时发现重点保健对象健康问题，发现问题及时入院，进一步明确病因。\n3.厅级干部健康体检经费：按省保健局要求，做好保健对象体检工作，合理安排体检流程，尽量减少保健对象体检过程中的往返，确保体检结论诊断无误，进一步提升保健对象满意度。\n4.保健基地医院能力提升经费：进一步做好医院信息化建设，确保每一位保健对象的医疗档案安全；完成指令性任务，不少于150人次；完成医护人员能力提升。\n5.云南省第六批中医药师带徒（中药类）项目：按计划完成中药类继承人的培养任务，确保继承人在跟师学习、实践技能、学术研究等方面达到规定要求，提高继承人的专业素养和能力水平。\n6.药政能力提升：按照工作要求完成云南省核心网成员单位调整和新入网成员单位审核确认工作，保障我省监测数据的质量；收集年度监测数据，应用数据评分表和评分软件对全省239家医疗机构成员单位监测数据进行分析、评价、反馈，发现存在的问题并积极整改，向云南省卫健委提交年度监测数据分析报告1份。\n","满意度指标","服务对象满意度","毕业住培医师培训满意度",">=","90","%","定量指标","毕业住培医师培训满意度"]
["附一院提升医疗服务能力专项资金","1.住培/专科医师规范化培训：完成上级部门住培招收指标90%以上，住培医师结业考核首考通过率达到90%以上，住培医师满意度达90%。\n2.副省级以上干部医疗费：每周完成重点保健对象日常巡诊工作，每周巡诊人次不少于55人次。每年完成重点保健对象体检工作，每位重点保健对象每年体检1-2次。及时发现重点保健对象健康问题，发现问题及时入院，进一步明确病因。\n3.厅级干部健康体检经费：按省保健局要求，做好保健对象体检工作，合理安排体检流程，尽量减少保健对象体检过程中的往返，确保体检结论诊断无误，进一步提升保健对象满意度。\n4.保健基地医院能力提升经费：进一步做好医院信息化建设，确保每一位保健对象的医疗档案安全；完成指令性任务，不少于150人次；完成医护人员能力提升。\n5.云南省第六批中医药师带徒（中药类）项目：按计划完成中药类继承人的培养任务，确保继承人在跟师学习、实践技能、学术研究等方面达到规定要求，提高继承人的专业素养和能力水平。\n6.药政能力提升：按照工作要求完成云南省核心网成员单位调整和新入网成员单位审核确认工作，保障我省监测数据的质量；收集年度监测数据，应用数据评分表和评分软件对全省239家医疗机构成员单位监测数据进行分析、评价、反馈，发现存在的问题并积极整改，向云南省卫健委提交年度监测数据分析报告1份。\n","满意度指标","服务对象满意度","保健对象满意度",">=","95","%","定量指标","确保保健对象满意度达95%"]
["附一院提升医疗服务能力专项资金","1.住培/专科医师规范化培训：完成上级部门住培招收指标90%以上，住培医师结业考核首考通过率达到90%以上，住培医师满意度达90%。\n2.副省级以上干部医疗费：每周完成重点保健对象日常巡诊工作，每周巡诊人次不少于55人次。每年完成重点保健对象体检工作，每位重点保健对象每年体检1-2次。及时发现重点保健对象健康问题，发现问题及时入院，进一步明确病因。\n3.厅级干部健康体检经费：按省保健局要求，做好保健对象体检工作，合理安排体检流程，尽量减少保健对象体检过程中的往返，确保体检结论诊断无误，进一步提升保健对象满意度。\n4.保健基地医院能力提升经费：进一步做好医院信息化建设，确保每一位保健对象的医疗档案安全；完成指令性任务，不少于150人次；完成医护人员能力提升。\n5.云南省第六批中医药师带徒（中药类）项目：按计划完成中药类继承人的培养任务，确保继承人在跟师学习、实践技能、学术研究等方面达到规定要求，提高继承人的专业素养和能力水平。\n6.药政能力提升：按照工作要求完成云南省核心网成员单位调整和新入网成员单位审核确认工作，保障我省监测数据的质量；收集年度监测数据，应用数据评分表和评分软件对全省239家医疗机构成员单位监测数据进行分析、评价、反馈，发现存在的问题并积极整改，向云南省卫健委提交年度监测数据分析报告1份。\n","满意度指标","服务对象满意度","数据填报医疗机构满意度",">=","90","%","定量指标","药政能力提升：对采用信息化质控平台填报数据的医疗机构进行服务满意度调查的满意度。\n"]
["昆明医科大学第一附属医院发展项目资金","信息化：持续推进医院大数据中心建设，支持医院数字化转型信息化建设；推动 AI 辅助诊疗、区域医疗协同等应用，支撑医院高质量发展。\n\n基本建设：1、国家紧急医学救援基地建设项目争取完工并投入使用；2、呈贡二期争取项目完工，并完成项目调试；3、办理5号楼项目相关竣工结算款项。\n\n资产：加强采购预算管理，多部门协作加强预算的严肃性与前瞻性，合理配置，提高采购效率；利用信息化手段，保障医疗设备使用安全。","产出指标","数量指标","设备验收通过率",">=","85","%","定量指标","验收通过台次/验收台次"]
["昆明医科大学第一附属医院发展项目资金","信息化：持续推进医院大数据中心建设，支持医院数字化转型信息化建设；推动 AI 辅助诊疗、区域医疗协同等应用，支撑医院高质量发展。\n\n基本建设：1、国家紧急医学救援基地建设项目争取完工并投入使用；2、呈贡二期争取项目完工，并完成项目调试；3、办理5号楼项目相关竣工结算款项。\n\n资产：加强采购预算管理，多部门协作加强预算的严肃性与前瞻性，合理配置，提高采购效率；利用信息化手段，保障医疗设备使用安全。","产出指标","质量指标","重大安全事故发生","=","0.00","次","定量指标","反映工程实施期间的安全目标"]
["昆明医科大学第一附属医院发展项目资金","信息化：持续推进医院大数据中心建设，支持医院数字化转型信息化建设；推动 AI 辅助诊疗、区域医疗协同等应用，支撑医院高质量发展。\n\n基本建设：1、国家紧急医学救援基地建设项目争取完工并投入使用；2、呈贡二期争取项目完工，并完成项目调试；3、办理5号楼项目相关竣工结算款项。\n\n资产：加强采购预算管理，多部门协作加强预算的严肃性与前瞻性，合理配置，提高采购效率；利用信息化手段，保障医疗设备使用安全。","产出指标","质量指标","竣工验收合格率",">=","95","%","定量指标","反映项目验收情况，竣工验收合格率=（验收合格单元工程数量/完工单元工程总数）×100%"]
["昆明医科大学第一附属医院发展项目资金","信息化：持续推进医院大数据中心建设，支持医院数字化转型信息化建设；推动 AI 辅助诊疗、区域医疗协同等应用，支撑医院高质量发展。\n\n基本建设：1、国家紧急医学救援基地建设项目争取完工并投入使用；2、呈贡二期争取项目完工，并完成项目调试；3、办理5号楼项目相关竣工结算款项。\n\n资产：加强采购预算管理，多部门协作加强预算的严肃性与前瞻性，合理配置，提高采购效率；利用信息化手段，保障医疗设备使用安全。","产出指标","质量指标","设计变更率","<=","20","%","定量指标","反映项目设计变更情况，设计变更率=（项目变更金额/项目总预算金额）*100%"]
["昆明医科大学第一附属医院发展项目资金","信息化：持续推进医院大数据中心建设，支持医院数字化转型信息化建设；推动 AI 辅助诊疗、区域医疗协同等应用，支撑医院高质量发展。\n\n基本建设：1、国家紧急医学救援基地建设项目争取完工并投入使用；2、呈贡二期争取项目完工，并完成项目调试；3、办理5号楼项目相关竣工结算款项。\n\n资产：加强采购预算管理，多部门协作加强预算的严肃性与前瞻性，合理配置，提高采购效率；利用信息化手段，保障医疗设备使用安全。","产出指标","时效指标","工期控制率","<=","15","%","定量指标","反映工期控制情况，工期控制率=实际工期/计划工期×100%"]
["昆明医科大学第一附属医院发展项目资金","信息化：持续推进医院大数据中心建设，支持医院数字化转型信息化建设；推动 AI 辅助诊疗、区域医疗协同等应用，支撑医院高质量发展。\n\n基本建设：1、国家紧急医学救援基地建设项目争取完工并投入使用；2、呈贡二期争取项目完工，并完成项目调试；3、办理5号楼项目相关竣工结算款项。\n\n资产：加强采购预算管理，多部门协作加强预算的严肃性与前瞻性，合理配置，提高采购效率；利用信息化手段，保障医疗设备使用安全。","效益指标","社会效益","信息系统建设变更率","<=","20","%","定量指标","建设过程中变更内容/计划建设内容"]
["昆明医科大学第一附属医院发展项目资金","信息化：持续推进医院大数据中心建设，支持医院数字化转型信息化建设；推动 AI 辅助诊疗、区域医疗协同等应用，支撑医院高质量发展。\n\n基本建设：1、国家紧急医学救援基地建设项目争取完工并投入使用；2、呈贡二期争取项目完工，并完成项目调试；3、办理5号楼项目相关竣工结算款项。\n\n资产：加强采购预算管理，多部门协作加强预算的严肃性与前瞻性，合理配置，提高采购效率；利用信息化手段，保障医疗设备使用安全。","效益指标","社会效益","出院患者手术占比",">=","40","%","定量指标","出院患者施行手术治疗台次占同期出院患者总人次数的比例。"]
["昆明医科大学第一附属医院发展项目资金","信息化：持续推进医院大数据中心建设，支持医院数字化转型信息化建设；推动 AI 辅助诊疗、区域医疗协同等应用，支撑医院高质量发展。\n\n基本建设：1、国家紧急医学救援基地建设项目争取完工并投入使用；2、呈贡二期争取项目完工，并完成项目调试；3、办理5号楼项目相关竣工结算款项。\n\n资产：加强采购预算管理，多部门协作加强预算的严肃性与前瞻性，合理配置，提高采购效率；利用信息化手段，保障医疗设备使用安全。","效益指标","社会效益","住院患者出院人次",">=","180000","人次","定量指标","所有出院的人数，包括医嘱离院、医嘱转其他医疗机构、非医嘱离院、死亡及其它人数"]
["昆明医科大学第一附属医院发展项目资金","信息化：持续推进医院大数据中心建设，支持医院数字化转型信息化建设；推动 AI 辅助诊疗、区域医疗协同等应用，支撑医院高质量发展。\n\n基本建设：1、国家紧急医学救援基地建设项目争取完工并投入使用；2、呈贡二期争取项目完工，并完成项目调试；3、办理5号楼项目相关竣工结算款项。\n\n资产：加强采购预算管理，多部门协作加强预算的严肃性与前瞻性，合理配置，提高采购效率；利用信息化手段，保障医疗设备使用安全。","满意度指标","服务对象满意度","患者满意度",">=","90","%","定量指标","患者满意度"]
["其他人员支出","做好单位人员经费保障，按规定落实编外人员各项待遇。","产出指标","时效指标","编外人员薪酬发放及时率",">=","90","%","定量指标","单位编外人员薪酬发放及时率"]
["其他人员支出","做好单位人员经费保障，按规定落实编外人员各项待遇。","效益指标","社会效益","编外人员工资福利发放人数",">=","4000","人","定量指标","单位编外人员工资福利发放人数"]
["其他人员支出","做好单位人员经费保障，按规定落实编外人员各项待遇。","满意度指标","服务对象满意度","编外人员满意度",">=","90","%","定量指标","反映人员对部门（单位）履职情况的满意程度。"]
["专业技术人才专项培养奖励和管理专项资金","通过享受省政府特殊津贴专家项目，实施省专业技术人员知识更新培训班，留滇博士后补助计划项目，完善梯队建设和人才培养，解决临床问题，开展临床新技术和课题研究，人员培训，医教研协同发展。","产出指标","数量指标","国家级或省级科研立项（实施）",">=","6","项","定量指标","国家级或省级科研立项（实施）"]
["专业技术人才专项培养奖励和管理专项资金","通过享受省政府特殊津贴专家项目，实施省专业技术人员知识更新培训班，留滇博士后补助计划项目，完善梯队建设和人才培养，解决临床问题，开展临床新技术和课题研究，人员培训，医教研协同发展。","产出指标","数量指标","发表SCI论文",">=","6","篇","定量指标","发表SCI论文"]
["专业技术人才专项培养奖励和管理专项资金","通过享受省政府特殊津贴专家项目，实施省专业技术人员知识更新培训班，留滇博士后补助计划项目，完善梯队建设和人才培养，解决临床问题，开展临床新技术和课题研究，人员培训，医教研协同发展。","产出指标","数量指标","诊疗人次",">=","2000","人次","定量指标","诊疗人次"]
["专业技术人才专项培养奖励和管理专项资金","通过享受省政府特殊津贴专家项目，实施省专业技术人员知识更新培训班，留滇博士后补助计划项目，完善梯队建设和人才培养，解决临床问题，开展临床新技术和课题研究，人员培训，医教研协同发展。","产出指标","数量指标","开展新技术新项目",">=","3","项","定量指标","开展新技术新项目"]
["专业技术人才专项培养奖励和管理专项资金","通过享受省政府特殊津贴专家项目，实施省专业技术人员知识更新培训班，留滇博士后补助计划项目，完善梯队建设和人才培养，解决临床问题，开展临床新技术和课题研究，人员培训，医教研协同发展。","产出指标","数量指标","培训基层人才",">=","300","人","定量指标","培训基层人才"]
["专业技术人才专项培养奖励和管理专项资金","通过享受省政府特殊津贴专家项目，实施省专业技术人员知识更新培训班，留滇博士后补助计划项目，完善梯队建设和人才培养，解决临床问题，开展临床新技术和课题研究，人员培训，医教研协同发展。","产出指标","数量指标","培养研究生",">=","5","人","定量指标","培养研究生"]
["专业技术人才专项培养奖励和管理专项资金","通过享受省政府特殊津贴专家项目，实施省专业技术人员知识更新培训班，留滇博士后补助计划项目，完善梯队建设和人才培养，解决临床问题，开展临床新技术和课题研究，人员培训，医教研协同发展。","效益指标","可持续影响","博士后正常出站率",">=","90","%","定量指标","博士后正常出站率"]
["专业技术人才专项培养奖励和管理专项资金","通过享受省政府特殊津贴专家项目，实施省专业技术人员知识更新培训班，留滇博士后补助计划项目，完善梯队建设和人才培养，解决临床问题，开展临床新技术和课题研究，人员培训，医教研协同发展。","满意度指标","服务对象满意度","患者满意度",">=","90","%","定量指标","患者满意度"]
["因公出国（境）专项经费","（一）大力推进医院国际人才培养工作\n1.规范做好短期因公出国工作\n2.优化绩效管理，提升长期公派出国工作。\n（二）加强引智项目申报工作，加大国际优质教育资源引进力度\n（三）搭建国际交流平台，积极做好国际会议举办\n（三）做好赴斯里兰卡光明行援外工作\n（四）做好外国专家团队来访接待工作\n（五）医院国际诊疗保健中心建设工作\n （六）其它国际合作与交流工作\n\n","产出指标","数量指标","做好职工长期公派出国留学工作",">=","6","人","定量指标","职工长期公派出国留学人数"]
["因公出国（境）专项经费","（一）大力推进医院国际人才培养工作\n1.规范做好短期因公出国工作\n2.优化绩效管理，提升长期公派出国工作。\n（二）加强引智项目申报工作，加大国际优质教育资源引进力度\n（三）搭建国际交流平台，积极做好国际会议举办\n（三）做好赴斯里兰卡光明行援外工作\n（四）做好外国专家团队来访接待工作\n（五）医院国际诊疗保健中心建设工作\n （六）其它国际合作与交流工作\n\n","效益指标","社会效益","完成救援救助",">=","100","人次","定量指标","完成救援救助人次"]
["因公出国（境）专项经费","（一）大力推进医院国际人才培养工作\n1.规范做好短期因公出国工作\n2.优化绩效管理，提升长期公派出国工作。\n（二）加强引智项目申报工作，加大国际优质教育资源引进力度\n（三）搭建国际交流平台，积极做好国际会议举办\n（三）做好赴斯里兰卡光明行援外工作\n（四）做好外国专家团队来访接待工作\n（五）医院国际诊疗保健中心建设工作\n （六）其它国际合作与交流工作\n\n","满意度指标","服务对象满意度","受援对象满意度",">=","95","%","定量指标","反映受援对象满意度的满意程度。"]

{"sheet":"部门政府性基金预算表06","index":9,"n_rows":11,"n_cols":6,"rows_kept":11,"merged":[[1,0,1,5],[3,0,4,0],[3,1,4,1],[3,2,4,2],[3,3,3,5],[7,0,7,2]]}
[{"$nulls":5},"预算06表"]
["2026年政府性基金预算支出预算表"]
[{"$f":"\"单位名称：\"&\"昆明医科大学第一附属医院\"","v":"单位名称：昆明医科大学第一附属医院"},{"$nulls":4},"单位:元"]
["单位名称","科目编码","科目名称","政府性基金预算支出"]
[{"$nulls":3},"合计","基本支出","项目支出"]
[1,2,3,4,5,6]
[]
["合  计",null,"合  计"]
[]
[]
["注：昆明医科大学第一附属医院不涉及政府性基金"]

{"sheet":"部门政府采购预算表07","index":10,"n_rows":65,"n_cols":17,"rows_kept":65,"merged":[[1,0,1,16],[2,0,2,5],[3,0,5,0],[3,1,5,1],[3,2,5,2],[3,3,5,3],[3,4,5,4],[3,5,5,5],[3,6,3,16],[4,6,5,6],[4,7,5,7],[4,8,5,8],[4,9,5,9],[4,10,5,10],[4,11,4,16],[64,0,64,4]]}
[{"$nulls":16},"预算07表"]
["2026年部门政府采购预算表"]
[{"$f":"\"单位名称：\"&\"昆明医科大学第一附属医院\"","v":"单位名称：昆明医科大学第一附属医院"},{"$nulls":15},"单位：元"]
["预算项目","采购项目","采购品目","计量\n单位","数量","面向中小企业预留资金","资金来源"]
[{"$nulls":6},"合计","一般公共预算","政府性\n基金","国有资本经营收益","财政专户管理的收入","单位自筹"]
[{"$nulls":7},"小计",{"$nulls":3},"小计","事业收入","事业单位\n经营收入","上级补助收入","附属单位上缴收入","其他收入"]
[1,2,3,4,5,6,7,8,9,10,11,12,13,14,15,16,17]
["昆明医科大学第一附属医院",{"$nulls":4},{"v":62560222.15,"d":"62,560,222.15"},{"v":390376159.63,"d":"390,376,159.63"},{"v":3980000,"d":"3,980,000.00"},{"$nulls":3},{"v":386396159.63,"d":"386,396,159.63"},{"v":386396159.63,"d":"386,396,159.63"}]
["附一院提升医疗服务能力专项资金","医疗设备（干部保健）","A02000000 设备","项",1,null,{"v":980000,"d":"980,000.00"},{"v":980000,"d":"980,000.00"}]
["附一院提升医疗服务能力专项资金","干部保健软件","A08000000 无形资产","项",1,null,{"v":3000000,"d":"3,000,000.00"},{"v":3000000,"d":"3,000,000.00"}]
["公车购置及运维费","车辆燃油","C23120302 车辆加油、添加燃料服务","年",1,{"v":200000,"d":"200,000.00"},{"v":200000,"d":"200,000.00"},{"$nulls":4},{"v":200000,"d":"200,000.00"},{"v":200000,"d":"200,000.00"}]
["公车购置及运维费","车辆维修及其他","C23120301 车辆维修和保养服务","年",1,{"v":310000,"d":"310,000.00"},{"v":310000,"d":"310,000.00"},{"$nulls":4},{"v":310000,"d":"310,000.00"},{"v":310000,"d":"310,000.00"}]
["公车购置及运维费","车辆保险","C1804010201 机动车保险服务","年",1,{"v":100000,"d":"100,000.00"},{"v":100000,"d":"100,000.00"},{"$nulls":4},{"v":100000,"d":"100,000.00"},{"v":100000,"d":"100,000.00"}]
["一般公用经费","本部至呈贡院区交通运输服务费","C15030000 城市交通服务","年",1,null,{"v":2776000,"d":"2,776,000.00"},{"$nulls":4},{"v":2776000,"d":"2,776,000.00"},{"v":2776000,"d":"2,776,000.00"}]
["一般公用经费","呈贡院区电梯维护费","C23120800 电梯维修和保养服务","年",1,null,{"v":388080,"d":"388,080.00"},{"$nulls":4},{"v":388080,"d":"388,080.00"},{"v":388080,"d":"388,080.00"}]
["一般公用经费","西昌路院区电梯维保费","C23120800 电梯维修和保养服务","年",1,null,{"v":1091520,"d":"1,091,520.00"},{"$nulls":4},{"v":1091520,"d":"1,091,520.00"},{"v":1091520,"d":"1,091,520.00"}]
["一般公用经费","两院区网络专线租用","C17000000 电信和其他信息传输服务","年",1,null,{"v":158400,"d":"158,400.00"},{"$nulls":4},{"v":158400,"d":"158,400.00"},{"v":158400,"d":"158,400.00"}]
["一般公用经费","病案统计科病历仓储","C21020000 房屋租赁服务","年",1,{"v":430000,"d":"430,000.00"},{"v":430000,"d":"430,000.00"},{"$nulls":4},{"v":430000,"d":"430,000.00"},{"v":430000,"d":"430,000.00"}]
["一般公用经费","打印、复印纸","A05040101 复印纸","批",1,{"v":800000,"d":"800,000.00"},{"v":800000,"d":"800,000.00"},{"$nulls":4},{"v":800000,"d":"800,000.00"},{"v":800000,"d":"800,000.00"}]
["一般公用经费","呈贡院区中心供氧系统委托管理服务费","C99000000 其他服务","项",1,null,{"v":310000,"d":"310,000.00"},{"$nulls":4},{"v":310000,"d":"310,000.00"},{"v":310000,"d":"310,000.00"}]
["一般公用经费","食堂购买服务","C99000000 其他服务","项",1,{"v":840000,"d":"840,000.00"},{"v":2800000,"d":"2,800,000.00"},{"$nulls":4},{"v":2800000,"d":"2,800,000.00"},{"v":2800000,"d":"2,800,000.00"}]
["一般公用经费","西昌路院区中心供氧站托管费","C99000000 其他服务","项",1,null,{"v":650000,"d":"650,000.00"},{"$nulls":4},{"v":650000,"d":"650,000.00"},{"v":650000,"d":"650,000.00"}]
["一般公用经费","洗涤外包","C99000000 其他服务","项",1,{"v":2190000,"d":"2,190,000.00"},{"v":7300000,"d":"7,300,000.00"},{"$nulls":4},{"v":7300000,"d":"7,300,000.00"},{"v":7300000,"d":"7,300,000.00"}]
["一般公用经费","科技教育部审计委托业务","C23030000 审计服务","项",1,{"v":100000,"d":"100,000.00"},{"v":100000,"d":"100,000.00"},{"$nulls":4},{"v":100000,"d":"100,000.00"},{"v":100000,"d":"100,000.00"}]
["一般公用经费","审计科审计委托业务","C23030000 审计服务","项",1,{"v":300000,"d":"300,000.00"},{"v":300000,"d":"300,000.00"},{"$nulls":4},{"v":300000,"d":"300,000.00"},{"v":300000,"d":"300,000.00"}]
["一般公用经费","污水处理站委托服务","C07020100 水污染治理服务","年",1,null,{"v":600000,"d":"600,000.00"},{"$nulls":4},{"v":600000,"d":"600,000.00"},{"v":600000,"d":"600,000.00"}]
["一般公用经费","维修和保养服务","C23120000 维修和保养服务","项",1,null,{"v":76770000,"d":"76,770,000.00"},{"$nulls":4},{"v":76770000,"d":"76,770,000.00"},{"v":76770000,"d":"76,770,000.00"}]
["一般公用经费","呈贡院区后勤综合保障服务费","C21040000 物业管理服务","项",1,null,{"v":13693808.88,"d":"13,693,808.88"},{"$nulls":4},{"v":13693808.88,"d":"13,693,808.88"},{"v":13693808.88,"d":"13,693,808.88"}]
["一般公用经费","西昌路院区保洁外包","C21040000 物业管理服务","年",1,null,{"v":12000000,"d":"12,000,000.00"},{"$nulls":4},{"v":12000000,"d":"12,000,000.00"},{"v":12000000,"d":"12,000,000.00"}]
["一般公用经费","呈贡院区办公生活物资采购","A07000000 物资","批",1,{"v":1235040,"d":"1,235,040.00"},{"v":1235040,"d":"1,235,040.00"},{"$nulls":4},{"v":1235040,"d":"1,235,040.00"},{"v":1235040,"d":"1,235,040.00"}]
["一般公用经费","呈贡院区医用气体","A07000000 物资","吨",1,null,{"v":2480000,"d":"2,480,000.00"},{"$nulls":4},{"v":2480000,"d":"2,480,000.00"},{"v":2480000,"d":"2,480,000.00"}]
["一般公用经费","工作服","A07000000 物资","件",1,{"v":862829.4,"d":"862,829.40"},{"v":2876098,"d":"2,876,098.00"},{"$nulls":4},{"v":2876098,"d":"2,876,098.00"},{"v":2876098,"d":"2,876,098.00"}]
["一般公用经费","膳食组原材料采购","A07000000 物资","个",1,{"v":28400000,"d":"28,400,000.00"},{"v":28400000,"d":"28,400,000.00"},{"$nulls":4},{"v":28400000,"d":"28,400,000.00"},{"v":28400000,"d":"28,400,000.00"}]
["一般公用经费","商务服务组商品采购","A07000000 物资","个",1,{"v":11995600,"d":"11,995,600.00"},{"v":11995600,"d":"11,995,600.00"},{"$nulls":4},{"v":11995600,"d":"11,995,600.00"},{"v":11995600,"d":"11,995,600.00"}]
["一般公用经费","西昌路院区办公生活物资采购","A07000000 物资","批",1,{"v":2310000,"d":"2,310,000.00"},{"v":7700000,"d":"7,700,000.00"},{"$nulls":4},{"v":7700000,"d":"7,700,000.00"},{"v":7700000,"d":"7,700,000.00"}]
["一般公用经费","西昌路院区医用气体","A07000000 物资","吨",1,null,{"v":5300000,"d":"5,300,000.00"},{"$nulls":4},{"v":5300000,"d":"5,300,000.00"},{"v":5300000,"d":"5,300,000.00"}]
["一般公用经费","两院区打印机及电脑维保服务","C16000000 信息技术服务","年",1,{"v":1950000,"d":"1,950,000.00"},{"v":1950000,"d":"1,950,000.00"},{"$nulls":4},{"v":1950000,"d":"1,950,000.00"},{"v":1950000,"d":"1,950,000.00"}]
["一般公用经费","两院区信息系统支持平台维保服务","C16000000 信息技术服务","年",1,{"v":600000,"d":"600,000.00"},{"v":2000000,"d":"2,000,000.00"},{"$nulls":4},{"v":2000000,"d":"2,000,000.00"},{"v":2000000,"d":"2,000,000.00"}]
["一般公用经费","信息化咨询与监理服务","C16000000 信息技术服务","项",1,{"v":400000,"d":"400,000.00"},{"v":400000,"d":"400,000.00"},{"$nulls":4},{"v":400000,"d":"400,000.00"},{"v":400000,"d":"400,000.00"}]
["一般公用经费","呈贡院区医疗废弃物处置","C07020401 医疗和药物废弃物治理服务","年",1,null,{"v":1250000,"d":"1,250,000.00"},{"$nulls":4},{"v":1250000,"d":"1,250,000.00"},{"v":1250000,"d":"1,250,000.00"}]
["一般公用经费","西昌路院区医疗废弃物处置","C07020401 医疗和药物废弃物治理服务","年",1,null,{"v":3650000,"d":"3,650,000.00"},{"$nulls":4},{"v":3650000,"d":"3,650,000.00"},{"v":3650000,"d":"3,650,000.00"}]
["一般公用经费","文印业务外包一年","C23090100 印刷服务","年",1,{"v":926752.75,"d":"926,752.75"},{"v":926752.75,"d":"926,752.75"},{"$nulls":4},{"v":926752.75,"d":"926,752.75"},{"v":926752.75,"d":"926,752.75"}]
["一般公用经费","西昌路院区绿化外包","C13030000 园林绿化管理服务","年",1,null,{"v":239860,"d":"239,860.00"},{"$nulls":4},{"v":239860,"d":"239,860.00"},{"v":239860,"d":"239,860.00"}]
["一般公用经费","保安服务（呈贡院区）","C19000000 专业技术服务","项",1,{"v":1500000,"d":"1,500,000.00"},{"v":5000000,"d":"5,000,000.00"},{"$nulls":4},{"v":5000000,"d":"5,000,000.00"},{"v":5000000,"d":"5,000,000.00"}]
["一般公用经费","保安服务费","C19000000 专业技术服务","项",1,{"v":2850000,"d":"2,850,000.00"},{"v":9500000,"d":"9,500,000.00"},{"$nulls":4},{"v":9500000,"d":"9,500,000.00"},{"v":9500000,"d":"9,500,000.00"}]
["一般公用经费","计量检测服务","C19000000 专业技术服务","项",1,null,{"v":850000,"d":"850,000.00"},{"$nulls":4},{"v":850000,"d":"850,000.00"},{"v":850000,"d":"850,000.00"}]
["一般公用经费","消防水炮更换（呈贡院区）","C19000000 专业技术服务","项",1,{"v":920000,"d":"920,000.00"},{"v":920000,"d":"920,000.00"},{"$nulls":4},{"v":920000,"d":"920,000.00"},{"v":920000,"d":"920,000.00"}]
["一般公用经费","消防维保及值班服务（呈贡院区）","C19000000 专业技术服务","项",1,{"v":500000,"d":"500,000.00"},{"v":500000,"d":"500,000.00"},{"$nulls":4},{"v":500000,"d":"500,000.00"},{"v":500000,"d":"500,000.00"}]
["一般公用经费","消防维保及值班人员服务","C19000000 专业技术服务","项",1,{"v":900000,"d":"900,000.00"},{"v":900000,"d":"900,000.00"},{"$nulls":4},{"v":900000,"d":"900,000.00"},{"v":900000,"d":"900,000.00"}]
["一般公用经费","应急处突保安服务","C19000000 专业技术服务","项",1,{"v":855000,"d":"855,000.00"},{"v":855000,"d":"855,000.00"},{"$nulls":4},{"v":855000,"d":"855,000.00"},{"v":855000,"d":"855,000.00"}]
["昆明医科大学第一附属医院发展项目资金","家具","A05000000 家具和用具","批",1,{"v":1085000,"d":"1,085,000.00"},{"v":3500000,"d":"3,500,000.00"},{"$nulls":4},{"v":3500000,"d":"3,500,000.00"},{"v":3500000,"d":"3,500,000.00"}]
["昆明医科大学第一附属医院发展项目资金","办公电脑、打印机及办公外设设备","A02000000 设备","批",1,null,{"v":3000000,"d":"3,000,000.00"},{"$nulls":4},{"v":3000000,"d":"3,000,000.00"},{"v":3000000,"d":"3,000,000.00"}]
["昆明医科大学第一附属医院发展项目资金","办公设备","A02000000 设备","批",1,null,{"v":1500000,"d":"1,500,000.00"},{"$nulls":4},{"v":1500000,"d":"1,500,000.00"},{"v":1500000,"d":"1,500,000.00"}]
["昆明医科大学第一附属医院发展项目资金","后发中心电梯","A02000000 设备","部",1,null,{"v":2400000,"d":"2,400,000.00"},{"$nulls":4},{"v":2400000,"d":"2,400,000.00"},{"v":2400000,"d":"2,400,000.00"}]
["昆明医科大学第一附属医院发展项目资金","两院区交换机、网络、存储设备","A02000000 设备","批",1,null,{"v":2000000,"d":"2,000,000.00"},{"$nulls":4},{"v":2000000,"d":"2,000,000.00"},{"v":2000000,"d":"2,000,000.00"}]
["昆明医科大学第一附属医院发展项目资金","医疗设备","A02000000 设备","批",1,null,{"v":135000000,"d":"135,000,000.00"},{"$nulls":4},{"v":135000000,"d":"135,000,000.00"},{"v":135000000,"d":"135,000,000.00"}]
["昆明医科大学第一附属医院发展项目资金","操作系统级办公软件等基础软件","A08000000 无形资产","项",1,null,{"v":60000,"d":"60,000.00"},{"$nulls":4},{"v":60000,"d":"60,000.00"},{"v":60000,"d":"60,000.00"}]
["昆明医科大学第一附属医院发展项目资金","患者全程管理系统","A08000000 无形资产","项",1,null,{"v":1050000,"d":"1,050,000.00"},{"$nulls":4},{"v":1050000,"d":"1,050,000.00"},{"v":1050000,"d":"1,050,000.00"}]
["昆明医科大学第一附属医院发展项目资金","临床技能培训课程平台","A08000000 无形资产","项",1,null,{"v":500000,"d":"500,000.00"},{"$nulls":4},{"v":500000,"d":"500,000.00"},{"v":500000,"d":"500,000.00"}]
["昆明医科大学第一附属医院发展项目资金","临床专科能力提升信息化整体建设项目","A08000000 无形资产","批",1,null,{"v":25120000,"d":"25,120,000.00"},{"$nulls":4},{"v":25120000,"d":"25,120,000.00"},{"v":25120000,"d":"25,120,000.00"}]
["昆明医科大学第一附属医院发展项目资金","能耗管理平台","A08000000 无形资产","项",1,null,{"v":750000,"d":"750,000.00"},{"$nulls":4},{"v":750000,"d":"750,000.00"},{"v":750000,"d":"750,000.00"}]
["昆明医科大学第一附属医院发展项目资金","杀毒软件","A08000000 无形资产","个",1,null,{"v":10000,"d":"10,000.00"},{"$nulls":4},{"v":10000,"d":"10,000.00"},{"v":10000,"d":"10,000.00"}]
["昆明医科大学第一附属医院发展项目资金","商用密码应用及网络安全加固项目","A08000000 无形资产","批",1,null,{"v":500000,"d":"500,000.00"},{"$nulls":4},{"v":500000,"d":"500,000.00"},{"v":500000,"d":"500,000.00"}]
["昆明医科大学第一附属医院发展项目资金","智能化医保管理系统","A08000000 无形资产","项",1,null,{"v":1300000,"d":"1,300,000.00"},{"$nulls":4},{"v":1300000,"d":"1,300,000.00"},{"v":1300000,"d":"1,300,000.00"}]
["合  计",{"$nulls":4},{"v":62560222.15,"d":"62,560,222.15"},{"v":390376159.63,"d":"390,376,159.63"},{"v":3980000,"d":"3,980,000.00"},{"$nulls":3},{"v":386396159.63,"d":"386,396,159.63"},{"v":386396159.63,"d":"386,396,159.63"}]

{"sheet":"部门政府购买服务预算表08","index":11,"n_rows":13,"n_cols":14,"rows_kept":13,"merged":[[1,0,1,13],[2,0,2,2],[3,0,5,0],[3,1,5,1],[3,2,5,2],[3,3,3,13],[4,3,5,3],[4,4,5,4],[4,5,5,5],[4,6,5,6],[4,7,5,7],[4,8,4,13],[9,0,9,2]]}
[{"$nulls":13},"预算08表"]
["2026年部门政府购买服务预算表"]
[{"$f":"\"单位名称：\"&\"昆明医科大学第一附属医院\"","v":"单位名称：昆明医科大学第一附属医院"},{"$nulls":12},"单位：元"]
["预算项目","政府购买服务项目","政府购买服务目录","资金来源"]
[{"$nulls":3},"合计","一般公共预算","政府性\n基金","国有资本经营收益","财政专户管理的收入","单位自筹"]
[{"$nulls":8},"小计","事业收入","事业单位\n经营收入","上级补助收入","附属单位上缴收入","其他收入"]
[1,2,3,4,5,6,7,8,9,10,11,12,13,14]
[]
[]
["合  计"]
[]
[]
["注：昆明医科大学第一附属医院不涉及政府购买服务"]

{"sheet":"省对下转移支付预算表09-1","index":12,"n_rows":11,"n_cols":24,"rows_kept":11,"merged":[[1,0,1,23],[2,0,2,8],[3,0,4,0],[3,1,3,3],[3,4,3,23]]}
[{"$nulls":23},"预算09-1表"]
["2026年省对下转移支付预算表"]
[{"$f":"\"单位名称：\"&\"昆明医科大学第一附属医院\"","v":"单位名称：昆明医科大学第一附属医院"},{"$nulls":22},"单位：元"]
["单位名称（项目）","资金来源",null,null,"地区"]
[null,"合计","一般公共预算","政府性基金","昆明","昭通","曲靖","玉溪","红河","文山","普洱","西双版纳","楚雄","大理","保山","德宏","丽江","怒江","迪庆","临沧","宣威","腾冲","镇雄","未分配到地区数"]
[1,2,3,4,5,6,7,8,9,10,11,12,13,14,15,16,17,18,19,20,21,22,23,24]
[]
[]
[]
[]
["注：昆明医科大学第一附属医院不涉及省对下转移支付"]

{"sheet":"省对下转移支付绩效目标表09-2","index":13,"n_rows":10,"n_cols":10,"rows_kept":10,"merged":[[1,0,1,9],[2,0,2,7]]}
[{"$nulls":9},"预算09-2表"]
["2026年省对下转移支付绩效目标表"]
[{"$f":"\"单位名称：\"&\"昆明医科大学第一附属医院\"","v":"单位名称：昆明医科大学第一附属医院"}]
["单位名称、项目名称","项目年度绩效目标","一级指标","二级指标","三级指标","指标性质","指标值","度量单位","指标属性","指标内容"]
[1,2,3,4,5,6,7,8,9,10]
[]
[]
[]
[]
["注：昆明医科大学第一附属医院不涉及省对下转移支付"]

{"sheet":"新增资产配置表10","index":14,"n_rows":330,"n_cols":8,"rows_kept":330,"merged":[[1,0,1,7],[3,0,4,0],[3,1,4,1],[3,2,4,2],[3,3,4,3],[3,4,4,4],[3,5,3,7],[328,0,328,4],[329,0,329,7]]}
[{"$nulls":7},"预算10表"]
["2026年新增资产配置表"]
[{"$f":"\"单位名称：\"&\"昆明医科大学第一附属医院\"","v":"单位名称：昆明医科大学第一附属医院"}]
["单位名称","资产类别","资产分类代码.名称","资产名称","计量单位","财政部门批复数（元）"]
[{"$nulls":5},"数量","单价","金额"]
["1","2","3","4","5","6","7","8"]
["昆明医科大学第一附属医院","设备","A02010202 交换设备","两院区交换机采购","套",1,{"v":2000000,"d":"2,000,000.00"},{"v":2000000,"d":"2,000,000.00"}]
["昆明医科大学第一附属医院","设备","A02019900 其他信息化设备","2026年排队叫号系统建设项目续建","项",1,{"v":150000,"d":"150,000.00"},{"v":150000,"d":"150,000.00"}]
["昆明医科大学第一附属医院","设备","A02019900 其他信息化设备","AI智能总检系统所需硬件设备","套",1,{"v":50000,"d":"50,000.00"},{"v":50000,"d":"50,000.00"}]
["昆明医科大学第一附属医院","设备","A02019900 其他信息化设备","国家卫生健康委医院管理研究所医院药学高质量发展研究课题所需设备","套",1,{"v":20000,"d":"20,000.00"},{"v":20000,"d":"20,000.00"}]
["昆明医科大学第一附属医院","设备","A02019900 其他信息化设备","患者全程管理系统专用设备","套",1,{"v":250000,"d":"250,000.00"},{"v":250000,"d":"250,000.00"}]
["昆明医科大学第一附属医院","设备","A02019900 其他信息化设备","临床专科能力提升信息化整体建设项目所需硬件","项",1,{"v":250000,"d":"250,000.00"},{"v":250000,"d":"250,000.00"}]
["昆明医科大学第一附属医院","设备","A02019900 其他信息化设备","疼痛综合管理系统硬件","项",1,{"v":50000,"d":"50,000.00"},{"v":50000,"d":"50,000.00"}]
["昆明医科大学第一附属医院","设备","A02019900 其他信息化设备","体检导诊管理系统所需硬件","套",1,{"v":99500,"d":"99,500.00"},{"v":99500,"d":"99,500.00"}]
["昆明医科大学第一附属医院","设备","A02019900 其他信息化设备","医护工作站终端、输出/输入设备等","套",500,{"v":6000,"d":"6,000.00"},{"v":3000000,"d":"3,000,000.00"}]
["昆明医科大学第一附属医院","设备","A02019900 其他信息化设备","智慧门诊-药房取药流程改造项目硬件","套",1,{"v":269952,"d":"269,952.00"},{"v":269952,"d":"269,952.00"}]
["昆明医科大学第一附属医院","设备","A02021007 条码打印机","小型分页/喷码机","台",1,{"v":8000,"d":"8,000.00"},{"v":8000,"d":"8,000.00"}]
["昆明医科大学第一附属医院","设备","A02040101 缩微摄影机","显微摄影采集头","台",5,{"v":8000,"d":"8,000.00"},{"v":40000,"d":"40,000.00"}]
["昆明医科大学第一附属医院","设备","A02051227 电梯","电梯","部",4,{"v":400000,"d":"400,000.00"},{"v":1600000,"d":"1,600,000.00"}]
["昆明医科大学第一附属医院","设备","A02052501 离心机","高速冷冻离心机","台",2,{"v":150000,"d":"150,000.00"},{"v":300000,"d":"300,000.00"}]
["昆明医科大学第一附属医院","设备","A02052501 离心机","迷你离心机","台",5,{"v":2000,"d":"2,000.00"},{"v":10000,"d":"10,000.00"}]
["昆明医科大学第一附属医院","设备","A02052501 离心机","台式高速离心机","台",1,{"v":50000,"d":"50,000.00"},{"v":50000,"d":"50,000.00"}]
["昆明医科大学第一附属医院","设备","A02052501 离心机","细胞涂片离心机","台",1,{"v":120000,"d":"120,000.00"},{"v":120000,"d":"120,000.00"}]
["昆明医科大学第一附属医院","设备","A02053103 封口机械","全自动电磁感应铝箔封口机","台",1,{"v":8000,"d":"8,000.00"},{"v":8000,"d":"8,000.00"}]
["昆明医科大学第一附属医院","设备","A02053103 封口机械","折页机","台",1,{"v":50000,"d":"50,000.00"},{"v":50000,"d":"50,000.00"}]
["昆明医科大学第一附属医院","设备","A02059900 其他机械设备","磁力搅拌器","台",2,{"v":15000,"d":"15,000.00"},{"v":30000,"d":"30,000.00"}]
["昆明医科大学第一附属医院","设备","A02061504 不间断电源","WB电源","台",2,{"v":18000,"d":"18,000.00"},{"v":36000,"d":"36,000.00"}]
["昆明医科大学第一附属医院","设备","A02100301 显微镜","倒置生物显微镜","台",3,{"v":25000,"d":"25,000.00"},{"v":75000,"d":"75,000.00"}]
["昆明医科大学第一附属医院","设备","A02100301 显微镜","显微镜","台",2,{"v":80000,"d":"80,000.00"},{"v":160000,"d":"160,000.00"}]
["昆明医科大学第一附属医院","设备","A02100401 电化学分析仪器","PCR水平电泳槽","台",2,{"v":9000,"d":"9,000.00"},{"v":18000,"d":"18,000.00"}]
["昆明医科大学第一附属医院","设备","A02102100 教学仪器","超声引导腹腔穿刺模型","台",1,{"v":58000,"d":"58,000.00"},{"v":58000,"d":"58,000.00"}]
["昆明医科大学第一附属医院","设备","A02102100 教学仪器","超声引导心包穿刺模型","台",1,{"v":98000,"d":"98,000.00"},{"v":98000,"d":"98,000.00"}]
["昆明医科大学第一附属医院","设备","A02102100 教学仪器","超声引导胸腔穿刺模型","台",1,{"v":56000,"d":"56,000.00"},{"v":56000,"d":"56,000.00"}]
["昆明医科大学第一附属医院","设备","A02102100 教学仪器","新生儿抢救辐射台","台",1,{"v":25000,"d":"25,000.00"},{"v":25000,"d":"25,000.00"}]
["昆明医科大学第一附属医院","设备","A02320100 手术器械","产钳","台",3,{"v":1150,"d":"1,150.00"},{"v":3450,"d":"3,450.00"}]
["昆明医科大学第一附属医院","设备","A02320100 手术器械","手术器械","套",1,{"v":1000000,"d":"1,000,000.00"},{"v":1000000,"d":"1,000,000.00"}]
["昆明医科大学第一附属医院","设备","A02320300 医用电子生理参数检测仪器设备","病人监护仪","台",4,{"v":15000,"d":"15,000.00"},{"v":60000,"d":"60,000.00"}]
["昆明医科大学第一附属医院","设备","A02320300 医用电子生理参数检测仪器设备","病人监护仪","台",11,{"v":50000,"d":"50,000.00"},{"v":550000,"d":"550,000.00"}]
["昆明医科大学第一附属医院","设备","A02320300 医用电子生理参数检测仪器设备","动态心电记录仪","台",5,{"v":20000,"d":"20,000.00"},{"v":100000,"d":"100,000.00"}]
["昆明医科大学第一附属医院","设备","A02320300 医用电子生理参数检测仪器设备","动态心电血压记录仪（盒子）","台",10,{"v":24000,"d":"24,000.00"},{"v":240000,"d":"240,000.00"}]
["昆明医科大学第一附属医院","设备","A02320300 医用电子生理参数检测仪器设备","动态心肺测试系统","套",3,{"v":190000,"d":"190,000.00"},{"v":570000,"d":"570,000.00"}]
["昆明医科大学第一附属医院","设备","A02320300 医用电子生理参数检测仪器设备","动态血压检测仪","台",5,{"v":18000,"d":"18,000.00"},{"v":90000,"d":"90,000.00"}]
["昆明医科大学第一附属医院","设备","A02320300 医用电子生理参数检测仪器设备","多参数生命体征检测仪（动态心电、血压二合一）","台",20,{"v":33000,"d":"33,000.00"},{"v":660000,"d":"660,000.00"}]
["昆明医科大学第一附属医院","设备","A02320300 医用电子生理参数检测仪器设备","多导睡眠检测仪","台",2,{"v":40000,"d":"40,000.00"},{"v":80000,"d":"80,000.00"}]
["昆明医科大学第一附属医院","设备","A02320300 医用电子生理参数检测仪器设备","多普勒胎心听诊器","台",6,{"v":15000,"d":"15,000.00"},{"v":90000,"d":"90,000.00"}]
["昆明医科大学第一附属医院","设备","A02320300 医用电子生理参数检测仪器设备","耳鼻过敏组份诊断仪","台",1,{"v":180000,"d":"180,000.00"},{"v":180000,"d":"180,000.00"}]
["昆明医科大学第一附属医院","设备","A02320300 医用电子生理参数检测仪器设备","肺功能测定系统","台",1,{"v":450000,"d":"450,000.00"},{"v":450000,"d":"450,000.00"}]
["昆明医科大学第一附属医院","设备","A02320300 医用电子生理参数检测仪器设备","肺功能测试系统（带体描仪）","台",1,{"v":900000,"d":"900,000.00"},{"v":900000,"d":"900,000.00"}]
["昆明医科大学第一附属医院","设备","A02320300 医用电子生理参数检测仪器设备","肺功能仪","台",3,{"v":70000,"d":"70,000.00"},{"v":210000,"d":"210,000.00"}]
["昆明医科大学第一附属医院","设备","A02320300 医用电子生理参数检测仪器设备","呼出气体分析仪","台",2,{"v":80000,"d":"80,000.00"},{"v":160000,"d":"160,000.00"}]
["昆明医科大学第一附属医院","设备","A02320300 医用电子生理参数检测仪器设备","呼出一氧化氮测定系统","台",1,{"v":3000,"d":"3,000.00"},{"v":3000,"d":"3,000.00"}]
["昆明医科大学第一附属医院","设备","A02320300 医用电子生理参数检测仪器设备","肌电图诱发电位系统","台",1,{"v":720000,"d":"720,000.00"},{"v":720000,"d":"720,000.00"}]
["昆明医科大学第一附属医院","设备","A02320300 医用电子生理参数检测仪器设备","监护仪","台",2,{"v":20000,"d":"20,000.00"},{"v":40000,"d":"40,000.00"}]
["昆明医科大学第一附属医院","设备","A02320300 医用电子生理参数检测仪器设备","监护仪","台",4,{"v":16000,"d":"16,000.00"},{"v":64000,"d":"64,000.00"}]
["昆明医科大学第一附属医院","设备","A02320300 医用电子生理参数检测仪器设备","客观听力测试仪","台",1,{"v":46000,"d":"46,000.00"},{"v":46000,"d":"46,000.00"}]
["昆明医科大学第一附属医院","设备","A02320300 医用电子生理参数检测仪器设备","纳库仑呼气分析仪","台",1,{"v":2000,"d":"2,000.00"},{"v":2000,"d":"2,000.00"}]
["昆明医科大学第一附属医院","设备","A02320300 医用电子生理参数检测仪器设备","脑血管血流动力学检测仪","台",2,{"v":90000,"d":"90,000.00"},{"v":180000,"d":"180,000.00"}]
["昆明医科大学第一附属医院","设备","A02320300 医用电子生理参数检测仪器设备","全自动血压计","台",1,{"v":26000,"d":"26,000.00"},{"v":26000,"d":"26,000.00"}]
["昆明医科大学第一附属医院","设备","A02320300 医用电子生理参数检测仪器设备","人体成分分析仪","台",2,{"v":100000,"d":"100,000.00"},{"v":200000,"d":"200,000.00"}]
["昆明医科大学第一附属医院","设备","A02320300 医用电子生理参数检测仪器设备","数字式心电图机","台",3,{"v":34000,"d":"34,000.00"},{"v":102000,"d":"102,000.00"}]
["昆明医科大学第一附属医院","设备","A02320300 医用电子生理参数检测仪器设备","数字式心电图机","台",1,{"v":40000,"d":"40,000.00"},{"v":40000,"d":"40,000.00"}]
["昆明医科大学第一附属医院","设备","A02320300 医用电子生理参数检测仪器设备","听觉诱发电位仪","台",1,{"v":350000,"d":"350,000.00"},{"v":350000,"d":"350,000.00"}]
["昆明医科大学第一附属医院","设备","A02320300 医用电子生理参数检测仪器设备","无创血流动力学心功能检测仪","台",2,{"v":150000,"d":"150,000.00"},{"v":300000,"d":"300,000.00"}]
["昆明医科大学第一附属医院","设备","A02320300 医用电子生理参数检测仪器设备","无扰式移动多参数监护仪","台",4,{"v":55000,"d":"55,000.00"},{"v":220000,"d":"220,000.00"}]
["昆明医科大学第一附属医院","设备","A02320300 医用电子生理参数检测仪器设备","新生儿指脉氧","台",1,{"v":5000,"d":"5,000.00"},{"v":5000,"d":"5,000.00"}]
["昆明医科大学第一附属医院","设备","A02320300 医用电子生理参数检测仪器设备","心电监护仪","套",1,{"v":12000,"d":"12,000.00"},{"v":12000,"d":"12,000.00"}]
["昆明医科大学第一附属医院","设备","A02320300 医用电子生理参数检测仪器设备","心电监护仪","台",7,{"v":20000,"d":"20,000.00"},{"v":140000,"d":"140,000.00"}]
["昆明医科大学第一附属医院","设备","A02320300 医用电子生理参数检测仪器设备","心电图机","台",1,{"v":30000,"d":"30,000.00"},{"v":30000,"d":"30,000.00"}]
["昆明医科大学第一附属医院","设备","A02320300 医用电子生理参数检测仪器设备","心电图机","台",1,{"v":30000,"d":"30,000.00"},{"v":30000,"d":"30,000.00"}]
["昆明医科大学第一附属医院","设备","A02320300 医用电子生理参数检测仪器设备","心电遥测盒子","台",11,{"v":12000,"d":"12,000.00"},{"v":132000,"d":"132,000.00"}]
["昆明医科大学第一附属医院","设备","A02320300 医用电子生理参数检测仪器设备","遥测监护系统","台",2,{"v":14000,"d":"14,000.00"},{"v":28000,"d":"28,000.00"}]
["昆明医科大学第一附属医院","设备","A02320300 医用电子生理参数检测仪器设备","遥测监护系统","台",5,{"v":15000,"d":"15,000.00"},{"v":75000,"d":"75,000.00"}]
["昆明医科大学第一附属医院","设备","A02320300 医用电子生理参数检测仪器设备","遥测监护系统","台",5,{"v":15000,"d":"15,000.00"},{"v":75000,"d":"75,000.00"}]
["昆明医科大学第一附属医院","设备","A02320300 医用电子生理参数检测仪器设备","医用婴儿体重秤","台",10,{"v":1000,"d":"1,000.00"},{"v":10000,"d":"10,000.00"}]
["昆明医科大学第一附属医院","设备","A02320400 医用光学仪器","IOL master生物测量仪","台",1,{"v":1000000,"d":"1,000,000.00"},{"v":1000000,"d":"1,000,000.00"}]
["昆明医科大学第一附属医院","设备","A02320400 医用光学仪器","电子视力检测仪","台",1,{"v":32000,"d":"32,000.00"},{"v":32000,"d":"32,000.00"}]
["昆明医科大学第一附属医院","设备","A02320400 医用光学仪器","多光谱眼底照相机","台",1,{"v":750000,"d":"750,000.00"},{"v":750000,"d":"750,000.00"}]
["昆明医科大学第一附属医院","设备","A02320400 医用光学仪器","光学相干断层扫描仪（OCTA)","台",1,{"v":2400000,"d":"2,400,000.00"},{"v":2400000,"d":"2,400,000.00"}]
["昆明医科大学第一附属医院","设备","A02320400 医用光学仪器","手术显微镜","套",1,{"v":88000,"d":"88,000.00"},{"v":88000,"d":"88,000.00"}]
["昆明医科大学第一附属医院","设备","A02320400 医用光学仪器","眼科手术显微镜","台",1,{"v":3000000,"d":"3,000,000.00"},{"v":3000000,"d":"3,000,000.00"}]
["昆明医科大学第一附属医院","设备","A02320500 医用超声波仪器及设备","B超诊断仪","台",1,{"v":600000,"d":"600,000.00"},{"v":600000,"d":"600,000.00"}]
["昆明医科大学第一附属医院","设备","A02320500 医用超声波仪器及设备","便携式彩色多普勒超声系统(含心脏探头)","台",1,{"v":850000,"d":"850,000.00"},{"v":850000,"d":"850,000.00"}]
["昆明医科大学第一附属医院","设备","A02320500 医用超声波仪器及设备","彩色多普勒超声系统","台",1,{"v":1150000,"d":"1,150,000.00"},{"v":1150000,"d":"1,150,000.00"}]
["昆明医科大学第一附属医院","设备","A02320500 医用超声波仪器及设备","彩色多普勒超声诊断仪（介入方向）","台",1,{"v":3000000,"d":"3,000,000.00"},{"v":3000000,"d":"3,000,000.00"}]
["昆明医科大学第一附属医院","设备","A02320500 医用超声波仪器及设备","彩色多普勒超声诊断仪（全身机）","台",1,{"v":3000000,"d":"3,000,000.00"},{"v":3000000,"d":"3,000,000.00"}]
["昆明医科大学第一附属医院","设备","A02320500 医用超声波仪器及设备","彩色多普勒超声诊断仪（心超方向）","台",2,{"v":3000000,"d":"3,000,000.00"},{"v":6000000,"d":"6,000,000.00"}]
["昆明医科大学第一附属医院","设备","A02320500 医用超声波仪器及设备","超声波牙科治疗仪","台",1,{"v":40000,"d":"40,000.00"},{"v":40000,"d":"40,000.00"}]
["昆明医科大学第一附属医院","设备","A02320500 医用超声波仪器及设备","肝脏弹性和脂肪肝定量检测仪","台",2,{"v":186000,"d":"186,000.00"},{"v":372000,"d":"372,000.00"}]
["昆明医科大学第一附属医院","设备","A02320600 医用激光仪器及设备","577nm激光","台",1,{"v":1800000,"d":"1,800,000.00"},{"v":1800000,"d":"1,800,000.00"}]
["昆明医科大学第一附属医院","设备","A02320600 医用激光仪器及设备","HO:YAG激光治疗机","台",1,{"v":650000,"d":"650,000.00"},{"v":650000,"d":"650,000.00"}]
["昆明医科大学第一附属医院","设备","A02320600 医用激光仪器及设备","LED治疗仪、半导体激光治疗机","套",2,{"v":30000,"d":"30,000.00"},{"v":60000,"d":"60,000.00"}]
["昆明医科大学第一附属医院","设备","A02320600 医用激光仪器及设备","iLumin 激光光纤照明仪","台",1,{"v":250000,"d":"250,000.00"},{"v":250000,"d":"250,000.00"}]
["昆明医科大学第一附属医院","设备","A02320600 医用激光仪器及设备","激光破膜仪","台",1,{"v":250000,"d":"250,000.00"},{"v":250000,"d":"250,000.00"}]
["昆明医科大学第一附属医院","设备","A02320600 医用激光仪器及设备","全飞秒激光手术系统","台",1,{"v":13000000,"d":"13,000,000.00"},{"v":13000000,"d":"13,000,000.00"}]
["昆明医科大学第一附属医院","设备","A02320700 医用内窥镜","4K关节镜系统","台",1,{"v":1100000,"d":"1,100,000.00"},{"v":1100000,"d":"1,100,000.00"}]
["昆明医科大学第一附属医院","设备","A02320700 医用内窥镜","超高清电子胃肠镜系统","套",1,{"v":5000000,"d":"5,000,000.00"},{"v":5000000,"d":"5,000,000.00"}]
["昆明医科大学第一附属医院","设备","A02320700 医用内窥镜","超声内镜（超声环扫镜）","台",1,{"v":1000000,"d":"1,000,000.00"},{"v":1000000,"d":"1,000,000.00"}]
["昆明医科大学第一附属医院","设备","A02320700 医用内窥镜","超声内镜（超声扇扫镜）","台",2,{"v":1000000,"d":"1,000,000.00"},{"v":2000000,"d":"2,000,000.00"}]
["昆明医科大学第一附属医院","设备","A02320700 医用内窥镜","胆道镜直视系统","台",1,{"v":25000,"d":"25,000.00"},{"v":25000,"d":"25,000.00"}]
["昆明医科大学第一附属医院","设备","A02320700 医用内窥镜","电子肠镜","台",5,{"v":480000,"d":"480,000.00"},{"v":2400000,"d":"2,400,000.00"}]
["昆明医科大学第一附属医院","设备","A02320700 医用内窥镜","电子喉镜系统","台",1,{"v":1450000,"d":"1,450,000.00"},{"v":1450000,"d":"1,450,000.00"}]
["昆明医科大学第一附属医院","设备","A02320700 医用内窥镜","电子胃肠镜","套",1,{"v":5000000,"d":"5,000,000.00"},{"v":5000000,"d":"5,000,000.00"}]
["昆明医科大学第一附属医院","设备","A02320700 医用内窥镜","宫腔镜","台",6,{"v":12000,"d":"12,000.00"},{"v":72000,"d":"72,000.00"}]
["昆明医科大学第一附属医院","设备","A02320700 医用内窥镜","胶囊内窥镜磁控设备","台",1,{"v":490000,"d":"490,000.00"},{"v":490000,"d":"490,000.00"}]
["昆明医科大学第一附属医院","设备","A02320700 医用内窥镜","麻醉视频喉镜","台",1,{"v":40000,"d":"40,000.00"},{"v":40000,"d":"40,000.00"}]
["昆明医科大学第一附属医院","设备","A02320700 医用内窥镜","内窥镜","台",1,{"v":45000,"d":"45,000.00"},{"v":45000,"d":"45,000.00"}]
["昆明医科大学第一附属医院","设备","A02320700 医用内窥镜","胃十二指肠镜（电子胃镜）","台",5,{"v":450000,"d":"450,000.00"},{"v":2250000,"d":"2,250,000.00"}]
["昆明医科大学第一附属医院","设备","A02320800 物理治疗、康复及体育治疗仪器设备","电磁式冲击波治疗仪","台",1,{"v":800000,"d":"800,000.00"},{"v":800000,"d":"800,000.00"}]
["昆明医科大学第一附属医院","设备","A02320800 物理治疗、康复及体育治疗仪器设备","高频电灼治疗仪","台",1,{"v":230000,"d":"230,000.00"},{"v":230000,"d":"230,000.00"}]
["昆明医科大学第一附属医院","设备","A02320800 物理治疗、康复及体育治疗仪器设备","红蓝光谱治疗仪","台",1,{"v":60000,"d":"60,000.00"},{"v":60000,"d":"60,000.00"}]
["昆明医科大学第一附属医院","设备","A02320800 物理治疗、康复及体育治疗仪器设备","射频理疗仪","台",1,{"v":495000,"d":"495,000.00"},{"v":495000,"d":"495,000.00"}]
["昆明医科大学第一附属医院","设备","A02320800 物理治疗、康复及体育治疗仪器设备","神经血管治疗仪（LED红光治疗仪）","台",1,{"v":100000,"d":"100,000.00"},{"v":100000,"d":"100,000.00"}]
["昆明医科大学第一附属医院","设备","A02320800 物理治疗、康复及体育治疗仪器设备","吞咽神经肌肉低频电刺激仪","台",1,{"v":398000,"d":"398,000.00"},{"v":398000,"d":"398,000.00"}]
["昆明医科大学第一附属医院","设备","A02320800 物理治疗、康复及体育治疗仪器设备","医用升温毯机","台",6,{"v":15000,"d":"15,000.00"},{"v":90000,"d":"90,000.00"}]
["昆明医科大学第一附属医院","设备","A02321200 医用X线诊断设备","数字化X 射线机（钼靶 DR）","套",1,{"v":4500000,"d":"4,500,000.00"},{"v":4500000,"d":"4,500,000.00"}]
["昆明医科大学第一附属医院","设备","A02321200 医用X线诊断设备","数字化医用X 线成像系统（DR）","套",1,{"v":3000000,"d":"3,000,000.00"},{"v":3000000,"d":"3,000,000.00"}]
["昆明医科大学第一附属医院","设备","A02321200 医用X线诊断设备","医用血管造影X射线系统（DSA）","套",1,{"v":12000000,"d":"12,000,000.00"},{"v":12000000,"d":"12,000,000.00"}]
["昆明医科大学第一附属医院","设备","A02321900 临床检验设备","8通道移液器","支",15,{"v":8000,"d":"8,000.00"},{"v":120000,"d":"120,000.00"}]
["昆明医科大学第一附属医院","设备","A02321900 临床检验设备","A2型生物安全柜（单人）","台",4,{"v":80000,"d":"80,000.00"},{"v":320000,"d":"320,000.00"}]
["昆明医科大学第一附属医院","设备","A02321900 临床检验设备","A2型生物安全柜（双人）","台",3,{"v":80000,"d":"80,000.00"},{"v":240000,"d":"240,000.00"}]
["昆明医科大学第一附属医院","设备","A02321900 临床检验设备","QT PCR","套",1,{"v":360000,"d":"360,000.00"},{"v":360000,"d":"360,000.00"}]
["昆明医科大学第一附属医院","设备","A02321900 临床检验设备","包埋机","套",1,{"v":28000,"d":"28,000.00"},{"v":28000,"d":"28,000.00"}]
["昆明医科大学第一附属医院","设备","A02321900 临床检验设备","超声波清洗机","套",1,{"v":5000,"d":"5,000.00"},{"v":5000,"d":"5,000.00"}]
["昆明医科大学第一附属医院","设备","A02321900 临床检验设备","垂直送风净化工作台","台",3,{"v":6000,"d":"6,000.00"},{"v":18000,"d":"18,000.00"}]
["昆明医科大学第一附属医院","设备","A02321900 临床检验设备","单道移液器","支",50,{"v":2000,"d":"2,000.00"},{"v":100000,"d":"100,000.00"}]
["昆明医科大学第一附属医院","设备","A02321900 临床检验设备","电动吸液器（超净台用）","套",4,{"v":8000,"d":"8,000.00"},{"v":32000,"d":"32,000.00"}]
["昆明医科大学第一附属医院","设备","A02321900 临床检验设备","电动移液器","台",2,{"v":15000,"d":"15,000.00"},{"v":30000,"d":"30,000.00"}]
["昆明医科大学第一附属医院","设备","A02321900 临床检验设备","电解质分析仪","台",1,{"v":80000,"d":"80,000.00"},{"v":80000,"d":"80,000.00"}]
["昆明医科大学第一附属医院","设备","A02321900 临床检验设备","电解质分析仪（测尿钠）","套",2,{"v":38000,"d":"38,000.00"},{"v":76000,"d":"76,000.00"}]
["昆明医科大学第一附属医院","设备","A02321900 临床检验设备","电子天平","套",1,{"v":19000,"d":"19,000.00"},{"v":19000,"d":"19,000.00"}]
["昆明医科大学第一附属医院","设备","A02321900 临床检验设备","多功能流式分析仪","台",1,{"v":1200000,"d":"1,200,000.00"},{"v":1200000,"d":"1,200,000.00"}]
["昆明医科大学第一附属医院","设备","A02321900 临床检验设备","多通道荧光定量分析仪","台",1,{"v":25000,"d":"25,000.00"},{"v":25000,"d":"25,000.00"}]
["昆明医科大学第一附属医院","设备","A02321900 临床检验设备","二代高通量测序仪","台",1,{"v":1300000,"d":"1,300,000.00"},{"v":1300000,"d":"1,300,000.00"}]
["昆明医科大学第一附属医院","设备","A02321900 临床检验设备","二氧化碳培养箱","套",2,{"v":48000,"d":"48,000.00"},{"v":96000,"d":"96,000.00"}]
["昆明医科大学第一附属医院","设备","A02321900 临床检验设备","二氧化碳培养箱","台",2,{"v":60000,"d":"60,000.00"},{"v":120000,"d":"120,000.00"}]
["昆明医科大学第一附属医院","设备","A02321900 临床检验设备","封膜仪","台",1,{"v":24000,"d":"24,000.00"},{"v":24000,"d":"24,000.00"}]
["昆明医科大学第一附属医院","设备","A02321900 临床检验设备","恒温加热台","套",2,{"v":2000,"d":"2,000.00"},{"v":4000,"d":"4,000.00"}]
["昆明医科大学第一附属医院","设备","A02321900 临床检验设备","恒温水浴锅","套",2,{"v":6000,"d":"6,000.00"},{"v":12000,"d":"12,000.00"}]
["昆明医科大学第一附属医院","设备","A02321900 临床检验设备","恒温箱","台",1,{"v":22000,"d":"22,000.00"},{"v":22000,"d":"22,000.00"}]
["昆明医科大学第一附属医院","设备","A02321900 临床检验设备","恒温振荡混匀仪","台",1,{"v":13000,"d":"13,000.00"},{"v":13000,"d":"13,000.00"}]
["昆明医科大学第一附属医院","设备","A02321900 临床检验设备","黄疸监测仪","台",2,{"v":42000,"d":"42,000.00"},{"v":84000,"d":"84,000.00"}]
["昆明医科大学第一附属医院","设备","A02321900 临床检验设备","基因测序仪","台",1,{"v":2000000,"d":"2,000,000.00"},{"v":2000000,"d":"2,000,000.00"}]
["昆明医科大学第一附属医院","设备","A02321900 临床检验设备","胶体金免疫层析分析仪","台",1,{"v":20000,"d":"20,000.00"},{"v":20000,"d":"20,000.00"}]
["昆明医科大学第一附属医院","设备","A02321900 临床检验设备","可调式八道移液器0.5-10μL","支",3,{"v":7000,"d":"7,000.00"},{"v":21000,"d":"21,000.00"}]
["昆明医科大学第一附属医院","设备","A02321900 临床检验设备","可调式八道移液器10-100μL","支",3,{"v":7000,"d":"7,000.00"},{"v":21000,"d":"21,000.00"}]
["昆明医科大学第一附属医院","设备","A02321900 临床检验设备","可调式八道移液器30-300μL","支",4,{"v":7000,"d":"7,000.00"},{"v":28000,"d":"28,000.00"}]
["昆明医科大学第一附属医院","设备","A02321900 临床检验设备","冷冻离心机","套",1,{"v":150000,"d":"150,000.00"},{"v":150000,"d":"150,000.00"}]
["昆明医科大学第一附属医院","设备","A02321900 临床检验设备","凝胶成像分析系统","台",1,{"v":160000,"d":"160,000.00"},{"v":160000,"d":"160,000.00"}]
["昆明医科大学第一附属医院","设备","A02321900 临床检验设备","排枪","套",2,{"v":10000,"d":"10,000.00"},{"v":20000,"d":"20,000.00"}]
["昆明医科大学第一附属医院","设备","A02321900 临床检验设备","皮肤生理功能测试仪","台",1,{"v":500000,"d":"500,000.00"},{"v":500000,"d":"500,000.00"}]
["昆明医科大学第一附属医院","设备","A02321900 临床检验设备","普通PCR仪","套",1,{"v":49800,"d":"49,800.00"},{"v":49800,"d":"49,800.00"}]
["昆明医科大学第一附属医院","设备","A02321900 临床检验设备","全自动粪便分析仪","台",2,{"v":100000,"d":"100,000.00"},{"v":200000,"d":"200,000.00"}]
["昆明医科大学第一附属医院","设备","A02321900 临床检验设备","全自动核酸提取仪","台",1,{"v":90000,"d":"90,000.00"},{"v":90000,"d":"90,000.00"}]
["昆明医科大学第一附属医院","设备","A02321900 临床检验设备","全自动化学发光分析仪","台",1,{"v":250000,"d":"250,000.00"},{"v":250000,"d":"250,000.00"}]
["昆明医科大学第一附属医院","设备","A02321900 临床检验设备","全自动化学发光分析仪","台",2,{"v":450000,"d":"450,000.00"},{"v":900000,"d":"900,000.00"}]
["昆明医科大学第一附属医院","设备","A02321900 临床检验设备","全自动化学发光酶免分析仪","台",1,{"v":150000,"d":"150,000.00"},{"v":150000,"d":"150,000.00"}]
["昆明医科大学第一附属医院","设备","A02321900 临床检验设备","全自动化学发光酶免分析仪","台",1,{"v":150000,"d":"150,000.00"},{"v":150000,"d":"150,000.00"}]
["昆明医科大学第一附属医院","设备","A02321900 临床检验设备","全自动化学发光免疫分析仪","台",1,{"v":50000,"d":"50,000.00"},{"v":50000,"d":"50,000.00"}]
["昆明医科大学第一附属医院","设备","A02321900 临床检验设备","全自动化学发光免疫分析仪","台",1,{"v":45000,"d":"45,000.00"},{"v":45000,"d":"45,000.00"}]
["昆明医科大学第一附属医院","设备","A02321900 临床检验设备","全自动化学发光免疫分析仪","台",1,{"v":240000,"d":"240,000.00"},{"v":240000,"d":"240,000.00"}]
["昆明医科大学第一附属医院","设备","A02321900 临床检验设备","全自动抗酸杆菌涂片分析系统","台",1,{"v":200000,"d":"200,000.00"},{"v":200000,"d":"200,000.00"}]
["昆明医科大学第一附属医院","设备","A02321900 临床检验设备","全自动抗酸杆菌涂片分析系统","台",1,{"v":200000,"d":"200,000.00"},{"v":200000,"d":"200,000.00"}]
["昆明医科大学第一附属医院","设备","A02321900 临床检验设备","全自动毛细管电泳仪","台",1,{"v":496000,"d":"496,000.00"},{"v":496000,"d":"496,000.00"}]
["昆明医科大学第一附属医院","设备","A02321900 临床检验设备","全自动免疫化学发光仪","台",1,{"v":1000000,"d":"1,000,000.00"},{"v":1000000,"d":"1,000,000.00"}]
["昆明医科大学第一附属医院","设备","A02321900 临床检验设备","全自动免疫印迹仪","台",1,{"v":400000,"d":"400,000.00"},{"v":400000,"d":"400,000.00"}]
["昆明医科大学第一附属医院","设备","A02321900 临床检验设备","全自动凝血检测流水线","台",1,{"v":380000,"d":"380,000.00"},{"v":380000,"d":"380,000.00"}]
["昆明医科大学第一附属医院","设备","A02321900 临床检验设备","全自动生化分析流水线","套",1,{"v":1800000,"d":"1,800,000.00"},{"v":1800000,"d":"1,800,000.00"}]
["昆明医科大学第一附属医院","设备","A02321900 临床检验设备","全自动生化分析仪","台",1,{"v":38000,"d":"38,000.00"},{"v":38000,"d":"38,000.00"}]
["昆明医科大学第一附属医院","设备","A02321900 临床检验设备","全自动特定蛋白分析仪","台",1,{"v":420000,"d":"420,000.00"},{"v":420000,"d":"420,000.00"}]
["昆明医科大学第一附属医院","设备","A02321900 临床检验设备","全自动特定蛋白分析仪","台",1,{"v":420000,"d":"420,000.00"},{"v":420000,"d":"420,000.00"}]
["昆明医科大学第一附属医院","设备","A02321900 临床检验设备","全自动脱水机","套",1,{"v":100000,"d":"100,000.00"},{"v":100000,"d":"100,000.00"}]
["昆明医科大学第一附属医院","设备","A02321900 临床检验设备","全自动微生物鉴定药敏分析仪","台",1,{"v":450000,"d":"450,000.00"},{"v":450000,"d":"450,000.00"}]
["昆明医科大学第一附属医院","设备","A02321900 临床检验设备","全自动微生物鉴定药敏分析仪","台",1,{"v":450000,"d":"450,000.00"},{"v":450000,"d":"450,000.00"}]
["昆明医科大学第一附属医院","设备","A02321900 临床检验设备","全自动微生物染色机","台",1,{"v":150000,"d":"150,000.00"},{"v":150000,"d":"150,000.00"}]
["昆明医科大学第一附属医院","设备","A02321900 临床检验设备","全自动微生物血培养仪","台",1,{"v":300000,"d":"300,000.00"},{"v":300000,"d":"300,000.00"}]
["昆明医科大学第一附属医院","设备","A02321900 临床检验设备","全自动血培养仪","台",1,{"v":480000,"d":"480,000.00"},{"v":480000,"d":"480,000.00"}]
["昆明医科大学第一附属医院","设备","A02321900 临床检验设备","全自动血气分析仪","台",1,{"v":150000,"d":"150,000.00"},{"v":150000,"d":"150,000.00"}]
["昆明医科大学第一附属医院","设备","A02321900 临床检验设备","全自动血细胞分析流水线","台",2,{"v":350000,"d":"350,000.00"},{"v":700000,"d":"700,000.00"}]
["昆明医科大学第一附属医院","设备","A02321900 临床检验设备","全自动样本制备系统","台",1,{"v":64000,"d":"64,000.00"},{"v":64000,"d":"64,000.00"}]
["昆明医科大学第一附属医院","设备","A02321900 临床检验设备","全自动阴道分泌物检测仪","台",2,{"v":180000,"d":"180,000.00"},{"v":360000,"d":"360,000.00"}]
["昆明医科大学第一附属医院","设备","A02321900 临床检验设备","生物安全柜","台",3,{"v":16400,"d":"16,400.00"},{"v":49200,"d":"49,200.00"}]
["昆明医科大学第一附属医院","设备","A02321900 临床检验设备","石蜡包埋机","台",1,{"v":150000,"d":"150,000.00"},{"v":150000,"d":"150,000.00"}]
["昆明医科大学第一附属医院","设备","A02321900 临床检验设备","石蜡切片机","套",1,{"v":160000,"d":"160,000.00"},{"v":160000,"d":"160,000.00"}]
["昆明医科大学第一附属医院","设备","A02321900 临床检验设备","试管恒温加热仪","套",1,{"v":10000,"d":"10,000.00"},{"v":10000,"d":"10,000.00"}]
["昆明医科大学第一附属医院","设备","A02321900 临床检验设备","台式低速离心机","台",1,{"v":10000,"d":"10,000.00"},{"v":10000,"d":"10,000.00"}]
["昆明医科大学第一附属医院","设备","A02321900 临床检验设备","糖化血红蛋白分析仪","台",2,{"v":200000,"d":"200,000.00"},{"v":400000,"d":"400,000.00"}]
["昆明医科大学第一附属医院","设备","A02321900 临床检验设备","通风柜","台",1,{"v":20000,"d":"20,000.00"},{"v":20000,"d":"20,000.00"}]
["昆明医科大学第一附属医院","设备","A02321900 临床检验设备","微孔板离心机","台",1,{"v":9600,"d":"9,600.00"},{"v":9600,"d":"9,600.00"}]
["昆明医科大学第一附属医院","设备","A02321900 临床检验设备","涡旋混合仪","套",2,{"v":1000,"d":"1,000.00"},{"v":2000,"d":"2,000.00"}]
["昆明医科大学第一附属医院","设备","A02321900 临床检验设备","洗板机","台",1,{"v":50000,"d":"50,000.00"},{"v":50000,"d":"50,000.00"}]
["昆明医科大学第一附属医院","设备","A02321900 临床检验设备","细胞计数仪","套",1,{"v":49800,"d":"49,800.00"},{"v":49800,"d":"49,800.00"}]
["昆明医科大学第一附属医院","设备","A02321900 临床检验设备","旋转混合仪","台",1,{"v":2500,"d":"2,500.00"},{"v":2500,"d":"2,500.00"}]
["昆明医科大学第一附属医院","设备","A02321900 临床检验设备","旋转混匀仪","套",1,{"v":5000,"d":"5,000.00"},{"v":5000,"d":"5,000.00"}]
["昆明医科大学第一附属医院","设备","A02321900 临床检验设备","液氮罐","台",2,{"v":20000,"d":"20,000.00"},{"v":40000,"d":"40,000.00"}]
["昆明医科大学第一附属医院","设备","A02321900 临床检验设备","医用洁净工作台","台",1,{"v":6500,"d":"6,500.00"},{"v":6500,"d":"6,500.00"}]
["昆明医科大学第一附属医院","设备","A02321900 临床检验设备","移液器（100μL)","支",4,{"v":1700,"d":"1,700.00"},{"v":6800,"d":"6,800.00"}]
["昆明医科大学第一附属医院","设备","A02321900 临床检验设备","移液器（10μL)","支",4,{"v":1700,"d":"1,700.00"},{"v":6800,"d":"6,800.00"}]
["昆明医科大学第一附属医院","设备","A02321900 临床检验设备","移液枪","台",15,{"v":12000,"d":"12,000.00"},{"v":180000,"d":"180,000.00"}]
["昆明医科大学第一附属医院","设备","A02321900 临床检验设备","展片机","套",1,{"v":8000,"d":"8,000.00"},{"v":8000,"d":"8,000.00"}]
["昆明医科大学第一附属医院","设备","A02321900 临床检验设备","自动组织脱水机","台",1,{"v":450000,"d":"450,000.00"},{"v":450000,"d":"450,000.00"}]
["昆明医科大学第一附属医院","设备","A02322100 体外循环设备","连续性血液净化设备","台",2,{"v":480000,"d":"480,000.00"},{"v":960000,"d":"960,000.00"}]
["昆明医科大学第一附属医院","设备","A02322100 体外循环设备","血液净化机（人工肝治疗）","台",1,{"v":220000,"d":"220,000.00"},{"v":220000,"d":"220,000.00"}]
["昆明医科大学第一附属医院","设备","A02322100 体外循环设备","血液透析机","台",10,{"v":150000,"d":"150,000.00"},{"v":1500000,"d":"1,500,000.00"}]
["昆明医科大学第一附属医院","设备","A02322100 体外循环设备","血液透析滤过机","台",20,{"v":250000,"d":"250,000.00"},{"v":5000000,"d":"5,000,000.00"}]
["昆明医科大学第一附属医院","设备","A02322100 体外循环设备","中心监护系统","台",1,{"v":80000,"d":"80,000.00"},{"v":80000,"d":"80,000.00"}]
["昆明医科大学第一附属医院","设备","A02322100 体外循环设备","自动化腹膜透析机","台",4,{"v":90000,"d":"90,000.00"},{"v":360000,"d":"360,000.00"}]
["昆明医科大学第一附属医院","设备","A02322400 手术室设备及附件","等离子射频手术系统","台",1,{"v":120000,"d":"120,000.00"},{"v":120000,"d":"120,000.00"}]
["昆明医科大学第一附属医院","设备","A02322400 手术室设备及附件","低温等离子体多功能手术系统","台",1,{"v":80000,"d":"80,000.00"},{"v":80000,"d":"80,000.00"}]
["昆明医科大学第一附属医院","设备","A02322400 手术室设备及附件","高频电刀","台",1,{"v":70000,"d":"70,000.00"},{"v":70000,"d":"70,000.00"}]
["昆明医科大学第一附属医院","设备","A02322400 手术室设备及附件","高频电刀（单双极）","台",1,{"v":40000,"d":"40,000.00"},{"v":40000,"d":"40,000.00"}]
["昆明医科大学第一附属医院","设备","A02322400 手术室设备及附件","高频电刀（单双极）","台",1,{"v":40000,"d":"40,000.00"},{"v":40000,"d":"40,000.00"}]
["昆明医科大学第一附属医院","设备","A02322400 手术室设备及附件","手术床配件","套",1,{"v":1000000,"d":"1,000,000.00"},{"v":1000000,"d":"1,000,000.00"}]
["昆明医科大学第一附属医院","设备","A02322400 手术室设备及附件","手术床配件","套",1,{"v":1000000,"d":"1,000,000.00"},{"v":1000000,"d":"1,000,000.00"}]
["昆明医科大学第一附属医院","设备","A02322400 手术室设备及附件","手术动力系统","台",2,{"v":580000,"d":"580,000.00"},{"v":1160000,"d":"1,160,000.00"}]
["昆明医科大学第一附属医院","设备","A02322400 手术室设备及附件","手术显微镜","台",1,{"v":130000,"d":"130,000.00"},{"v":130000,"d":"130,000.00"}]
["昆明医科大学第一附属医院","设备","A02322400 手术室设备及附件","手术显微镜","台",1,{"v":240000,"d":"240,000.00"},{"v":240000,"d":"240,000.00"}]
["昆明医科大学第一附属医院","设备","A02322500 急救和生命支持设备","复苏急救转运综合系统","套",1,{"v":700000,"d":"700,000.00"},{"v":700000,"d":"700,000.00"}]
["昆明医科大学第一附属医院","设备","A02322500 急救和生命支持设备","国家紧急救援基地配套","套",1,{"v":20000000,"d":"20,000,000.00"},{"v":20000000,"d":"20,000,000.00"}]
["昆明医科大学第一附属医院","设备","A02322500 急救和生命支持设备","呼吸机加温湿化器","台",30,{"v":15000,"d":"15,000.00"},{"v":450000,"d":"450,000.00"}]
["昆明医科大学第一附属医院","设备","A02322500 急救和生命支持设备","无创呼吸机","台",1,{"v":200000,"d":"200,000.00"},{"v":200000,"d":"200,000.00"}]
["昆明医科大学第一附属医院","设备","A02322500 急救和生命支持设备","小动物呼吸机","套",1,{"v":49000,"d":"49,000.00"},{"v":49000,"d":"49,000.00"}]
["昆明医科大学第一附属医院","设备","A02322500 急救和生命支持设备","心肺复苏机","台",1,{"v":200000,"d":"200,000.00"},{"v":200000,"d":"200,000.00"}]
["昆明医科大学第一附属医院","设备","A02322500 急救和生命支持设备","心肺复苏机","台",1,{"v":170000,"d":"170,000.00"},{"v":170000,"d":"170,000.00"}]
["昆明医科大学第一附属医院","设备","A02322700 病房护理及医院设备","1拖16遥测监护系统","套",1,{"v":250000,"d":"250,000.00"},{"v":250000,"d":"250,000.00"}]
["昆明医科大学第一附属医院","设备","A02322700 病房护理及医院设备","便携式电动吸引器","台",1,{"v":5000,"d":"5,000.00"},{"v":5000,"d":"5,000.00"}]
["昆明医科大学第一附属医院","设备","A02322700 病房护理及医院设备","常规心电监护仪","台",5,{"v":20000,"d":"20,000.00"},{"v":100000,"d":"100,000.00"}]
["昆明医科大学第一附属医院","设备","A02322700 病房护理及医院设备","单通道注射泵","台",6,{"v":2800,"d":"2,800.00"},{"v":16800,"d":"16,800.00"}]
["昆明医科大学第一附属医院","设备","A02322700 病房护理及医院设备","电动吸引器","套",4,{"v":1000,"d":"1,000.00"},{"v":4000,"d":"4,000.00"}]
["昆明医科大学第一附属医院","设备","A02322700 病房护理及医院设备","干式恒温箱/干式温奶器","台",14,{"v":10000,"d":"10,000.00"},{"v":140000,"d":"140,000.00"}]
["昆明医科大学第一附属医院","设备","A02322700 病房护理及医院设备","检查床","台",6,{"v":8000,"d":"8,000.00"},{"v":48000,"d":"48,000.00"}]
["昆明医科大学第一附属医院","设备","A02322700 病房护理及医院设备","空气波压力治疗仪","台",2,{"v":40000,"d":"40,000.00"},{"v":80000,"d":"80,000.00"}]
["昆明医科大学第一附属医院","设备","A02322700 病房护理及医院设备","空气波压力治疗仪","台",4,{"v":15700,"d":"15,700.00"},{"v":62800,"d":"62,800.00"}]
["昆明医科大学第一附属医院","设备","A02322700 病房护理及医院设备","气囊压力表","台",1,{"v":1800,"d":"1,800.00"},{"v":1800,"d":"1,800.00"}]
["昆明医科大学第一附属医院","设备","A02322700 病房护理及医院设备","全胸振荡排痰机","台",2,{"v":22000,"d":"22,000.00"},{"v":44000,"d":"44,000.00"}]
["昆明医科大学第一附属医院","设备","A02322700 病房护理及医院设备","输液泵","台",10,{"v":5000,"d":"5,000.00"},{"v":50000,"d":"50,000.00"}]
["昆明医科大学第一附属医院","设备","A02322700 病房护理及医院设备","输液泵","台",10,{"v":4100,"d":"4,100.00"},{"v":41000,"d":"41,000.00"}]
["昆明医科大学第一附属医院","设备","A02322700 病房护理及医院设备","输液泵","台",28,{"v":10000,"d":"10,000.00"},{"v":280000,"d":"280,000.00"}]
["昆明医科大学第一附属医院","设备","A02322700 病房护理及医院设备","输液泵","台",6,{"v":5000,"d":"5,000.00"},{"v":30000,"d":"30,000.00"}]
["昆明医科大学第一附属医院","设备","A02322700 病房护理及医院设备","输液信息采集系统（1拖4）","台",22,{"v":80000,"d":"80,000.00"},{"v":1760000,"d":"1,760,000.00"}]
["昆明医科大学第一附属医院","设备","A02322700 病房护理及医院设备","输液信息采集系统（1拖6）","套",8,{"v":100000,"d":"100,000.00"},{"v":800000,"d":"800,000.00"}]
["昆明医科大学第一附属医院","设备","A02322700 病房护理及医院设备","双道注射泵","台",3,{"v":5000,"d":"5,000.00"},{"v":15000,"d":"15,000.00"}]
["昆明医科大学第一附属医院","设备","A02322700 病房护理及医院设备","微量注射泵","套",4,{"v":6000,"d":"6,000.00"},{"v":24000,"d":"24,000.00"}]
["昆明医科大学第一附属医院","设备","A02322700 病房护理及医院设备","微量注射泵（单）","台",5,{"v":10000,"d":"10,000.00"},{"v":50000,"d":"50,000.00"}]
["昆明医科大学第一附属医院","设备","A02322700 病房护理及医院设备","微量注射泵（双）","台",20,{"v":10000,"d":"10,000.00"},{"v":200000,"d":"200,000.00"}]
["昆明医科大学第一附属医院","设备","A02322700 病房护理及医院设备","遥测监护系统","台",16,{"v":15000,"d":"15,000.00"},{"v":240000,"d":"240,000.00"}]
["昆明医科大学第一附属医院","设备","A02322700 病房护理及医院设备","医用电动病床","台",6,{"v":59000,"d":"59,000.00"},{"v":354000,"d":"354,000.00"}]
["昆明医科大学第一附属医院","设备","A02322700 病房护理及医院设备","婴儿辐射保暖台","台",2,{"v":40000,"d":"40,000.00"},{"v":80000,"d":"80,000.00"}]
["昆明医科大学第一附属医院","设备","A02322700 病房护理及医院设备","注射泵（双泵）","台",10,{"v":7000,"d":"7,000.00"},{"v":70000,"d":"70,000.00"}]
["昆明医科大学第一附属医院","设备","A02322800 消毒灭菌设备及器具","床单位消毒机","台",2,{"v":11000,"d":"11,000.00"},{"v":22000,"d":"22,000.00"}]
["昆明医科大学第一附属医院","设备","A02322800 消毒灭菌设备及器具","床单元消毒机","台",1,{"v":2000,"d":"2,000.00"},{"v":2000,"d":"2,000.00"}]
["昆明医科大学第一附属医院","设备","A02322800 消毒灭菌设备及器具","等离子灭菌器","台",1,{"v":380000,"d":"380,000.00"},{"v":380000,"d":"380,000.00"}]
["昆明医科大学第一附属医院","设备","A02322800 消毒灭菌设备及器具","电热恒温干燥箱","套",1,{"v":8000,"d":"8,000.00"},{"v":8000,"d":"8,000.00"}]
["昆明医科大学第一附属医院","设备","A02322800 消毒灭菌设备及器具","高压蒸汽灭菌锅","台",1,{"v":11000,"d":"11,000.00"},{"v":11000,"d":"11,000.00"}]
["昆明医科大学第一附属医院","设备","A02322800 消毒灭菌设备及器具","过氧化氢浓度探头","台",1,{"v":25000,"d":"25,000.00"},{"v":25000,"d":"25,000.00"}]
["昆明医科大学第一附属医院","设备","A02322800 消毒灭菌设备及器具","呼吸机内管路消毒机","台",1,{"v":245000,"d":"245,000.00"},{"v":245000,"d":"245,000.00"}]
["昆明医科大学第一附属医院","设备","A02322800 消毒灭菌设备及器具","环境安全监测报警控制主机","台",1,{"v":35000,"d":"35,000.00"},{"v":35000,"d":"35,000.00"}]
["昆明医科大学第一附属医院","设备","A02322800 消毒灭菌设备及器具","环氧乙烷浓度探头","台",1,{"v":28000,"d":"28,000.00"},{"v":28000,"d":"28,000.00"}]
["昆明医科大学第一附属医院","设备","A02322800 消毒灭菌设备及器具","空气洁净屏","台",1,{"v":18700,"d":"18,700.00"},{"v":18700,"d":"18,700.00"}]
["昆明医科大学第一附属医院","设备","A02322800 消毒灭菌设备及器具","快速式清洗消毒器","台",1,{"v":250000,"d":"250,000.00"},{"v":250000,"d":"250,000.00"}]
["昆明医科大学第一附属医院","设备","A02322800 消毒灭菌设备及器具","两层平台车","台",4,{"v":3800,"d":"3,800.00"},{"v":15200,"d":"15,200.00"}]
["昆明医科大学第一附属医院","设备","A02322800 消毒灭菌设备及器具","麻醉机、呼吸机内部回路消毒机","台",1,{"v":350000,"d":"350,000.00"},{"v":350000,"d":"350,000.00"}]
["昆明医科大学第一附属医院","设备","A02322800 消毒灭菌设备及器具","麻醉机呼吸机回路消毒机","台",1,{"v":270000,"d":"270,000.00"},{"v":270000,"d":"270,000.00"}]
["昆明医科大学第一附属医院","设备","A02322800 消毒灭菌设备及器具","清洗工作台","台",2,{"v":4800,"d":"4,800.00"},{"v":9600,"d":"9,600.00"}]
["昆明医科大学第一附属医院","设备","A02322800 消毒灭菌设备及器具","双缸内镜全自动清洗消毒机","台",2,{"v":350000,"d":"350,000.00"},{"v":700000,"d":"700,000.00"}]
["昆明医科大学第一附属医院","设备","A02322800 消毒灭菌设备及器具","无菌层流床","台",2,{"v":20000,"d":"20,000.00"},{"v":40000,"d":"40,000.00"}]
["昆明医科大学第一附属医院","设备","A02322800 消毒灭菌设备及器具","医用器械除锈仪","台",1,{"v":50000,"d":"50,000.00"},{"v":50000,"d":"50,000.00"}]
["昆明医科大学第一附属医院","设备","A02322800 消毒灭菌设备及器具","医用真空干燥柜","台",1,{"v":190000,"d":"190,000.00"},{"v":190000,"d":"190,000.00"}]
["昆明医科大学第一附属医院","设备","A02322900 医用低温、冷疗设备","超低温冰箱","台",1,{"v":60000,"d":"60,000.00"},{"v":60000,"d":"60,000.00"}]
["昆明医科大学第一附属医院","设备","A02322900 医用低温、冷疗设备","超低温冰箱及冻存架","台",1,{"v":52800,"d":"52,800.00"},{"v":52800,"d":"52,800.00"}]
["昆明医科大学第一附属医院","设备","A02322900 医用低温、冷疗设备","柜式低温冰箱-25度","套",2,{"v":9800,"d":"9,800.00"},{"v":19600,"d":"19,600.00"}]
["昆明医科大学第一附属医院","设备","A02322900 医用低温、冷疗设备","医用冰箱","台",4,{"v":30000,"d":"30,000.00"},{"v":120000,"d":"120,000.00"}]
["昆明医科大学第一附属医院","设备","A02322900 医用低温、冷疗设备","医用低温保存箱(-25℃）","台",2,{"v":6300,"d":"6,300.00"},{"v":12600,"d":"12,600.00"}]
["昆明医科大学第一附属医院","设备","A02322900 医用低温、冷疗设备","医用低温保存箱","台",1,{"v":60000,"d":"60,000.00"},{"v":60000,"d":"60,000.00"}]
["昆明医科大学第一附属医院","设备","A02322900 医用低温、冷疗设备","医用控温仪","台",1,{"v":55000,"d":"55,000.00"},{"v":55000,"d":"55,000.00"}]
["昆明医科大学第一附属医院","设备","A02322900 医用低温、冷疗设备","医用冷藏柜","台",10,{"v":20000,"d":"20,000.00"},{"v":200000,"d":"200,000.00"}]
["昆明医科大学第一附属医院","设备","A02322900 医用低温、冷疗设备","医用冷藏冷冻箱","台",3,{"v":5500,"d":"5,500.00"},{"v":16500,"d":"16,500.00"}]
["昆明医科大学第一附属医院","设备","A02322900 医用低温、冷疗设备","医用冷藏冷冻箱","台",4,{"v":5400,"d":"5,400.00"},{"v":21600,"d":"21,600.00"}]
["昆明医科大学第一附属医院","设备","A02322900 医用低温、冷疗设备","医用冷藏箱(2-8℃)","台",2,{"v":11000,"d":"11,000.00"},{"v":22000,"d":"22,000.00"}]
["昆明医科大学第一附属医院","设备","A02322900 医用低温、冷疗设备","医用冷藏箱","台",3,{"v":20000,"d":"20,000.00"},{"v":60000,"d":"60,000.00"}]
["昆明医科大学第一附属医院","设备","A02322900 医用低温、冷疗设备","医用冷藏箱","台",2,{"v":20000,"d":"20,000.00"},{"v":40000,"d":"40,000.00"}]
["昆明医科大学第一附属医院","设备","A02322900 医用低温、冷疗设备","医用冷藏箱","台",1,{"v":6000,"d":"6,000.00"},{"v":6000,"d":"6,000.00"}]
["昆明医科大学第一附属医院","设备","A02323400 兽医设备","小动物鼠尾测压仪（有创和无创的整套设备）","套",1,{"v":180000,"d":"180,000.00"},{"v":180000,"d":"180,000.00"}]
["昆明医科大学第一附属医院","设备","A02329900 其他医疗设备","3D成像相机","台",1,{"v":400000,"d":"400,000.00"},{"v":400000,"d":"400,000.00"}]
["昆明医科大学第一附属医院","设备","A02329900 其他医疗设备","玻切机","台",1,{"v":1500000,"d":"1,500,000.00"},{"v":1500000,"d":"1,500,000.00"}]
["昆明医科大学第一附属医院","设备","A02329900 其他医疗设备","肠内营养泵","台",23,{"v":10000,"d":"10,000.00"},{"v":230000,"d":"230,000.00"}]
["昆明医科大学第一附属医院","设备","A02329900 其他医疗设备","超乳机","台",2,{"v":700000,"d":"700,000.00"},{"v":1400000,"d":"1,400,000.00"}]
["昆明医科大学第一附属医院","设备","A02329900 其他医疗设备","二氧化碳氧气浓度测定仪","台",2,{"v":35000,"d":"35,000.00"},{"v":70000,"d":"70,000.00"}]
["昆明医科大学第一附属医院","设备","A02329900 其他医疗设备","负压睡眠呼吸障碍辅助治疗仪","台",2,{"v":6000,"d":"6,000.00"},{"v":12000,"d":"12,000.00"}]
["昆明医科大学第一附属医院","设备","A02329900 其他医疗设备","工业用除湿机","套",2,{"v":5000,"d":"5,000.00"},{"v":10000,"d":"10,000.00"}]
["昆明医科大学第一附属医院","设备","A02329900 其他医疗设备","骨科动力系统","台",2,{"v":150000,"d":"150,000.00"},{"v":300000,"d":"300,000.00"}]
["昆明医科大学第一附属医院","设备","A02329900 其他医疗设备","烘箱","套",1,{"v":40000,"d":"40,000.00"},{"v":40000,"d":"40,000.00"}]
["昆明医科大学第一附属医院","设备","A02329900 其他医疗设备","间歇脉冲加压抗栓系统（空气波治疗仪）","台",2,{"v":25000,"d":"25,000.00"},{"v":50000,"d":"50,000.00"}]
["昆明医科大学第一附属医院","设备","A02329900 其他医疗设备","近红外脑功能定量成像设备","台",1,{"v":2480000,"d":"2,480,000.00"},{"v":2480000,"d":"2,480,000.00"}]
["昆明医科大学第一附属医院","设备","A02329900 其他医疗设备","连续性血液净化设备","台",1,{"v":600000,"d":"600,000.00"},{"v":600000,"d":"600,000.00"}]
["昆明医科大学第一附属医院","设备","A02329900 其他医疗设备","内镜下射频消融系统","台",1,{"v":900000,"d":"900,000.00"},{"v":900000,"d":"900,000.00"}]
["昆明医科大学第一附属医院","设备","A02329900 其他医疗设备","气囊压力监测仪","台",10,{"v":2200,"d":"2,200.00"},{"v":22000,"d":"22,000.00"}]
["昆明医科大学第一附属医院","设备","A02329900 其他医疗设备","三维电生理导航系统","台",1,{"v":2500000,"d":"2,500,000.00"},{"v":2500000,"d":"2,500,000.00"}]
["昆明医科大学第一附属医院","设备","A02329900 其他医疗设备","数字皮肤镜（全身）","台",1,{"v":1300000,"d":"1,300,000.00"},{"v":1300000,"d":"1,300,000.00"}]
["昆明医科大学第一附属医院","设备","A02329900 其他医疗设备","胸腔按压反馈仪","台",1,{"v":120000,"d":"120,000.00"},{"v":120000,"d":"120,000.00"}]
["昆明医科大学第一附属医院","设备","A02329900 其他医疗设备","眼前节测量评估系统","台",1,{"v":1000000,"d":"1,000,000.00"},{"v":1000000,"d":"1,000,000.00"}]
["昆明医科大学第一附属医院","设备","A02329900 其他医疗设备","液氮生物容器","台",3,{"v":13000,"d":"13,000.00"},{"v":39000,"d":"39,000.00"}]
["昆明医科大学第一附属医院","设备","A02329900 其他医疗设备","医用电脑控温仪","台",2,{"v":40000,"d":"40,000.00"},{"v":80000,"d":"80,000.00"}]
["昆明医科大学第一附属医院","家具和用品","A05010599 其他柜类","蜡块柜","组",80,{"v":2680,"d":"2,680.00"},{"v":214400,"d":"214,400.00"}]
["昆明医科大学第一附属医院","家具和用品","A05010599 其他柜类","切片柜","台",60,{"v":3800,"d":"3,800.00"},{"v":228000,"d":"228,000.00"}]
["昆明医科大学第一附属医院","无形资产","A08060301 基础软件","操作系统及办公套件等基础软件","套",100,{"v":600,"d":"600.00"},{"v":60000,"d":"60,000.00"}]
["昆明医科大学第一附属医院","无形资产","A08060303 应用软件","AI智能总检系统","套",1,{"v":175000,"d":"175,000.00"},{"v":175000,"d":"175,000.00"}]
["昆明医科大学第一附属医院","无形资产","A08060303 应用软件","RFID资产盘点系统","套",1,{"v":400000,"d":"400,000.00"},{"v":400000,"d":"400,000.00"}]
["昆明医科大学第一附属医院","无形资产","A08060303 应用软件","电子会计档案系统","套",1,{"v":280000,"d":"280,000.00"},{"v":280000,"d":"280,000.00"}]
["昆明医科大学第一附属医院","无形资产","A08060303 应用软件","非医收费系统","套",1,{"v":416000,"d":"416,000.00"},{"v":416000,"d":"416,000.00"}]
["昆明医科大学第一附属医院","无形资产","A08060303 应用软件","干部保健科软件","项",1,{"v":3000000,"d":"3,000,000.00"},{"v":3000000,"d":"3,000,000.00"}]
["昆明医科大学第一附属医院","无形资产","A08060303 应用软件","患者全程管理系统软件项目","套",1,{"v":800000,"d":"800,000.00"},{"v":800000,"d":"800,000.00"}]
["昆明医科大学第一附属医院","无形资产","A08060303 应用软件","教务管理系统三期升级项目","套",1,{"v":314000,"d":"314,000.00"},{"v":314000,"d":"314,000.00"}]
["昆明医科大学第一附属医院","无形资产","A08060303 应用软件","抗菌药物治疗前病原学送检及围手术期预防用药全流程管理系统","套",1,{"v":41780,"d":"41,780.00"},{"v":41780,"d":"41,780.00"}]
["昆明医科大学第一附属医院","无形资产","A08060303 应用软件","临床技能培训课程平台","套",1,{"v":500000,"d":"500,000.00"},{"v":500000,"d":"500,000.00"}]
["昆明医科大学第一附属医院","无形资产","A08060303 应用软件","临床专科能力提升信息化整体建设项目","套",1,{"v":25120000,"d":"25,120,000.00"},{"v":25120000,"d":"25,120,000.00"}]
["昆明医科大学第一附属医院","无形资产","A08060303 应用软件","能耗系统平台","套",1,{"v":750000,"d":"750,000.00"},{"v":750000,"d":"750,000.00"}]
["昆明医科大学第一附属医院","无形资产","A08060303 应用软件","疼痛综合管理系统","套",1,{"v":300000,"d":"300,000.00"},{"v":300000,"d":"300,000.00"}]
["昆明医科大学第一附属医院","无形资产","A08060303 应用软件","体检导诊管理系统","套",1,{"v":144800,"d":"144,800.00"},{"v":144800,"d":"144,800.00"}]
["昆明医科大学第一附属医院","无形资产","A08060303 应用软件","消毒供应室追溯管理系统","套",1,{"v":198000,"d":"198,000.00"},{"v":198000,"d":"198,000.00"}]
["昆明医科大学第一附属医院","无形资产","A08060303 应用软件","医废信息系统平台维护系统","套",1,{"v":190000,"d":"190,000.00"},{"v":190000,"d":"190,000.00"}]
["昆明医科大学第一附属医院","无形资产","A08060303 应用软件","智慧高危儿精细化管理系统","套",1,{"v":230000,"d":"230,000.00"},{"v":230000,"d":"230,000.00"}]
["昆明医科大学第一附属医院","无形资产","A08060303 应用软件","智慧门诊-药房取药流程改造项目软件","套",1,{"v":160000,"d":"160,000.00"},{"v":160000,"d":"160,000.00"}]
["昆明医科大学第一附属医院","无形资产","A08060303 应用软件","智能化医保管理系统","套",1,{"v":1300000,"d":"1,300,000.00"},{"v":1300000,"d":"1,300,000.00"}]
["昆明医科大学第一附属医院","无形资产","A08060303 应用软件","重症监护信息管理系统","套",6,{"v":30000,"d":"30,000.00"},{"v":180000,"d":"180,000.00"}]
["昆明医科大学第一附属医院","无形资产","A08060399 其他计算机软件","杀毒软件","套",100,{"v":100,"d":"100.00"},{"v":10000,"d":"10,000.00"}]
["昆明医科大学第一附属医院","无形资产","A08060399 其他计算机软件","商用密码应用安全性加固项目","套",1,{"v":300000,"d":"300,000.00"},{"v":300000,"d":"300,000.00"}]
["昆明医科大学第一附属医院","无形资产","A08060399 其他计算机软件","特检设备联网（无纸化提升）项目","套",1,{"v":300000,"d":"300,000.00"},{"v":300000,"d":"300,000.00"}]
["昆明医科大学第一附属医院","无形资产","A08060399 其他计算机软件","网络安全加固","套",1,{"v":200000,"d":"200,000.00"},{"v":200000,"d":"200,000.00"}]
["合计",{"$nulls":4},{"v":1730,"d":"1,730"},null,{"v":208394882,"d":"208,394,882.00"}]
["注：涉及土地使用权、房屋、公务用车购置，按照现行相关管理制度规定报批，以职能部门审批意见为准。"]

{"sheet":"中央转移支付补助项目支出预算表11","index":15,"n_rows":41,"n_cols":11,"rows_kept":41,"merged":[[1,0,1,10],[2,0,2,6],[3,0,5,0],[3,1,5,1],[3,2,5,2],[3,3,5,3],[3,4,5,4],[3,5,5,5],[3,6,5,6],[3,7,5,7],[3,8,3,10],[4,8,5,8],[4,9,5,9],[4,10,5,10],[40,0,40,6]]}
[{"$nulls":10},"预算11表"]
["2026年中央转移支付补助项目支出预算表"]
[{"$f":"\"单位名称：\"&\"昆明医科大学第一附属医院\"","v":"单位名称：昆明医科大学第一附属医院"},{"$nulls":9},"单位：元"]
["项目分类","项目名称","项目单位","功能科目编码","功能科目名称","经济科目编码","经济科目名称","合计","上级补助"]
[{"$nulls":8},"一般公共预算","政府性基金预算","国有资本经营预算"]
[{"$nulls":8},"小计"]
[1,2,3,4,5,6,7,8,9,10,11]
[null,"2026年基本公共卫生服务中央补助资金",{"$nulls":5},{"v":500000,"d":"500,000.00"},{"v":500000,"d":"500,000.00"}]
["事业发展类","2026年基本公共卫生服务中央补助资金","昆明医科大学第一附属医院","2100408","基本公共卫生服务","30211","差旅费",{"v":60000,"d":"60,000.00"},{"v":60000,"d":"60,000.00"}]
["事业发展类","2026年基本公共卫生服务中央补助资金","昆明医科大学第一附属医院","2100408","基本公共卫生服务","30216","培训费",{"v":150000,"d":"150,000.00"},{"v":150000,"d":"150,000.00"}]
["事业发展类","2026年基本公共卫生服务中央补助资金","昆明医科大学第一附属医院","2100408","基本公共卫生服务","30218","专用材料费",{"v":170000,"d":"170,000.00"},{"v":170000,"d":"170,000.00"}]
["事业发展类","2026年基本公共卫生服务中央补助资金","昆明医科大学第一附属医院","2100408","基本公共卫生服务","30226","劳务费",{"v":120000,"d":"120,000.00"},{"v":120000,"d":"120,000.00"}]
[null,"2026年医疗服务与保障能力提升（卫生健康人才培养）补助资金",{"$nulls":5},{"v":12392400,"d":"12,392,400.00"},{"v":12392400,"d":"12,392,400.00"}]
["事业发展类","2026年医疗服务与保障能力提升（卫生健康人才培养）补助资金","昆明医科大学第一附属医院","2100201","综合医院","30202","印刷费",{"v":1800,"d":"1,800.00"},{"v":1800,"d":"1,800.00"}]
["事业发展类","2026年医疗服务与保障能力提升（卫生健康人才培养）补助资金","昆明医科大学第一附属医院","2100201","综合医院","30216","培训费",{"v":770600,"d":"770,600.00"},{"v":770600,"d":"770,600.00"}]
["事业发展类","2026年医疗服务与保障能力提升（卫生健康人才培养）补助资金","昆明医科大学第一附属医院","2100201","综合医院","30218","专用材料费",{"v":60000,"d":"60,000.00"},{"v":60000,"d":"60,000.00"}]
["事业发展类","2026年医疗服务与保障能力提升（卫生健康人才培养）补助资金","昆明医科大学第一附属医院","2100201","综合医院","30226","劳务费",{"v":680200,"d":"680,200.00"},{"v":680200,"d":"680,200.00"}]
["事业发展类","2026年医疗服务与保障能力提升（卫生健康人才培养）补助资金","昆明医科大学第一附属医院","2100201","综合医院","30227","委托业务费",{"v":250000,"d":"250,000.00"},{"v":250000,"d":"250,000.00"}]
["事业发展类","2026年医疗服务与保障能力提升（卫生健康人才培养）补助资金","昆明医科大学第一附属医院","2100201","综合医院","30299","其他商品和服务支出",{"v":32400,"d":"32,400.00"},{"v":32400,"d":"32,400.00"}]
["事业发展类","2026年医疗服务与保障能力提升（卫生健康人才培养）补助资金","昆明医科大学第一附属医院","2100201","综合医院","30305","生活补助",{"v":8881000,"d":"8,881,000.00"},{"v":8881000,"d":"8,881,000.00"}]
["事业发展类","2026年医疗服务与保障能力提升（卫生健康人才培养）补助资金","昆明医科大学第一附属医院","2100201","综合医院","30399","其他对个人和家庭的补助",{"v":1426400,"d":"1,426,400.00"},{"v":1426400,"d":"1,426,400.00"}]
["事业发展类","2026年医疗服务与保障能力提升（卫生健康人才培养）补助资金","昆明医科大学第一附属医院","2100201","综合医院","31007","信息网络及软件购置更新",{"v":290000,"d":"290,000.00"},{"v":290000,"d":"290,000.00"}]
[null,"2026年医疗服务与保障能力提升（医疗卫生机构能力建设疾控部分）补助资金",{"$nulls":5},{"v":128700,"d":"128,700.00"},{"v":128700,"d":"128,700.00"}]
["事业发展类","2026年医疗服务与保障能力提升（医疗卫生机构能力建设疾控部分）补助资金","昆明医科大学第一附属医院","2100201","综合医院","30226","劳务费",{"v":128700,"d":"128,700.00"},{"v":128700,"d":"128,700.00"}]
[null,"2026年医疗服务与保障能力提升医疗卫生机构能力建设（卫健部分）补助资金",{"$nulls":5},{"v":11000000,"d":"11,000,000.00"},{"v":11000000,"d":"11,000,000.00"}]
["事业发展类","2026年医疗服务与保障能力提升医疗卫生机构能力建设（卫健部分）补助资金","昆明医科大学第一附属医院","2100201","综合医院","30202","印刷费",{"v":25000,"d":"25,000.00"},{"v":25000,"d":"25,000.00"}]
["事业发展类","2026年医疗服务与保障能力提升医疗卫生机构能力建设（卫健部分）补助资金","昆明医科大学第一附属医院","2100201","综合医院","30211","差旅费",{"v":155000,"d":"155,000.00"},{"v":155000,"d":"155,000.00"}]
["事业发展类","2026年医疗服务与保障能力提升医疗卫生机构能力建设（卫健部分）补助资金","昆明医科大学第一附属医院","2100201","综合医院","30216","培训费",{"v":917400,"d":"917,400.00"},{"v":917400,"d":"917,400.00"}]
["事业发展类","2026年医疗服务与保障能力提升医疗卫生机构能力建设（卫健部分）补助资金","昆明医科大学第一附属医院","2100201","综合医院","30218","专用材料费",{"v":810000,"d":"810,000.00"},{"v":810000,"d":"810,000.00"}]
["事业发展类","2026年医疗服务与保障能力提升医疗卫生机构能力建设（卫健部分）补助资金","昆明医科大学第一附属医院","2100201","综合医院","30226","劳务费",{"v":322600,"d":"322,600.00"},{"v":322600,"d":"322,600.00"}]
["事业发展类","2026年医疗服务与保障能力提升医疗卫生机构能力建设（卫健部分）补助资金","昆明医科大学第一附属医院","2100201","综合医院","30227","委托业务费",{"v":752000,"d":"752,000.00"},{"v":752000,"d":"752,000.00"}]
["事业发展类","2026年医疗服务与保障能力提升医疗卫生机构能力建设（卫健部分）补助资金","昆明医科大学第一附属医院","2100201","综合医院","30399","其他对个人和家庭的补助",{"v":18000,"d":"18,000.00"},{"v":18000,"d":"18,000.00"}]
["事业发展类","2026年医疗服务与保障能力提升医疗卫生机构能力建设（卫健部分）补助资金","昆明医科大学第一附属医院","2100201","综合医院","31003","专用设备购置",{"v":7600000,"d":"7,600,000.00"},{"v":7600000,"d":"7,600,000.00"}]
["事业发展类","2026年医疗服务与保障能力提升医疗卫生机构能力建设（卫健部分）补助资金","昆明医科大学第一附属医院","2100201","综合医院","31007","信息网络及软件购置更新",{"v":400000,"d":"400,000.00"},{"v":400000,"d":"400,000.00"}]
[null,"2026年重大公共卫生服务补助资金",{"$nulls":5},{"v":978000,"d":"978,000.00"},{"v":978000,"d":"978,000.00"}]
["事业发展类","2026年重大公共卫生服务补助资金","昆明医科大学第一附属医院","2100409","重大公共卫生服务","30216","培训费",{"v":166000,"d":"166,000.00"},{"v":166000,"d":"166,000.00"}]
["事业发展类","2026年重大公共卫生服务补助资金","昆明医科大学第一附属医院","2100409","重大公共卫生服务","30218","专用材料费",{"v":510000,"d":"510,000.00"},{"v":510000,"d":"510,000.00"}]
["事业发展类","2026年重大公共卫生服务补助资金","昆明医科大学第一附属医院","2100409","重大公共卫生服务","30226","劳务费",{"v":128000,"d":"128,000.00"},{"v":128000,"d":"128,000.00"}]
["事业发展类","2026年重大公共卫生服务补助资金","昆明医科大学第一附属医院","2100409","重大公共卫生服务","30227","委托业务费",{"v":90000,"d":"90,000.00"},{"v":90000,"d":"90,000.00"}]
["事业发展类","2026年重大公共卫生服务补助资金","昆明医科大学第一附属医院","2100409","重大公共卫生服务","30399","其他对个人和家庭的补助",{"v":84000,"d":"84,000.00"},{"v":84000,"d":"84,000.00"}]
["合  计",{"$nulls":6},{"v":24999100,"d":"24,999,100.00"},{"v":24999100,"d":"24,999,100.00"}]

{"sheet":"部门项目支出中期规划预算表12","index":16,"n_rows":12,"n_cols":7,"rows_kept":12,"merged":[[1,0,1,6],[2,0,2,3],[3,0,5,0],[3,1,5,1],[3,2,5,2],[3,3,5,3],[3,4,3,6],[4,4,5,4],[4,5,5,5],[4,6,5,6],[11,0,11,3]]}
[{"$nulls":6},"预算12表"]
["2026年部门项目支出中期规划预算表"]
[{"$f":"\"单位名称：\"&\"昆明医科大学第一附属医院\"","v":"单位名称：昆明医科大学第一附属医院"},{"$nulls":5},"单位：元"]
["项目单位","项目分类","项目名称","项目级次","一般公共预算"]
[{"$nulls":4},"2026年","2027年","2028年"]
[{"$nulls":5},"小计"]
[1,2,3,4,5,6,7]
["昆明医科大学第一附属医院",{"$nulls":3},{"v":30832900,"d":"30,832,900.00"},{"v":30832900,"d":"30,832,900.00"},{"v":30832900,"d":"30,832,900.00"}]
[null,"311 专项业务类","专业技术人才专项培养奖励和管理专项资金","本级",{"v":270000,"d":"270,000.00"},{"v":270000,"d":"270,000.00"},{"v":270000,"d":"270,000.00"}]
[null,"311 专项业务类","人才发展专项资金","本级",{"v":3758000,"d":"3,758,000.00"},{"v":3758000,"d":"3,758,000.00"},{"v":3758000,"d":"3,758,000.00"}]
[null,"313 事业发展类","附一院提升医疗服务能力专项资金","本级",{"v":26804900,"d":"26,804,900.00"},{"v":26804900,"d":"26,804,900.00"},{"v":26804900,"d":"26,804,900.00"}]
["合计","",null,null,{"v":30832900,"d":"30,832,900.00"},{"v":30832900,"d":"30,832,900.00"},{"v":30832900,"d":"30,832,900.00"}]